Estatísticas para Todas as Cidades do Brasil em um Mapa

Clique aqui para jogar o quiz

Estatísticas Gerais

  • Esse quiz foi jogado 2 446 vezes
  • A pontuação média é 399 de 5570

Respostas no mapa

Respostas codificadas por cores de uma escala verde-vermelha no mapa do quiz de acordo com a % correta abaixo.
 

Estatísticas das Respostas

Pop.Es.Cidade% Correto
7.623CESenador Sá
95%
35.228SPRio das Pedras
89%
6.718.903RJRio de Janeiro
89%
5.150MGRio do Prado
89%
2.752RSRio dos Índios
89%
12.252.023SPSão Paulo
85%
5.790RSSão Paulo das Missões
84%
39.299AMSão Paulo de Olivença
84%
17.579RNSão Paulo do Potengi
84%
12.568PIPorto
80%
28.596SEPorto da Folha
80%
41.135PAPorto de Moz
80%
6.437RNPorto do Mangue
80%
5.410MTPorto dos Gaúchos
80%
2.182.763AMManaus
75%
2.512.070MGBelo Horizonte
73%
3.015.268DFBrasília
73%
32.347MGBrasília de Minas
73%
2.872.347BASalvador
73%
18.109SECampo do Brito
72%
11.655MGCampo do Meio
72%
7.971PRCampo do Tenente
72%
12.814MGMar de Espanha
72%
13.578BAPé de Serra
72%
10.911PBTacima*
72%
1.933.105PRCuritiba
70%
1.483.771RSPorto Alegre
70%
12.517MTPorto Alegre do Norte
70%
2.710PIPorto Alegre do Piauí
70%
3.139TOPorto Alegre do Tocantins
70%
4.624PRFlor da Serra do Sul
69%
1.582SCFlor do Sertão
69%
2.669.342CEFortaleza
69%
4.412MGFortaleza de Minas
69%
12.631MAFortaleza dos Nogueiras
69%
4.320RSFortaleza dos Valos
69%
17.676PBBelém
68%
1.492.745PABelém
68%
4.344ALBelém
68%
3.566PIBelém do Piauí
68%
1.516.113GOGoiânia
68%
4.682PICoronel José Dias
67%
6.169SCItá
67%
5.156MTRio Branco
67%
407.319ACRio Branco
67%
11.658PASenador José Porfírio
66%
4.979SCVitor Meireles
65%
5.474RSCampina das Missões
64%
6.024SPCampina do Monte Alegre
64%
884.122RNNatal
64%
246.586SCSão José
64%
10.556ESSão José do Calçado
64%
6.705PISão José do Piauí
64%
38.807PAIgarapé-Açu
63%
93.969MGPará de Minas
63%
1.645.727PERecife
63%
1.101.884MASão Luís
63%
9.655RNCampo Grande
62%
9.319PIFrancisco Santos
62%
433.311SPSantos
62%
9.558ALCampo Grande
60%
895.982MSCampo Grande
60%
5.943PICampo Grande do Piauí
60%
4.146SCDona Emma
60%
500.973SCFlorianópolis
60%
809.015PBJoão Pessoa
60%
21.837PBMari
60%
4.912RNCoronel João Pessoa
59%
59.935PIFloriano
59%
1.766RSFloriano Peixoto
59%
16.694ESMarechal Floriano
59%
362.097ESVitória
59%
1.840SPVitória Brasil
59%
338.480BAVitória da Conquista
59%
3.133RSVitória das Missões
59%
138.757PEVitória de Santo Antão
59%
15.931APVitória do Jari
59%
32.764MAVitória do Mearim
59%
15.134PAVitória do Xingu
59%
612.547MTCuiabá
58%
503.327APMacapá
58%
1.018.948ALMaceió
58%
6.616MGPalma
58%
10.795SCBalneário Barra do Sul
57%
529.544ROPorto Velho
57%
1.379.182SPGuarulhos
56%
33.817GOSão Luís de Montes Belos
56%
13.000CESão Luís do Curu
56%
2.644PISão Luis do Piauí
56%
34.555ALSão Luís do Quitunde
56%
864.845PITeresina
56%
3.458GOTeresina de Goiás
54%
919.596RJDuque de Caxias
53%
10.241PRSão João
52%
22.793PESão João
52%
8.201RRSão João da Baliza
52%
7.645CESão João do Jaguaribe
52%
20.601PISão João do Piauí
52%
6.193RNSão João do Sabugi
52%
691.305MGUberlândia
52%
21.220SPGuará
51%
282.123RSSanta Maria
51%
5.551RNSanta Maria
51%
6.173SPSanta Maria da Serra
51%
39.845BASanta Maria da Vitória
51%
40.431ESSanta Maria de Jetibá
51%
9.615PRSanta Maria do Oeste
51%
24.861PASanta Maria do Pará
51%
3.434TOSanta Maria do Tocantins
51%
657.013SEAracaju
50%
399.213RRBoa Vista
50%
7.051PBBoa Vista
50%
9.287MABoa Vista do Gurupi
50%
19.207AMBoa Vista do Ramos
50%
18.576BABoa Vista do Tupim
50%
6.891MTCampos de Júlio
50%
507.548RJCampos dos Goytacazes
50%
27.426CECampos Sales
50%
23.350MADom Pedro
50%
2.534RSDom Pedro de Alcântara
50%
3.061PEFernando de Noronha
50%
3.054RNFernando Pedroza
50%
5.783SPFernando Prestes
50%
173.939SPItu
50%
6.089MGPai Pedro
50%
1.204.073SPCampinas
49%
5.613PICampinas do Piauí
49%
5.454RSCampinas do Sul
49%
513.584RJNiterói
49%
3.340SPRibeira
49%
4.477PIRibeira do Piauí
49%
28.507MASão Bernardo
49%
838.936SPSão Bernardo do Campo
49%
569.733PRLondrina
48%
3.148PBSerra da Raiz
48%
5.397APSerra do Navio
48%
31.472BASerra do Ramalho
48%
86.350PESerra Talhada
48%
698.418SPOsasco
47%
4.849TOPau D'Arco
47%
5.483PAPau D'Arco
47%
4.045PIPau D'Arco do Piauí
47%
30.394RNPau dos Ferros
47%
47.415PERibeirão
47%
5.812BARibeirão do Largo
47%
13.029PRRibeirão do Pinhal
47%
2.521PBSanto André
47%
718.773SPSanto André
47%
517.510ESSerra
47%
164.880MACaxias
45%
510.906RSCaxias do Sul
45%
258.532PRFoz do Iguaçu
45%
2.105RNMonte das Gameleiras
45%
7.947TOMonte do Carmo
45%
4.816PBMonte Horebe
45%
7.295SCOuro
45%
36.157SPAparecida
44%
8.347PBAparecida
44%
578.179GOAparecida de Goiânia
44%
4.795TOAparecida do Rio Negro
44%
25.745MSAparecida do Taboado
44%
3.951PIBarra D'Alcântara
43%
14.385PEBarra de Guabiraba
43%
44.650ESBarra de São Francisco
43%
88.212MABarra do Corda
43%
2.781PRBarra do Jacaré
43%
4.591TOBarra do Ouro
43%
100.374RJBarra do Piraí
43%
30.407SEBarra dos Coqueiros
43%
590.466SCJoinville
43%
14.095MGMaria da Fé
43%
460.671SPSão José do Rio Preto
43%
4.325RSGramado Xavier
42%
8.761BAItapé
42%
37.245PESão Caitano
42%
220.367SCChapecó
41%
62.698PAIgarapé-Miri
41%
31.082PAPonta de Pedras
41%
26.614BASantana
41%
121.364APSantana
41%
72.817PASantana do Araguaia
41%
4.992PRSantana do Itararé
41%
13.386MASantana do Maranhão
41%
4.634PISantana do Piauí
41%
7.780SESantana do São Francisco
41%
18.050PASão Caetano de Odivelas
41%
161.127SPSão Caetano do Sul
41%
1.084.839RJSão Gonçalo
41%
48.422CESão Gonçalo do Amarante
41%
102.400RNSão Gonçalo do Amarante
41%
5.015PISão Gonçalo do Piauí
41%
37.550BASão Gonçalo dos Campos
41%
5.971RNSão Pedro
41%
35.653SPSão Pedro
41%
104.476RJSão Pedro da Aldeia
41%
4.727MTSão Pedro da Cipa
41%
2.313PRSão Pedro do Paraná
41%
14.291PISão Pedro do Piauí
41%
679.378SPSorocaba
41%
53.578BABarra
40%
36.232RSGramado
40%
392.482PEOlinda
40%
50.986PRPalmas
40%
299.127TOPalmas
40%
21.750BAPalmas de Monte Alto
40%
342.405RSPelotas
40%
703.293SPRibeirão Preto
40%
211.005RSRio Grande
40%
50.846SPRio Grande da Serra
40%
1.165SPUru
40%
24.827CECruz
39%
63.239BACruz das Almas
39%
17.319PBCruz do Espírito Santo
39%
74.281MGOuro Preto
39%
306.191RJPetrópolis
39%
24.136RNSanto Antônio
39%
6.283GOSanto Antônio de Goiás
39%
101.512BASanto Antônio de Jesus
39%
42.479RJSanto Antônio de Pádua
39%
21.602AMSanto Antônio do Içá
39%
14.528MASanto Antônio dos Lopes
39%
31.482PASanto Antônio do Tauá
39%
13.470PBArara
38%
568.873MGJuiz de Fora
38%
10.449TOParanã
38%
4.254RNParaná
38%
148.686BAPorto Seguro
38%
23.906RSTrês de Maio
38%
333.783MGUberaba
38%
142.295SCBalneário Camboriú
37%
357.199SCBlumenau
37%
409.731PBCampina Grande
37%
43.288PRCampina Grande do Sul
37%
9.031RSCasca
37%
423.884SPDiadema
37%
614.872BAFeira de Santana
37%
216.707BAJuazeiro
37%
274.207CEJuazeiro do Norte
37%
5.478PIJuazeiro do Piauí
37%
423.666PRMaringá
37%
1.246PIMiguel Leão
37%
8.432TOPraia Norte
37%
365.798SPSão Vicente
37%
6.424RNSão Vicente
37%
7.753MGSão Vicente de Minas
37%
10.775PBSão Vicente do Seridó
37%
8.721RSSão Vicente do Sul
37%
18.018PESão Vicente Ferrer
37%
22.247MASão Vicente Ferrer
37%
493.838ESVila Velha
37%
207.048PECabo de Santo Agostinho
36%
3.898RNJundiá
36%
4.155ALJundiá
36%
2.293RSPaulo Bento
36%
228.743SPPresidente Prudente
36%
74.744GOSanto Antônio do Descoberto
36%
6.486SCÁguas de Chapecó
35%
215.186SCCriciúma
35%
445.842SPMogi das Cruzes
35%
821.128RJNova Iguaçu
35%
2.929GONova Iguaçu de Goiás
35%
9.579PRRondon
35%
52.357PARondon do Pará
35%
721.944SPSão José dos Campos
35%
115.552MGUbá
35%
376.818SPBauru
34%
7.807MAGovernador Luiz Rocha
34%
404.142SPPiracicaba
34%
56.323MGSão Francisco
34%
3.392PBSão Francisco
34%
2.821SPSão Francisco
34%
3.724SESão Francisco
34%
6.264GOSão Francisco de Goiás
34%
42.205RJSão Francisco de Itabapoana
34%
39.802BASão Francisco do Conde
34%
20.266ROSão Francisco do Guaporé
34%
12.210MASão Francisco do Maranhão
34%
15.882PASão Francisco do Pará
34%
6.423PISão Francisco do Piauí
34%
52.721SCSão Francisco do Sul
34%
23.519RNSão Miguel
34%
32.931SPSão Miguel Arcanjo
34%
11.675BASão Miguel das Matas
34%
7.673RSSão Miguel das Missões
34%
7.368PBSão Miguel de Taipu
34%
3.930SESão Miguel do Aleixo
34%
6.938MGSão Miguel do Anta
34%
58.986PASão Miguel do Guamá
34%
23.005ROSão Miguel do Guaporé
34%
27.452PRSão Miguel do Iguaçu
34%
12.139TOSão Miguel do Tocantins
34%
328.454PRCascavel
33%
71.743CECascavel
33%
8.873SPDourado
33%
320.459SPGuarujá
33%
5.160SCGuarujá do Sul
33%
162.327BAIlhéus
33%
15.245ALPasso de Camaragibe
33%
8.823SCPasso de Torres
33%
6.535RSPasso do Sobrado
33%
251.983SPSão Carlos
33%
11.281SCSão Carlos
33%
6.878PRSão Carlos do Ivaí
33%
203.785RJAngra dos Reis
32%
238.882SPMarília
32%
351.736PRPonta Grossa
32%
6.583PBSanta Cruz
32%
15.398PESanta Cruz
32%
39.674RNSanta Cruz
32%
2.855GOSanta Cruz de Goiás
32%
8.604MGSanta Cruz de Minas
32%
7.800PRSanta Cruz de Monte Castelo
32%
10.128PASanta Cruz do Arari
32%
130.416RSSanta Cruz do Sul
32%
2.564MTSanta Cruz do Xingu
32%
273.012RJVolta Redonda
32%
439.340MGBetim
31%
279.885MGGovernador Valadares
31%
4.666PBLagoa
31%
2.903RSLagoa Bonita do Sul
31%
17.852ALLagoa da Canoa
31%
11.250MALagoa do Mato
31%
1.609RSLagoa dos Três Cantos
31%
4.316TOLagoa do Tocantins
31%
306.114SPLimeira
31%
7.536MGLimeira do Oeste
31%
60.724MGMariana
31%
7.657RSParaí
31%
349.145PEPetrolina
31%
10.281GOPetrolina de Goiás
31%
7.319SCPraia Grande
31%
325.073SPPraia Grande
31%
61.251ALSão Miguel dos Campos
31%
51.714MAZé Doca
31%
386.923GOAnápolis
30%
3.353RSBraga
30%
6.704RSChuí
30%
11.134MGEngenheiro Caldas
30%
8.520SEIlha das Flores
30%
2.636PBJoca Claudino*
30%
246.748RSNovo Hamburgo
30%
18.930ACRodrigues Alves
30%
304.589PASantarém
30%
182.594RJTeresópolis
30%
16.094BAAmérica Dourada
29%
274.182SPBarueri
29%
510.906RJBelford Roxo
29%
226.525RJCabo Frio
29%
82.238SPCruzeiro
29%
3.626MGCruzeiro da Fortaleza
29%
88.376ACCruzeiro do Sul
29%
12.348RSCruzeiro do Sul
29%
353.187SPFranca
29%
418.962SPJundiaí
29%
3.292PRJundiaí do Sul
29%
256.672RJMacaé
29%
33.760PIMiguel Alves
29%
409.341MGMontes Claros
29%
8.055GOMontes Claros de Goiás
29%
4.094SPPresidente Alves
29%
206.424SPRio Claro
29%
18.529RJRio Claro
29%
5.476MGRio Preto
29%
33.347AMRio Preto da Eva
29%
12.597BASanta Luzia
29%
72.667MASanta Luzia
29%
219.134MGSanta Luzia
29%
15.382PBSanta Luzia
29%
314.924SPTaubaté
29%
30.084ESAlegre
28%
122.098SPBarretos
28%
33.470BACachoeira
28%
1.351GOCachoeira de Goiás
28%
11.547MGCachoeira de Minas
28%
9.412MGCachoeira de Pajeú
28%
10.244PBCachoeira dos Índios
28%
82.201RSCachoeira do Sul
28%
33.327SPCachoeira Paulista
28%
4.539GOItajá
28%
7.548RNItajá
28%
472.912SPMauá
28%
10.601PRMauá da Serra
28%
107.605PBPatos
28%
152.488MGPatos de Minas
28%
6.392PIPatos do Piauí
28%
168.328SPPindamonhangaba
28%
235.647GORio Verde
28%
19.746MSRio Verde de Mato Grosso
28%
37.855MASanta Rita
28%
136.586PBSanta Rita
28%
28.338BASanta Rita de Cássia
28%
7.212MGSanta Rita de Minas
28%
2.365TOSanta Rita do Tocantins
28%
3.429MTSanta Rita do Trivelato
28%
34.152ALSão Sebastião
28%
88.980SPSão Sebastião
28%
8.853PRSão Sebastião da Amoreira
28%
26.640PASão Sebastião da Boa Vista
28%
9.357RJSão Sebastião do Alto
28%
25.685RSSão Sebastião do Caí
28%
44.300BASão Sebastião do Passé
28%
4.805TOSão Sebastião do Tocantins
28%
14.020AMSão Sebastião do Uatumã
28%
90.799SPUbatuba
28%
126.970RSUruguaiana
28%
236.072SPAraraquara
27%
16.286PABonito
27%
16.764BABonito
27%
38.134PEBonito
27%
21.976MSBonito
27%
11.230MGBonito de Minas
27%
11.917PBBonito de Santa Fé
27%
127.686PABragança
27%
168.668SPBragança Paulista
27%
346.616RSCanoas
27%
54.303PACapitão Poço
27%
663.855MGContagem
27%
4.469PRCruzeiro do Sul
27%
47.723MGDiamantina
27%
19.931MGDivino
27%
4.304ESDivino de São Lourenço
27%
22.645GOGoiás
27%
5.253ALJacaré dos Homens
27%
31.324MGSanta Bárbara
27%
20.791BASanta Bárbara
27%
6.560GOSanta Bárbara de Goiás
27%
193.475SPSanta Bárbara d'Oeste
27%
21.079PASanta Bárbara do Pará
27%
7.994RSSanta Bárbara do Sul
27%
2.980SPBento de Abreu
26%
5.497RNBento Fernandes
26%
2.561PBBom Jesus
26%
25.179PIBom Jesus
26%
10.210RNBom Jesus
26%
3.010SCBom Jesus
26%
11.349RSBom Jesus
26%
34.028MABom Jesus das Selvas
26%
25.216GOBom Jesus de Goiás
26%
6.580MTBom Jesus do Araguaia
26%
37.096RJBom Jesus do Itabapoana
26%
9.936ESBom Jesus do Norte
26%
25.448SPBom Jesus dos Perdões
26%
3.541PRBom Jesus do Sul
26%
16.981PABom Jesus do Tocantins
26%
4.894TOBom Jesus do Tocantins
26%
44.998RSCanela
26%
370.821SPItaquaquecetuba
26%
702.298PEJaboatão dos Guararapes
26%
157.544SCLages
26%
2.098RSPoço das Antas
26%
4.307PBPoço de José de Moura
26%
208.935CESobral
26%
297.637SPSuzano
26%
135.558MGVarginha
26%
134.236SPAraras
25%
52.088SPCampos do Jordão
25%
22.624PEFlores
25%
30.745RSFlores da Cunha
25%
16.557GOFlores de Goiás
25%
4.463PIFlores do Piauí
25%
258.682MAImperatriz
25%
150.252SPJaú
25%
3.849TOJaú do Tocantins
25%
18.215MGLuz
25%
190.631RJNova Friburgo
25%
232.491MTRondonópolis
25%
5.860PISanta Luz
25%
37.348BASantaluz
25%
34.031PBSão Bento
25%
45.211MASão Bento
25%
84.507SCSão Bento do Sul
25%
5.324TOSão Bento do Tocantins
25%
59.504PESão Bento do Una
25%
130.611ESSão Mateus
25%
41.529MASão Mateus do Maranhão
25%
46.261PRSão Mateus do Sul
25%
104.386SPAssis
24%
7.417ACAssis Brasil
24%
33.362PRAssis Chateaubriand
24%
14.480MGCaldas
24%
6.014PBCaldas Brandão
24%
361.118PECaruaru
24%
4.804GODivinópolis de Goiás
24%
6.900TODivinópolis do Tocantins
24%
2.824RNFrancisco Dantas
24%
175.844SPFrancisco Morato
24%
7.767ROGovernador Jorge Teixeira
24%
4.823RSMata
24%
46.583BAMata de São João
24%
8.688MGMonsenhor Paulo
24%
297.378RNMossoró
24%
27.270APOiapoque
24%
113.542SPOurinhos
24%
33.877PRPalmeira
24%
2.627SCPalmeira
24%
33.303RSPalmeira das Missões
24%
9.283SPPalmeira d'Oeste
24%
5.043PIPalmeira do Piauí
24%
73.218ALPalmeira dos Índios
24%
331.774PEPaulista
24%
12.347PBPaulista
24%
64.258MGPedro Leopoldo
24%
62.105RSSão Gabriel
24%
18.793BASão Gabriel
24%
45.564AMSão Gabriel da Cachoeira
24%
37.947ESSão Gabriel da Palha
24%
26.771MSSão Gabriel do Oeste
24%
7.986RRSão Luiz
24%
5.167GOSão Luiz do Norte
24%
10.687SPSão Luiz do Paraitinga
24%
33.468RSSão Luiz Gonzaga
24%
1.970RSSete de Setembro
24%
5.500RNVárzea
24%
2.810PBVárzea
24%
40.721CEVárzea Alegre
24%
39.493MGVárzea da Palma
24%
121.838SPVárzea Paulista
24%
14.529RNAlto do Rodrigues
23%
239.597SPAmericana
23%
134.723SCBrusque
23%
82.989SCCamboriú
23%
111.435MSCorumbá
23%
11.110GOCorumbá de Goiás
23%
238.230MGDivinópolis
23%
4.195MGDom Joaquim
23%
222.949MSDourados
23%
273.726SPEmbu das Artes
23%
263.410MGIpatinga
23%
27.125SPItaí
23%
57.488SPJaguariúna
23%
23.840BALaje
23%
7.355RJLaje do Muriaé
23%
279.349PAMarabá
23%
5.853SPMarabá Paulista
23%
43.165RJParaty
23%
8.945SPPaulo de Faria
23%
16.667BAPedro Alexandre
23%
11.331SPPedro de Toledo
23%
25.144MAPedro do Rosário
23%
38.742PIPedro II
23%
6.089PBPedro Régis
23%
92.526MSPonta Porã
23%
334.858MGRibeirão das Neves
23%
142.996MTSinop
23%
289.664SPTaboão da Serra
23%
13.135BAAracatu
22%
249.210SPCotia
22%
219.536SCItajaí
22%
65.534MTLucas do Rio Verde
22%
245.071RJMagé
22%
13.997BANilo Peçanha
22%
39.500MGOuro Branco
22%
4.812RNOuro Branco
22%
11.496ALOuro Branco
22%
153.078PIParnaíba
22%
203.275RSPasso Fundo
22%
131.341RJResende
22%
5.722PRSão Tomé
22%
11.055RNSão Tomé
22%
13.870ALSenador Rui Palmeira
22%
105.686SCTubarão
22%
11.781RSVale do Sol
22%
129.193SPValinhos
22%
114.594PAAltamira
21%
8.128MAAltamira do Maranhão
21%
1.942PRAltamira do Paraná
21%
530.598PAAnanindeua
21%
121.143RSBagé
21%
381.285ESCariacica
21%
84.074PEGravatá
21%
230.851SPHortolândia
21%
50.266MALago da Pedra
21%
22.617PEPedra
21%
5.415RSSertão
21%
7.981MGTiradentes
21%
5.704RSTiradentes do Sul
21%
106.229MGAraxá
20%
22.425CEBarreira
20%
130.705SPCubatão
20%
105.862RSErechim
20%
17.934MAGonçalves Dias
20%
124.859ESGuarapari
20%
34.970SPIlhabela
20%
251.627SPIndaiatuba
20%
4.776SPJúlio Mesquita
20%
78.013SPLins
20%
87.519BALuís Eduardo Magalhães
20%
10.116RNLuís Gomes
20%
151.888SPMogi Guaçu
20%
162.485RJNilópolis
20%
82.881PRPato Branco
20%
167.397MGPoços de Caldas
20%
150.674RJRio das Ostras
20%
34.170PRRio Negro
20%
4.831MSRio Negro
20%
6.495ROSanta Luzia D'Oeste
20%
14.035SESanta Luzia do Itanhy
20%
7.296ALSanta Luzia do Norte
20%
19.848PASanta Luzia do Pará
20%
60.069BASanto Amaro
20%
12.102SESanto Amaro das Brotas
20%
15.846MASanto Amaro do Maranhão
20%
26.952SCSão Joaquim
20%
51.888SPSão Joaquim da Barra
20%
31.578MGSão Joaquim de Bicas
20%
21.356PESão Joaquim do Monte
20%
236.835RSSão Leopoldo
20%
45.851MGSão Lourenço
20%
113.230PESão Lourenço da Mata
20%
15.825SPSão Lourenço da Serra
20%
24.076SCSão Lourenço do Oeste
20%
4.573PISão Lourenço do Piauí
20%
43.582RSSão Lourenço do Sul
20%
91.016SPSão Roque
20%
7.051MGSão Roque de Minas
20%
12.415ESSão Roque do Canaã
20%
79.482MGTrês Corações
20%
58.017RNAçu
19%
9.109APAmapá
19%
197.016SPAraçatuba
19%
231.747ALArapiraca
19%
142.761SPAtibaia
19%
11.568PRBarbosa Ferraz
19%
40.103MGBrumadinho
19%
208.972ESCachoeiro de Itapemirim
19%
91.162GOCaldas Novas
19%
16.212RSGetúlio Vargas
19%
121.798SPGuaratinguetá
19%
213.223BAItabuna
19%
17.796SCMorro da Fumaça
19%
35.413BAMorro do Chapéu
19%
6.796PIMorro do Chapéu do Piauí
19%
3.813PRSanta Lúcia
19%
8.817SPSanta Lúcia
19%
73.254RSSanta Rosa
19%
3.350MGSanta Rosa da Serra
19%
2.319GOSanta Rosa de Goiás
19%
3.913SESanta Rosa de Lima
19%
26.540SPSanta Rosa de Viterbo
19%
5.257PISanta Rosa do Piauí
19%
6.540ACSanta Rosa do Purus
19%
4.829TOSanta Rosa do Tocantins
19%
323.340PRSão José dos Pinhais
19%
7.145RNAntônio Martins
18%
18.982PBConceição
18%
23.228RJConceição de Macabu
18%
4.803PIConceição do Canindé
18%
16.237MAConceição do Lago-Açu
18%
4.105TOConceição do Tocantins
18%
59.155PAJacundá
18%
56.250PELimoeiro
18%
28.635ALLimoeiro de Anadia
18%
28.935PALimoeiro do Ajuru
18%
59.540CELimoeiro do Norte
18%
173.555ESLinhares
18%
4.008PRNossa Senhora das Graças
18%
13.216MTNossa Senhora do Livramento
18%
150.737MGPouso Alegre
18%
118.663SPSalto
18%
7.009MGSalto da Divisa
18%
3.365MTSalto do Céu
18%
12.449RSSalto do Jacuí
18%
90.072SESão Cristóvão
18%
5.549SCSão Cristovão do Sul
18%
472.406RJSão João de Meriti
18%
239.639MGSete Lagoas
18%
282.441SPSumaré
18%
2.412SPTorre de Pedra
18%
255.224RSViamão
18%
78.728SPVinhedo
18%
2.674MGAlagoa
17%
73.589RSAlegrete
17%
4.915PIAlegrete do Piauí
17%
4.727PIArraial
17%
30.349RJArraial do Cabo
17%
24.629MSBela Vista
17%
29.975GOBela Vista de Goiás
17%
10.255MGBela Vista de Minas
17%
11.209MABela Vista do Maranhão
17%
4.015PIBela Vista do Piauí
17%
6.337SCBela Vista do Toldo
17%
120.454RSBento Gonçalves
17%
146.497SPBotucatu
17%
121.532SPCaraguatatuba
17%
18.837MGCarlos Chagas
17%
66.612BAConceição do Coité
17%
4.786PBCongo
17%
13.547RSFeliz
17%
3.966MGGoianá
17%
79.758PEGoiana
17%
281.519RSGravataí
17%
233.662SPJacareí
17%
50.511GOJaraguá
17%
177.697SCJaraguá do Sul
17%
128.969ROJi-Paraná
17%
5.951RNJosé da Penha
17%
39.208PIJosé de Freitas
17%
84.014RSLajeado
17%
3.134TOLajeado
17%
103.773MGLavras
17%
31.508CELavras da Mangabeira
17%
7.480RSLavras do Sul
17%
8.075RSMinas do Leão
17%
154.936PRParanaguá
17%
114.679MGPassos
17%
132.157PRPinhais
17%
83.387MAPinheiro
17%
12.271RSPinheiro Machado
17%
117.452SPPoá
17%
11.193MAPresidente Vargas
17%
23.345PBPrincesa Isabel
17%
5.024PBSertãozinho
17%
125.815SPSertãozinho
17%
140.635PRToledo
17%
6.258MGToledo
17%
65.524SPTupã
17%
11.309MTVera
17%
3.077PIVera Mendes
17%
2.971PIVila Nova do Piauí
17%
13.392MAVila Nova dos Martírios
17%
4.280RSVila Nova do Sul
17%
14.489PBAlagoinha
16%
14.636PEAlagoinha
16%
7.651PIAlagoinha do Piauí
16%
137.313MGBarbacena
16%
299.132BACamaçari
16%
400.927SPCarapicuíba
16%
121.862SPCatanduva
16%
69.116SPFernandópolis
16%
194.276SPFerraz de Vasconcelos
16%
6.774PRFloresta
16%
32.873PEFloresta
16%
20.304PAFloresta do Araguaia
16%
2.558PIFloresta do Piauí
16%
121.617GOFormosa
16%
19.089MAFormosa da Serra Negra
16%
6.578PRFormosa do Oeste
16%
25.591BAFormosa do Rio Preto
16%
2.510SCFormosa do Sul
16%
70.084GOGoianésia
16%
40.475PAGoianésia do Pará
16%
14.930SPHolambra
16%
4.903SEItabi
16%
237.700SPItapevi
16%
2.419RSItati
16%
2.564RSLajeado do Bugre
16%
198.440BALauro de Freitas
16%
88.706SPLorena
16%
2.442SCNovo Horizonte
16%
12.385BANovo Horizonte
16%
41.052SPNovo Horizonte
16%
4.004MTNovo Horizonte do Norte
16%
8.538RONovo Horizonte do Oeste
16%
3.814MSNovo Horizonte do Sul
16%
3.437SCParaíso
16%
6.454SPParaíso
16%
5.555MSParaíso das Águas
16%
13.830PRParaíso do Norte
16%
7.611RSParaíso do Sul
16%
51.252TOParaíso do Tocantins
16%
13.277RNPassa e Fica
16%
1.807MGPedro Teixeira
16%
70.956MGSão Sebastião do Paraíso
16%
90.313MTSorriso
16%
19.002BAUna
16%
4.462PIWall Ferraz
16%
14.068RSBalneário Pinhal
15%
18.895RJCarmo
15%
14.859MGCarmo de Minas
15%
10.082GOCarmo do Rio Verde
15%
37.534ESCastelo
15%
19.716PICastelo do Piauí
15%
361.400CECaucaia
15%
243.726PRColombo
15%
22.921MGConselheiro Pena
15%
132.123CECrato
15%
8.911MGGuarani
15%
7.537RSGuarani das Missões
15%
3.893GOGuarani de Goiás
15%
2.000SPGuarani d'Oeste
15%
5.878RNItaú
15%
16.108MGItaú de Minas
15%
10.848RSJaguari
15%
103.391SPLeme
15%
4.918MGLeme do Prado
15%
18.407MGManga
15%
59.824SPMirassol
15%
27.739MTMirassol d'Oeste
15%
93.189SPMogi Mirim
15%
108.763MGMuriaé
15%
183.628SENossa Senhora do Socorro
15%
9.019BAPalmeiras
15%
28.858GOPalmeiras de Goiás
15%
6.658TOPalmeiras do Tocantins
15%
44.285RJParaíba do Sul
15%
6.711MTPontal do Araguaia
15%
27.284PRPontal do Paraná
15%
123.393SPRibeirão Pires
15%
66.580PRRolândia
15%
55.058RORolim de Moura
15%
136.344MGSabará
15%
54.946SPSão José do Rio Pardo
15%
21.556RSSão Marcos
15%
89.170RJSaquarema
15%
69.444PBSousa
15%
15.161PBTeixeira
15%
160.487BATeixeira de Freitas
15%
12.367PRTeixeira Soares
15%
140.592MGTeófilo Otoni
15%
38.732RSTorres
15%
127.599GOTrindade
15%
30.521PETrindade
15%
5.802RSTrindade do Sul
15%
10.537SPVargem
15%
2.477SCVargem
15%
4.391PIVárzea Grande
15%
284.971MTVárzea Grande
15%
1.815RSVespasiano Corrêa
15%
25.733ALViçosa
15%
78.846MGViçosa
15%
1.718RNViçosa
15%
60.889CEViçosa do Ceará
15%
3.164PIAntônio Almeida
14%
8.513SCAntônio Carlos
14%
8.956MSAntônio João
14%
13.050RSAntônio Prado
14%
8.439MGAraponga
14%
143.843PRAraucária
14%
184.412RJBarra Mansa
14%
155.439BABarreiras
14%
3.348PIBarreiras do Piauí
14%
24.403SPBrotas
14%
10.231BABrotas de Macaúbas
14%
73.497RNCeará-Mirim
14%
122.499ESColatina
14%
54.762MGCongonhas
14%
34.116RSEstrela
14%
18.205ALEstrela de Alagoas
14%
3.275GOEstrela do Norte
14%
154.489SPFranco da Rocha
14%
139.788PEGaranhuns
14%
83.475RSIjuí
14%
4.446SCIpira
14%
59.595BAIpirá
14%
101.816SPItanhaém
14%
21.762MGItapecerica
14%
175.693SPItapecerica da Serra
14%
104.742GOItumbiara
14%
51.901ALMarechal Deodoro
14%
161.207RJMaricá
14%
5.605MGMesquita
14%
176.103RJMesquita
14%
26.023BAMiguel Calmon
14%
25.538RJMiguel Pereira
14%
94.889MGNova Lima
14%
171.797SCPalhoça
14%
114.273AMParintins
14%
109.424SPPaulínia
14%
78.222PIPicos
14%
49.961SPPontal
14%
17.471SCPresidente Getúlio
14%
150.319RJQueimados
14%
20.546PERiacho das Almas
14%
35.421BARiacho de Santana
14%
9.481MGRiacho dos Machados
14%
4.312PIRiacho Frio
14%
5.889PBSanta Helena
14%
2.223SCSanta Helena
14%
26.490PRSanta Helena
14%
42.130MASanta Helena
14%
38.648GOSanta Helena de Goiás
14%
6.366MGSanta Helena de Minas
14%
3.809GOSanta Isabel
14%
57.386SPSanta Isabel
14%
70.801PASanta Izabel do Pará
14%
45.848ACSena Madureira
14%
20.966MGSerro
14%
121.766SPTatuí
14%
18.705SPÁguas de Lindóia
13%
118.623PRAlmirante Tamandaré
13%
1.964RSAlmirante Tamandaré do Sul
13%
8.412TOAlvorada
13%
210.305RSAlvorada
13%
3.606MGAlvorada de Minas
13%
14.411ROAlvorada D'Oeste
13%
5.419PIAlvorada do Gurguéia
13%
8.660GOAlvorada do Norte
13%
11.406PRAlvorada do Sul
13%
134.996PRApucarana
13%
33.870RJArmação dos Búzios
13%
22.680CEBarro
13%
123.638SPBirigui
13%
69.148BABom Jesus da Lapa
13%
2.275TOCachoeirinha
13%
20.380PECachoeirinha
13%
130.293RSCachoeirinha
13%
9.981SCCoronel Freitas
13%
4.355PIDomingos Mourão
13%
10.453PBDona Inês
13%
72.331RSFarroupilha
13%
67.683MGFormiga
13%
2.989PBFrei Martinho
13%
15.457PEFrei Miguelinho
13%
15.421SEFrei Paulo
13%
181.504PRGuarapuava
13%
67.337CEHorizonte
13%
12.393SPIbirá
13%
18.103PBIngá
13%
120.060MGItabira
13%
240.592RJItaboraí
13%
163.901SPItapetininga
13%
43.120SPItápolis
13%
5.274PRJaboti
13%
124.937SPJandira
13%
27.174CEJardim
13%
26.097MSJardim
13%
4.504PIJardim do Mulato
13%
100.882GOJataí
13%
104.408SELagarto
13%
5.852PRLaranjal
13%
6.810MGLaranjal
13%
50.410APLaranjal do Jari
13%
28.516SPLaranjal Paulista
13%
11.409BALençóis
13%
68.432SPLençóis Paulista
13%
208.299GOLuziânia
13%
29.473PAMaracanã
13%
32.704ALMaragogi
13%
81.475SCNavegantes
13%
63.250PEPalmares
13%
11.318RSPalmares do Sul
13%
13.275SPPalmares Paulista
13%
88.374PRParanavaí
13%
3.768RNParaú
13%
32.531SCPenha
13%
2.304RSPirapó
13%
53.098SPPorto Feliz
13%
6.331SPSales
13%
2.115SPSanta Clara d'Oeste
13%
6.603RSSanta Clara do Sul
13%
25.156AMSanta Isabel do Rio Negro
13%
23.590ESSanta Teresa
13%
60.282RSSão Borja
13%
14.740BASão Félix
13%
4.585MASão Félix de Balsas
13%
3.369MGSão Félix de Minas
13%
11.708MTSão Félix do Araguaia
13%
2.942PISão Félix do Piauí
13%
1.585TOSão Félix do Tocantins
13%
128.481PASão Félix do Xingu
13%
90.082MGSão João del Rei
13%
41.005SPSocorro
13%
4.569PISocorro do Piauí
13%
121.388MSTrês Lagoas
13%
111.557PRUmuarama
13%
4.670RSVicente Dutra
13%
99.854ROVilhena
13%
94.547SPVotuporanga
13%
57.157SPAndradina
12%
63.249SPBertioga
12%
27.281ALBoca da Mata
12%
34.308AMBoca do Acre
12%
27.446RJBom Jardim
12%
39.184PEBom Jardim
12%
41.630MABom Jardim
12%
4.743SCBom Jardim da Serra
12%
8.841GOBom Jardim de Goiás
12%
6.474MGBom Jardim de Minas
12%
11.872MSBrasilândia
12%
16.538MGBrasilândia de Minas
12%
2.651PRBrasilândia do Sul
12%
2.201TOBrasilândia do Tocantins
12%
200.793PACastanhal
12%
128.589MGConselheiro Lafaiete
12%
6.552PBDiamante
12%
8.385RSGeneral Câmara
12%
6.640RSIpê
12%
11.950RRIracema
12%
14.297CEIracema
12%
2.288PRIracema do Oeste
12%
34.348ESItapemirim
12%
104.671MGItuiutaba
12%
29.826SELaranjeiras
12%
32.073PRLaranjeiras do Sul
12%
7.980SPLindóia
12%
18.676BAMairi
12%
83.170SPMatão
12%
28.525BANazaré
12%
3.898TONazaré
12%
32.471PENazaré da Mata
12%
7.339PINazaré do Piauí
12%
18.524SPNazaré Paulista
12%
54.772SPOlímpia
12%
41.687MGOliveira
12%
1.112TOOliveira de Fátima
12%
21.825BAOliveira dos Brejinhos
12%
261.469RNParnamirim
12%
22.010PEParnamirim
12%
63.683ALPenedo
12%
68.284SPPeruíbe
12%
2.748MGPiau
12%
56.322SPRegistro
12%
12.037PRSanta Fé
12%
5.459GOSanta Fé de Goiás
12%
3.846MGSanta Fé de Minas
12%
7.512TOSanta Fé do Araguaia
12%
32.322SPSanta Fé do Sul
12%
77.027RSSant'Ana do Livramento
12%
2.824RSSão Jorge
12%
14.967RSSobradinho
12%
23.191BASobradinho
12%
16.659MGTocantins
12%
15.495SPTupi Paulista
12%
66.218RSVacaria
12%
36.896RJVassouras
12%
127.601MGVespasiano
12%
122.480SPVotorantim
12%
99.990PEAbreu e Lima
11%
72.195SPAmparo
11%
2.238PBAmparo
11%
2.374SEAmparo de São Francisco
11%
4.713MGAmparo do Serra
11%
180.470TOAraguaína
11%
89.824SPArujá
11%
90.655SPAvaré
11%
13.071SCBalneário Arroio do Silva
11%
10.945SPBananal
11%
94.263SPCaçapava
11%
33.624RSCaçapava do Sul
11%
132.002PRCampo Largo
11%
7.279PICampo Largo do Piauí
11%
55.768SPCapivari
11%
24.871SCCapivari de Baixo
11%
4.660RSCapivari do Sul
11%
71.484PRCastro
11%
9.269RSChapada
11%
15.356MGChapada do Norte
11%
19.752MTChapada dos Guimarães
11%
12.652PRCidade Gaúcha
11%
15.253MSCoronel Sapucaia
11%
8.009RSCristal
11%
2.847RSCristal do Sul
11%
21.547SPCunha
11%
4.549RSDoutor Maurício Cardoso
11%
3.282RSEsmeralda
11%
10.505RNEspírito Santo
11%
4.692MGEspírito Santo do Dourado
11%
11.819MAGodofredo Viana
11%
14.209GOGuapó
11%
68.018CEIcó
11%
19.861MGIpanema
11%
15.172PRIpiranga
11%
2.893GOIpiranga de Goiás
11%
7.667MTIpiranga do Norte
11%
9.811PIIpiranga do Piauí
11%
1.889RSIpiranga do Sul
11%
36.447PEItambé
11%
23.049BAItambé
11%
6.108PRItambé
11%
2.081MGItambé do Mato Dentro
11%
3.810RSJaboticaba
11%
155.966BAJequié
11%
7.739PBJericó
11%
48.163PRLapa
11%
2.908PBMato Grosso
11%
2.579RSPinhal
11%
2.731PRPinhal de São Bento
11%
27.047ESPinheiros
11%
56.428MGPirapora
11%
18.895SPPirapora do Bom Jesus
11%
4.209PBPrata
11%
27.856MGPrata
11%
3.151PIPrata do Piauí
11%
44.200SPPresidente Epitácio
11%
39.516SPPresidente Venceslau
11%
2.924SCPrincesa
11%
10.733MGPrudente de Morais
11%
15.236PRRio Azul
11%
60.201RJRio Bonito
11%
13.269PRRio Bonito do Iguaçu
11%
38.275RSRio Pardo
11%
30.914MGRio Pardo de Minas
11%
12.846MGRio Vermelho
11%
42.740MARosário
11%
4.594MGRosário da Limeira
11%
10.855SERosário do Catete
11%
4.786PRRosário do Ivaí
11%
39.422RSRosário do Sul
11%
60.930PESalgueiro
11%
8.787SCSanta Terezinha
11%
8.371MTSanta Terezinha
11%
11.815PESanta Terezinha
11%
8.744GOSanta Terezinha de Goiás
11%
23.465PRSanta Terezinha de Itaipu
11%
2.529TOSanta Terezinha do Tocantins
11%
5.930PASapucaia
11%
18.228RJSapucaia
11%
141.075RSSapucaia do Sul
11%
42.076SPTietê
11%
84.378MGUnaí
11%
71.554RSVenâncio Aires
11%
46.483BAXique-Xique
11%
23.237MGAbaeté
10%
11.035RNAfonso Bezerra
10%
151.596BAAlagoinhas
10%
79.996MGAlfenas
10%
40.524PIAltos
10%
1.333RSAndré da Rocha
10%
5.981RSAnta Gorda
10%
101.220ESAracruz
10%
117.267MGAraguari
10%
123.027PRArapongas
10%
29.848MAArari
10%
132.400RJAraruama
10%
45.998PAAugusto Corrêa
10%
62.508SPBatatais
10%
77.496SPBebedouro
10%
19.878SPBuri
10%
101.470SPCaieiras
10%
108.823GOCatalão
10%
122.859MACodó
10%
74.641SCConcórdia
10%
21.926RJCordeiro
10%
109.855MGCoronel Fabriciano
10%
15.498SCDionísio Cerqueira
10%
46.793SPDracena
10%
33.007PBEsperança
10%
2.926RSEsperança do Sul
10%
69.184SEEstância
10%
3.835TOFátima
10%
17.890BAFátima
10%
19.189MSFátima do Sul
10%
7.780APFerreira Gomes
10%
7.770PRFigueira
10%
31.313RSFrederico Westphalen
10%
44.390SPGarça
10%
35.070RSGaribaldi
10%
4.350MGGonçalves
10%
69.527MAGrajaú
10%
98.143RSGuaíba
10%
65.312SCItapema
10%
103.224RJItaperuna
10%
94.354SPItapeva
10%
9.783MGItapeva
10%
129.358CEItapipoca
10%
7.067SPJaci
10%
45.814SCLaguna
10%
52.587MGLeopoldina
10%
100.179SPMairiporã
10%
56.702SPMongaguá
10%
22.534CEMorrinhos
10%
46.136GOMorrinhos
10%
2.949RSMorrinhos do Sul
10%
4.683MANova Iorque
10%
113.145PAParagominas
10%
208.273PAParauapebas
10%
47.919SPPedreira
10%
11.749TOPeixe
10%
29.277RJPiraí
10%
10.023BAPiraí do Norte
10%
25.463PRPiraí do Sul
10%
7.654TOPium
10%
62.043PAPortel
10%
28.174BAPrado
10%
1.568SCPresidente Castello Branco
10%
5.306PRPresidente Castelo Branco
10%
7.015MAPresidente Médici
10%
18.986ROPresidente Médici
10%
87.728CEQuixadá
10%
1.596PRSanta Inês
10%
89.044MASanta Inês
10%
3.595PBSanta Inês
10%
10.631BASanta Inês
10%
1.729RSSanta Tereza
10%
3.355GOSanta Tereza de Goiás
10%
10.139PRSanta Tereza do Oeste
10%
2.866TOSanta Tereza do Tocantins
10%
9.445SCSão Domingos
10%
12.949GOSão Domingos
10%
11.137SESão Domingos
10%
3.073PBSão Domingos
10%
9.058BASão Domingos
10%
34.376MASão Domingos do Maranhão
10%
8.638ESSão Domingos do Norte
10%
3.074RSSão Domingos do Sul
10%
12.366MGSão Geraldo
10%
24.847PASão Geraldo do Araguaia
10%
8.202RNSão Rafael
10%
5.356MGSenador Amaral
10%
26.862RSTaquari
10%
169.107MATimon
10%
22.870TOTocantinópolis
10%
81.804RJTrês Rios
10%
44.485PIUnião
10%
1.154RSUnião da Serra
10%
57.517PRUnião da Vitória
10%
4.304MGUnião de Minas
10%
2.464SCUnião do Oeste
10%
65.611ALUnião dos Palmares
10%
3.525MTUnião do Sul
10%
1.844SPUnião Paulista
10%
96.562BAValença
10%
76.523RJValença
10%
20.918PIValença do Piauí
10%
78.239ESViana
10%
52.441MAViana
10%
50.982SCXanxerê
10%
112.445MAAçailândia
9%
30.586ESAfonso Cláudio
9%
6.524MAAfonso Cunha
9%
22.819PBAreia
9%
107.863ROAriquemes
9%
61.012MTBarra do Garças
9%
96.880PBBayeux
9%
6.868MGBonfim
9%
12.409RRBonfim
9%
5.670PIBonfim do Piauí
9%
61.993PBCajazeiras
9%
3.559PICajazeiras do Piauí
9%
106.533PRCambé
9%
54.029MGCampo Belo
9%
7.016SCCampo Belo do Sul
9%
7.789GOCampo Limpo de Goiás
9%
84.650SPCampo Limpo Paulista
9%
18.335RRCantá
9%
62.110RSCarazinho
9%
54.704BACatu
9%
82.620PRCianorte
9%
2.549SCCoronel Martins
9%
75.074CECrateús
9%
12.353MSEldorado
9%
15.494SPEldorado
9%
33.808PAEldorado do Carajás
9%
41.285RSEldorado do Sul
9%
4.915PIEliseu Martins
9%
69.385SPEmbu-Guaçu
9%
14.000PREngenheiro Beltrão
9%
50.022RSEstância Velha
9%
113.380BAEunápolis
9%
15.221BAGlória
9%
9.965MSGlória de Dourados
9%
3.026MTGlória D'Oeste
9%
30.604PEGlória do Goitá
9%
25.727RSGuaporé
9%
51.917MGGuaxupé
9%
86.647TOGurupi
9%
2.256PRIguatu
9%
102.498CEIguatu
9%
13.926PRIporã
9%
31.531GOIporá
9%
24.477PBItabaiana
9%
95.427SEItabaiana
9%
3.835SPItaju
9%
120.858SPItatiba
9%
3.324RSItatiba do Sul
9%
93.214MGItaúna
9%
2.865PRItaúna do Sul
9%
77.263SPJaboticabal
9%
39.378PRJacarezinho
9%
4.695MGJoaquim Felício
9%
23.993ALJoaquim Gomes
9%
16.023PEJoaquim Nabuco
9%
11.908PRJoaquim Távora
9%
4.896SPLagoinha
9%
2.845PILagoinha do Piauí
9%
11.277RNLajes
9%
42.133MGMachado
9%
44.468RJMangaratiba
9%
128.978CEMaranguape
9%
27.361CEMarco
9%
52.944PRMarechal Cândido Rondon
9%
27.174RJMiracema
9%
18.248TOMiracema do Tocantins
9%
8.930SPNeves Paulista
9%
8.562SPOuro Verde
9%
2.217SCOuro Verde
9%
3.759GOOuro Verde de Goiás
9%
5.934MGOuro Verde de Minas
9%
5.996PROuro Verde do Oeste
9%
117.782BAPaulo Afonso
9%
63.407SPPenápolis
9%
25.039ALPiranhas
9%
10.385GOPiranhas
9%
5.369MGPresidente Bernardes
9%
13.106SPPresidente Bernardes
9%
15.142BAPresidente Dutra
9%
47.804MAPresidente Dutra
9%
16.830SCSanta Cecília
9%
6.558PBSanta Cecília
9%
3.334PRSanta Cecília do Pavão
9%
1.639RSSanta Cecília do Sul
9%
139.447SPSantana de Parnaíba
9%
49.425RSSantiago
9%
1.260SCSantiago do Sul
9%
77.593RSSanto Ângelo
9%
47.903CESão Benedito
9%
18.663MASão Benedito do Rio Preto
9%
15.895PESão Benedito do Sul
9%
82.312RJSeropédica
9%
80.861BASerrinha
9%
6.229RNSerrinha
9%
57.466RSTaquara
9%
8.022MGTombos
9%
26.480SPValparaíso
9%
168.468GOValparaíso de Goiás
9%
26.863RSVera Cruz
9%
12.481RNVera Cruz
9%
10.843SPVera Cruz
9%
43.223BAVera Cruz
9%
8.521PRVera Cruz do Oeste
9%
212.440GOÁguas Lindas de Goiás
8%
5.638SCAnchieta
8%
29.263ESAnchieta
8%
74.547CEAracati
8%
104.949MABacabal
8%
8.993PBBaía da Traição
8%
9.271RNBaía Formosa
8%
4.795MGBandeira
8%
5.746MGBandeira do Sul
8%
6.171RSBarão
8%
3.469SPBarão de Antonina
8%
18.820MABarão de Grajaú
8%
8.564MTBarão de Melgaço
8%
60.997SPBoituva
8%
837SPBorá
8%
36.397MABrejo
8%
50.742PEBrejo da Madre de Deus
8%
3.875PIBrejo do Piauí
8%
49.477CEBrejo Santo
8%
67.736PBCabedelo
8%
76.997CECanindé
8%
29.900SECanindé de São Francisco
8%
12.326SPCardoso
8%
11.765PRCéu Azul
8%
18.468SPColina
8%
25.837BAConde
8%
24.670PBConde
8%
6.939MGConquista
8%
4.038MTConquista D'Oeste
8%
26.602MGCoração de Jesus
8%
22.605BACoração de Maria
8%
81.089BADias d'Ávila
8%
83.202RSEsteio
8%
31.825PEExu
8%
91.093PRFrancisco Beltrão
8%
2.776SPGabriel Monteiro
8%
7.618CEGeneral Sampaio
8%
4.762RSHumaitá
8%
55.080AMHumaitá
8%
180.204MGIbirité
8%
78.878SPIbiúna
8%
9.426PIIlha Grande
8%
4.885SPIndiana
8%
96.204PEIpojuca
8%
41.964CEIpu
8%
5.499RSItaara
8%
133.019RJItaguaí
8%
96.869MGItajubá
8%
74.773SPItapira
8%
7.686MGJacuí
8%
49.107SPJales
8%
19.691CEMadalena
8%
8.103SCMajor Vieira
8%
31.086MGMateus Leme
8%
34.720PRMatinhos
8%
66.801GOMineiros
8%
12.908SPMineiros do Tietê
8%
68.885SPMococa
8%
18.833ESMontanha
8%
58.032PAMonte Alegre
8%
22.451RNMonte Alegre
8%
8.606GOMonte Alegre de Goiás
8%
21.120MGMonte Alegre de Minas
8%
15.031SEMonte Alegre de Sergipe
8%
10.613PIMonte Alegre do Piauí
8%
3.226RSMonte Alegre dos Campos
8%
8.038SPMonte Alegre do Sul
8%
65.264RSMontenegro
8%
15.852ROMonte Negro
8%
17.624RSNão-Me-Toque
8%
54.878MSNaviraí
8%
50.110ESNova Venécia
8%
21.083MGParaisópolis
8%
16.344MGPassa Quatro
8%
90.757MGPatrocínio
8%
28.458PBPedras de Fogo
8%
12.107MGPedras de Maria da Cruz
8%
76.409SPPirassununga
8%
89.918GOPlanaltina
8%
4.263PRPlanaltina do Paraná
8%
10.084RSPlanalto
8%
13.479PRPlanalto
8%
26.265BAPlanalto
8%
5.237SPPlanalto
8%
2.662MTPlanalto da Serra
8%
32.801PBPombal
8%
36.279AMPresidente Figueiredo
8%
81.082CEQuixeramobim
8%
5.098RNRafael Fernandes
8%
53.807BARibeira do Pombal
8%
17.139SPSalesópolis
8%
46.487MGSantos Dumont
8%
17.541SCSeara
8%
10.395RNSerra Caiada
8%
45.107SPSerrana
8%
29.229SPSerra Negra
8%
8.078RNSerra Negra do Norte
8%
59.849AMTefé
8%
89.842MGTimóteo
8%
51.715RSTramandaí
8%
26.241RSVeranópolis
8%
8.773GOAbadia de Goiás
7%
6.989MGAbadia dos Dourados
7%
15.522MSÁgua Clara
7%
3.464RSAlegria
7%
35.362MGAlém Paraíba
7%
14.601ESAlfredo Chaves
7%
4.166SPAlfredo Marcondes
7%
6.907MGAlfredo Vasconcelos
7%
10.036SCAlfredo Wagner
7%
18.628SPAlumínio
7%
74.338PEArcoverde
7%
3.892PRAtalaia
7%
47.185ALAtalaia
7%
19.921AMAtalaia do Norte
7%
11.289PIAvelino Lopes
7%
2.678SCBandeirante
7%
7.402SPBarbosa
7%
6.704ALBelo Monte
7%
6.043MABernardo do Mearim
7%
40.127MGBoa Esperança
7%
4.105PRBoa Esperança
7%
15.037ESBoa Esperança
7%
14.923SPBoa Esperança do Sul
7%
19.769SCBombinhas
7%
13.155PEBuenos Aires
7%
28.678MABuriti
7%
2.488GOBuriti de Goiás
7%
11.348TOBuriti do Tocantins
7%
94.376MTCáceres
7%
58.937RJCachoeiras de Macacu
7%
44.718MGCaeté
7%
67.952RNCaicó
7%
76.801SPCajamar
7%
157.828PECamaragibe
7%
137.890PACametá
7%
66.712RSCampo Bom
7%
2.793SPCândido Rodrigues
7%
53.049RSCapão da Canoa
7%
15.780PRCapitão Leônidas Marques
7%
8.632MGCapitólio
7%
21.656MGCaxambu
7%
3.642SCCaxambu do Sul
7%
23.717PAChaves
7%
3.175RSColorado
7%
24.012PRColorado
7%
15.882ROColorado do Oeste
7%
18.331ROCosta Marques
7%
33.543MSCoxim
7%
7.011PIDirceu Arcoverde
7%
32.671RSDois Irmãos
7%
11.385MSDois Irmãos do Buriti
7%
7.198TODois Irmãos do Tocantins
7%
38.461RSDom Pedrito
7%
36.225MGExtrema
7%
10.869SPGeneral Salgado
7%
40.790SPGuaíra
7%
33.119PRGuaíra
7%
3.796MGGuarará
7%
29.798SPGuararema
7%
37.067PRGuaratuba
7%
30.857SPIguape
7%
11.166SPIlha Comprida
7%
26.686SPIlha Solteira
7%
4.457PRIndianópolis
7%
6.891MGIndianópolis
7%
16.057MAItaipava do Grajaú
7%
31.805RJItatiaia
7%
23.632MAJoão Lisboa
7%
19.293RSJúlio de Castilhos
7%
9.867PBJuru
7%
1.588GOLagoa Santa
7%
64.527MGLagoa Santa
7%
31.814RNMacau
7%
4.009PBMãe d'Água
7%
30.077PAMãe do Rio
7%
5.349PIManoel Emídio
7%
13.502PRManoel Ribas
7%
9.459ACManoel Urbano
7%
13.240BAManoel Vitorino
7%
227.886CEMaracanaú
7%
2.691RSMaratá
7%
18.614RJMendes
7%
6.446MGMendes Pimentel
7%
28.013MSMiranda
7%
28.381MAMiranda do Norte
7%
33.222PBMonteiro
7%
4.653SPMonteiro Lobato
7%
28.236ALMurici
7%
9.159PIMurici dos Portelas
7%
60.174SPNova Odessa
7%
45.994RSOsório
7%
33.639MGOuro Fino
7%
24.399ALPão de Açúcar
7%
93.158MGParacatu
7%
9.602SEPedrinhas
7%
3.093SPPedrinhas Paulista
7%
34.976MTPeixoto de Azevedo
7%
14.318MAPeri Mirim
7%
55.348SPPiedade
7%
4.982MGPiedade dos Gerais
7%
24.908GOPirenópolis
7%
31.458GOPires do Rio
7%
10.951CEPires Ferreira
7%
30.310PRPitanga
7%
33.447SCPomerode
7%
45.436MTPontes e Lacerda
7%
56.150SPPorto Ferreira
7%
3.641MGPresidente Juscelino
7%
12.734MAPresidente Juscelino
7%
11.574ESPresidente Kennedy
7%
3.684TOPresidente Kennedy
7%
14.966PEPrimavera
7%
10.825PAPrimavera
7%
2.856ROPrimavera de Rondônia
7%
62.019MTPrimavera do Leste
7%
52.241PRPrudentópolis
7%
24.700RJQuissamã
7%
3.588PBRiachão
7%
20.195MARiachão
7%
19.805SERiachão do Dantas
7%
2.610MGRio Doce
7%
10.712SPRoseira
7%
41.527MGSalinas
7%
15.667BASalinas da Margarida
7%
19.742MGSanta Vitória
7%
29.676RSSanta Vitória do Palmar
7%
177.687MASão José de Ribamar
7%
96.688PRSarandi
7%
24.489RSSarandi
7%
2.779RSSenador Salgado Filho
7%
79.015BASenhor do Bonfim
7%
781MGSerra da Saudade
7%
14.633PISimões
7%
134.377BASimões Filho
7%
16.683TOTaguatinga
7%
23.388PETamandaré
7%
8.676SCTangará
7%
15.727RNTangará
7%
103.750MTTangará da Serra
7%
47.185SPTremembé
7%
32.356MGTrês Marias
7%
7.081SCTreze de Maio
7%
42.564MGVisconde do Rio Branco
7%
16.408RSXangri-lá
7%
28.706SCXaxim
7%
2.718SPZacarias
7%
3.748RSÁgua Santa
6%
7.031RSAmaral Ferrador
6%
7.133SCAnita Garibaldi
6%
47.871MSAquidauana
6%
26.469CEAracoiaba
6%
20.524PEAraçoiaba
6%
34.146SPAraçoiaba da Serra
6%
84.418PEAraripina
6%
12.572RJAreal
6%
24.654CEAurora
6%
5.679SCAurora
6%
31.338PAAurora do Pará
6%
3.757TOAurora do Tocantins
6%
5.403SPAvaí
6%
94.887MABalsas
6%
60.781CEBarbalha
6%
47.066PIBarras
6%
2.706SCBelmonte
6%
23.328BABelmonte
6%
1.994RSBenjamin Constant do Sul
6%
49.979MGBocaiúva
6%
78.595SCCaçador
6%
85.359ROCacoal
6%
21.264ALCajueiro
6%
7.642PICajueiro da Praia
6%
8.570PRCalifórnia
6%
25.360PRCambará
6%
6.431RSCambará do Sul
6%
94.859PRCampo Mourão
6%
87.076BACandeias
6%
14.886MGCandeias
6%
26.693ROCandeias do Jamari
6%
15.018PRCândido de Abreu
6%
25.189BACândido Sales
6%
13.317PRCantagalo
6%
4.525MGCantagalo
6%
20.172RJCantagalo
6%
2.757RSCapitão
6%
5.468MGCapitão Andrade
6%
11.417PICapitão de Campos
6%
16.301RJCarapebus
6%
4.382TOCariri do Tocantins
6%
29.833RSCarlos Barbosa
6%
24.322MACarolina
6%
44.184RJCasimiro de Abreu
6%
17.740MGCássia
6%
2.523SPCássia dos Coqueiros
6%
25.557CECedro
6%
11.807PECedro
6%
5.897SECedro de São João
6%
1.164MGCedro do Abaeté
6%
19.985SPCerqueira César
6%
32.515BACícero Dantas
6%
28.617MGCláudio
6%
7.556MGCoimbra
6%
3.111MGComendador Gomes
6%
6.730MGConfins
6%
2.306RSCoqueiros do Sul
6%
3.434MGCoronel Xavier Chaves
6%
58.997GOCristalina
6%
10.242MGCristina
6%
60.299RSCruz Alta
6%
80.129MGCurvelo
6%
6.904PIDom Expedito Lopes
6%
20.773SPEngenheiro Coelho
6%
70.552MGEsmeraldas
6%
5.985RNFelipe Guerra
6%
1.716SPFernão
6%
2.689PRFlórida
6%
14.640SPFlórida Paulista
6%
17.609AMFonte Boa
6%
10.304RSFontoura Xavier
6%
59.496MGFrutal
6%
5.540MTGeneral Carneiro
6%
34.095GOGoiatuba
6%
25.577MAGovernador Nunes Freire
6%
32.939SPGuararapes
6%
19.329RSHorizontina
6%
43.045MGIgarapé
6%
117.019PEIgarassu
6%
1.930SCIrati
6%
60.727PRIrati
6%
72.967BAIrecê
6%
51.875MGItabirito
6%
37.620RSItaqui
6%
61.252SPItupeva
6%
13.879PRIvaí
6%
67.742MGJanuária
6%
104.768RJJaperi
6%
30.118SCJoaçaba
6%
79.910MGJoão Monlevade
6%
8.317ACJordão
6%
37.015SPJosé Bonifácio
6%
7.013PRJussara
6%
18.478GOJussara
6%
15.284BAJussara
6%
7.647GOLeopoldo de Bulhões
6%
30.311PILuís Correia
6%
1.775SCMacieira
6%
56.292SCMafra
6%
90.229MGManhuaçu
6%
38.499ESMarataízes
6%
8.725RNMartins
6%
27.512CEMilagres
6%
10.950BAMilagres
6%
8.464MAMilagres do Maranhão
6%
20.854MGMonte Azul
6%
19.008SPMonte Azul Paulista
6%
59.772SPMonte Mor
6%
23.803MGMonte Sião
6%
16.406PRMorretes
6%
20.569MGMuzambinho
6%
15.317RJNatividade
6%
9.244TONatividade
6%
6.661SPNatividade da Serra
6%
21.353RSNova Petrópolis
6%
102.693MGNova Serrana
6%
32.879SPOsvaldo Cruz
6%
122.197MAPaço do Lumiar
6%
21.513MGParaguaçu
6%
45.703SPParaguaçu Paulista
6%
7.564ALPaulo Jacinto
6%
8.660MGPimenta
6%
36.660ROPimenta Bueno
6%
7.507MGPintópolis
6%
24.524GOPiracanjuba
6%
21.711ESPiúma
6%
37.079RSPortão
6%
29.866PAPrainha
6%
3.201RNRafael Godeiro
6%
10.213SERiachuelo
6%
8.128RNRiachuelo
6%
71.061SCRio do Sul
6%
75.120ALRio Largo
6%
19.998SESalgado
6%
12.140PBSalgado de São Félix
6%
4.711TOSampaio
6%
3.981PRSanta Mônica
6%
10.405BASanta Teresinha
6%
4.573PBSanta Teresinha
6%
21.074BASão Felipe
6%
5.172ROSão Felipe D'Oeste
6%
3.584RNSão Fernando
6%
2.160PRSão Manoel do Paraná
6%
10.941MGSão Tiago
6%
5.500PRSaudade do Iguaçu
6%
17.502RSSerafina Corrêa
6%
14.662SPSerra Azul
6%
4.293MGSerra Azul de Minas
6%
2.384RSSilveira Martins
6%
14.989PBSoledade
6%
31.002RSSoledade
6%
6.151MGSoledade de Minas
6%
106.339PATailândia
6%
57.177SPTaquaritinga
6%
28.775PETaquaritinga do Norte
6%
9.455PBTriunfo
6%
29.538RSTriunfo
6%
15.254PETriunfo
6%
3.237RNTriunfo Potiguar
6%
50.687BATucano
6%
2.465SCUrupema
6%
52.597SPVargem Grande Paulista
6%
11.000RJVarre-Sai
6%
20.042GOAbadiânia
5%
157.698PAAbaetetuba
5%
7.434PAAbel Figueiredo
5%
15.256ACAcrelândia
5%
3.451SPÁguas de São Pedro
5%
16.461RSAgudo
5%
22.097MAAlcântara
5%
5.950RSAlecrim
5%
41.077MGAndradas
5%
80.271CEAquiraz
5%
68.228SCAraranguá
5%
21.600CEAraripe
5%
54.408SPArtur Nogueira
5%
3.990PBAssunção
5%
7.846PIAssunção do Piauí
5%
4.869MGAugusto de Lima
5%
10.979SCBalneário Gaivota
5%
6.788MSBandeirantes
5%
31.367PRBandeirantes
5%
3.553TOBandeirantes do Tocantins
5%
4.892PBBaraúna
5%
28.374RNBaraúna
5%
27.502AMBarcelos
5%
1.677SCBarra Bonita
5%
36.126SPBarra Bonita
5%
32.041AMBarreirinha
5%
20.810MGBarroso
5%
20.953SPBastos
5%
5.632MABenedito Leite
5%
60.798PEBezerros
5%
68.481SCBiguaçu
5%
54.470CEBoa Viagem
5%
2.223RNBodó
5%
7.032PRBom Sucesso
5%
17.603MGBom Sucesso
5%
4.975PBBom Sucesso
5%
3.954SPBom Sucesso de Itararé
5%
26.278ACBrasiléia
5%
4.044PRCafezal do Sul
5%
66.261RSCamaquã
5%
6.936ALCampestre
5%
21.055MGCampestre
5%
3.388RSCampestre da Serra
5%
3.630GOCampestre de Goiás
5%
14.374MACampestre do Maranhão
5%
11.978SCCampo Alegre
5%
57.063ALCampo Alegre
5%
7.589GOCampo Alegre de Goiás
5%
28.798BACampo Alegre de Lourdes
5%
5.045PICampo Alegre do Fidalgo
5%
4.484RSCampo Novo
5%
14.139ROCampo Novo de Rondônia
5%
35.360MTCampo Novo do Parecis
5%
4.563MGCanaã
5%
37.085PACanaã dos Carajás
5%
12.540SPCananéia
5%
16.668BACanudos
5%
1.716RSCanudos do Vale
5%
6.523PBCapim
5%
23.685MGCaraí
5%
92.062MGCaratinga
5%
16.634SECarmópolis
5%
19.355MGCarmópolis de Minas
5%
83.641PECarpina
5%
8.729MTCastanheira
5%
75.123MGCataguases
5%
20.698CECatarina
5%
85.097AMCoari
5%
27.787PICocal
5%
16.684SCCocal do Sul
5%
49.435MACoelho Neto
5%
41.178MAColinas
5%
2.438RSColinas
5%
3.382GOColinas do Sul
5%
35.424TOColinas do Tocantins
5%
7.497PRCoronel Domingos Soares
5%
4.681SPCoronel Macedo
5%
56.933ALCoruripe
5%
39.745SCCuritibanos
5%
5.227PBCurral de Cima
5%
7.729MGCurral de Dentro
5%
3.677MGDom Bosco
5%
4.058BADom Macedo Costa
5%
6.749ESDores do Rio Preto
5%
1.983RSDoutor Ricardo
5%
22.706RSEncantado
5%
7.194PAFaro
5%
100.209PRFazenda Rio Grande
5%
4.248GOFormoso
5%
9.562MGFormoso
5%
18.440TOFormoso do Araguaia
5%
3.184PIFrancisco Macedo
5%
69.639SCGaspar
5%
3.353MGGoiabeira
5%
14.399CEGraça
5%
6.262MAGraça Aranha
5%
5.502PRGuaraci
5%
11.188SPGuaraci
5%
12.030MAGuimarães
5%
25.199MGIbiá
5%
18.950SCIbirama
5%
56.421SCIçara
5%
36.899RSIgrejinha
5%
28.296BAItacaré
5%
101.247PAItaituba
5%
22.228BAItaparica
5%
24.839MSItaporã
5%
2.427TOItaporã do Tocantins
5%
50.503SPItararé
5%
41.824SPItuverava
5%
12.326MGJacinto
5%
10.416SCJacinto Machado
5%
80.518BAJacobina
5%
5.741PIJacobina do Piauí
5%
7.021ALJacuípe
5%
25.979MGJacutinga
5%
3.561RSJacutinga
5%
26.680RSJaguarão
5%
71.648MGJanaúba
5%
6.048GOJandaia
5%
21.176PRJandaia do Sul
5%
3.503RSJari
5%
15.378PEJurema
5%
4.763PIJurema
5%
27.807RSLagoa Vermelha
5%
40.288PELajedo
5%
8.562BALajedo do Tabocal
5%
8.548PAMagalhães Barata
5%
19.826MAMagalhães de Almeida
5%
47.150SPMairinque
5%
44.161RSMarau
5%
20.570BAMaraú
5%
4.549PIMarcos Parente
5%
4.009RSMarques de Souza
5%
29.564SPMirandópolis
5%
13.166MGMonte Belo
5%
2.548RSMonte Belo do Sul
5%
62.784PEMoreno
5%
26.979MGMutum
5%
40.750MGNanuque
5%
54.374MSNova Andradina
5%
45.378MTNova Mutum
5%
115.711GONovo Gama
5%
1.747MGOlaria
5%
6.526PBOlho d'Água
5%
19.505MAOlho d'Água das Cunhãs
5%
4.258RNOlho-d'Água do Borges
5%
2.459PIOlho D'Água do Piauí
5%
20.197SPParanapanema
5%
56.506PEPaudalho
5%
16.744SPPedregulho
5%
63.742PIPiripiri
5%
39.719SPPitangueiras
5%
3.224PRPitangueiras
5%
46.871BAPoções
5%
59.742MGPonte Nova
5%
1.547RSPonte Preta
5%
12.121MGPonto dos Volantes
5%
21.388SCPorto Belo
5%
19.683RJPorto Real
5%
2.559PRPorto Rico
5%
5.975MAPorto Rico do Maranhão
5%
27.719BAPresidente Tancredo Neves
5%
22.687RSQuaraí
5%
13.420SPQueluz
5%
29.053CERedenção
5%
84.787PARedenção
5%
3.851SPRedenção da Serra
5%
8.778PIRedenção do Gurguéia
5%
7.791MARibamar Fiquene
5%
8.949MGRio Novo
5%
11.622ESRio Novo do Sul
5%
78.194CERussas
5%
26.185MGSacramento
5%
107.937PESanta Cruz do Capibaribe
5%
3.111SPSanto Expedito
5%
2.324RSSanto Expedito do Sul
5%
35.469MGSão Gotardo
5%
36.102RJSão João da Barra
5%
91.211SPSão João da Boa Vista
5%
40.482SCSão Miguel do Oeste
5%
81.734RSSapiranga
5%
12.913BASaúde
5%
115.371GOSenador Canedo
5%
2.909PBSerra Grande
5%
40.484SESimão Dias
5%
7.169PETerezinha
5%
38.407SCTijucas
5%
16.868PRTijucas do Sul
5%
44.238SCTimbó
5%
63.447PATomé-Açu
5%
11.235SCUrubici
5%
56.510MAVargem Grande
5%
5.007MGVargem Grande do Rio Pardo
5%
2.882RSVictor Graeff
5%
53.065SCVideira
5%
2.752RSVista Alegre
5%
8.810SPVista Alegre do Alto
5%
2.552MGWenceslau Braz
5%
19.414PRWenceslau Braz
5%
21.101BAWenceslau Guimarães
5%
19.323ACXapuri
5%
55.591PAAcará
4%
35.068SPAdamantina
4%
37.259PEAfogados da Ingazeira
4%
10.234PBÁgua Branca
4%
20.196ALÁgua Branca
4%
17.411PIÁgua Branca
4%
36.305SPAguaí
4%
25.167MGAimorés
4%
38.386PEAliança
4%
5.390TOAliança do Tocantins
4%
51.782MTAlta Floresta
4%
22.945ROAlta Floresta D'Oeste
4%
1.638RSAlto Alegre
4%
15.510RRAlto Alegre
4%
4.099SPAlto Alegre
4%
27.053MAAlto Alegre do Maranhão
4%
13.241ROAlto Alegre dos Parecis
4%
17.598PIAmarante
4%
41.435MAAmarante do Maranhão
4%
13.143BAAndaraí
4%
18.980PRAntonina
4%
7.353CEAntonina do Norte
4%
3.522GOAraçu
4%
3.068PRArapuã
4%
2.834MGArapuá
4%
6.998PBAreial
4%
3.886SPAreias
4%
15.119PRAssaí
4%
21.318PBBananeiras
4%
2.539RSBarra Funda
4%
42.659PEBarreiros
4%
76.439PEBelo Jardim
4%
42.984AMBenjamin Constant
4%
50.605MGBom Despacho
4%
102.701PABreves
4%
67.195BABrumado
4%
4.264SPCabrália Paulista
4%
34.221PECabrobó
4%
18.120PRCafelândia
4%
17.767SPCafelândia
4%
21.770MGCamanducaia
4%
15.505RJCambuci
4%
63.661CECamocim
4%
18.765PECamocim de São Félix
4%
44.041MTCampo Verde
4%
69.027PACapanema
4%
19.124PRCapanema
4%
47.138SPCapão Bonito
4%
1.654RSCapão Bonito do Sul
4%
17.053ALCapela
4%
34.213SECapela
4%
11.940RSCapela de Santana
4%
20.706SPCapela do Alto
4%
11.637BACapela do Alto Alegre
4%
33.000MGCarangola
4%
22.016BACaravelas
4%
71.969BACasa Nova
4%
3.052ROCastanheiras
4%
10.167GOChapadão do Céu
4%
2.988SCChapadão do Lageado
4%
25.218MSChapadão do Sul
4%
17.300BACipó
4%
6.210SPColômbia
4%
7.656PIColônia do Piauí
4%
8.561RJComendador Levy Gasparian
4%
24.528SPCordeirópolis
4%
47.845PRCornélio Procópio
4%
2.327GOCórrego do Ouro
4%
12.795SCCorreia Pinto
4%
72.252SPCosmópolis
4%
20.823MSCosta Rica
4%
5.150MGCristiano Otoni
4%
5.330PBDamião
4%
7.729MGDionísio
4%
40.641PRDois Vizinhos
4%
15.414RSDom Feliciano
4%
33.850ESDomingos Martins
4%
5.979PRDoutor Camargo
4%
3.203SCEntre Rios
4%
41.780BAEntre Rios
4%
15.298MGEntre Rios de Minas
4%
4.539PREntre Rios do Oeste
4%
2.792RSEntre Rios do Sul
4%
41.946MAEstreito
4%
60.585BAEuclides da Cunha
4%
9.371SPEuclides da Cunha Paulista
4%
11.253PBFagundes
4%
34.780ACFeijó
4%
14.192MTFeliz Natal
4%
21.509ESFundão
4%
26.328RNGoianinha
4%
14.471SCGovernador Celso Ramos
4%
13.037RNGovernador Dix-Sept Rosado
4%
30.867ESGuaçuí
4%
84.481BAGuanambi
4%
60.517RJGuapimirim
4%
44.819SCGuaramirim
4%
6.821RSHerval
4%
22.606SCHerval d'Oeste
4%
13.860ESIconha
4%
28.310RJIguaba Grande
4%
26.258PEIlha de Itamaracá
4%
22.800RSImbé
4%
6.903MGImbé de Minas
4%
44.853SCImbituba
4%
11.125PRInácio Martins
4%
17.556SPItaberá
4%
101.337AMItacoatiara
4%
3.328SPItaóca
4%
20.576SCItapoá
4%
10.458ROItapuã do Oeste
4%
29.161ESIúna
4%
30.477ESJaguaré
4%
8.111CEJati
4%
25.391MGJequitinhonha
4%
10.812MGJordânia
4%
40.997MTJuína
4%
9.532MGLagoa Grande
4%
25.601PELagoa Grande
4%
11.394MALagoa Grande do Maranhão
4%
20.814MGLambari
4%
6.121MTLambari D'Oeste
4%
5.069MGLiberdade
4%
16.698MGLima Duarte
4%
7.256PBLivramento
4%
45.732BALivramento de Nossa Senhora
4%
4.787PRLobato
4%
2.289SPLourdes
4%
48.885SPLouveira
4%
5.599RJMacuco
4%
21.093BAMadre de Deus
4%
5.098MGMadre de Deus de Minas
4%
97.377AMManacapuru
4%
12.833ESMarilândia
4%
8.836PRMarilândia do Sul
4%
10.936PIMatias Olímpio
4%
37.820MGMatozinhos
4%
63.905AMMaués
4%
46.198PRMedianeira
4%
5.536PRMercedes
4%
2.597GOMimoso de Goiás
4%
26.153ESMimoso do Sul
4%
8.641BAMirante
4%
10.947ROMirante da Serra
4%
18.259SPMirante do Paranapanema
4%
35.393CEMissão Velha
4%
11.251RNMontanhas
4%
50.498SPMonte Alto
4%
47.809MGMonte Carmelo
4%
19.433MAMorros
4%
12.804RSMostardas
4%
41.748BAMucuri
4%
8.796SENossa Senhora Aparecida
4%
27.904PRNova Esperança
4%
21.368PANova Esperança do Piriá
4%
5.352RSNova Esperança do Sul
4%
15.565CENova Olinda
4%
11.819TONova Olinda
4%
5.949PBNova Olinda
4%
20.928MANova Olinda do Maranhão
4%
37.378AMNova Olinda do Norte
4%
27.257RSNova Prata
4%
10.548PRNova Prata do Iguaçu
4%
9.853GONova Veneza
4%
15.166SCNova Veneza
4%
37.029PIOeiras
4%
32.512PAOeiras do Pará
4%
44.028SPOrlândia
4%
21.427CEOrós
4%
72.203CEPacajus
4%
17.401RRPacaraima
4%
43.667RSPanambi
4%
52.257RJParacambi
4%
24.540MGParaopeba
4%
27.769RJPaty do Alferes
4%
9.831BAPau Brasil
4%
8.450MGPavão
4%
24.324MGPedra Azul
4%
16.168MGPerdizes
4%
8.668SPPereiras
4%
11.234PRPérola
4%
67.395PEPesqueira
4%
36.548PEPetrolândia
4%
5.937SCPetrolândia
4%
11.917PBPilar
4%
35.111ALPilar
4%
2.253GOPilar de Goiás
4%
29.185SPPilar do Sul
4%
20.313SCPinhalzinho
4%
15.207SPPinhalzinho
4%
6.576SEPinhão
4%
32.391PRPinhão
4%
25.156RJPinheiral
4%
113.036PRPiraquara
4%
20.663RSPiratini
4%
19.761ACPlácido de Castro
4%
3.550SPPlatina
4%
12.338BAPresidente Jânio Quadros
4%
14.302RJQuatis
4%
3.406SPQueiroz
4%
50.065GOQuirinópolis
4%
29.707SPRancharia
4%
30.761MARaposa
4%
16.922PRRealeza
4%
19.141ESRio Bananal
4%
9.284RJRio das Flores
4%
4.493GORio Quente
4%
5.499MSRochedo
4%
2.305MGRochedo de Minas
4%
30.163RRRorainópolis
4%
45.422SPSalto de Pirapora
4%
6.253PISanta Filomena
4%
14.477PESanta Filomena
4%
7.773MASanta Filomena do Maranhão
4%
43.703CESanta Quitéria
4%
25.642MASanta Quitéria do Maranhão
4%
27.557SPSanta Rita do Passa Quatro
4%
52.850BASanto Estêvão
4%
5.438PRSanto Inácio
4%
3.798PISanto Inácio do Piauí
4%
38.669RJSão Fidélis
4%
24.248RSSão Jerônimo
4%
11.170PRSão Jerônimo da Serra
4%
3.527RSSão José dos Ausentes
4%
21.795RJSão José do Vale do Rio Preto
4%
3.180SCSão Martinho
4%
5.426RSSão Martinho
4%
5.265RSSão Nicolau
4%
15.322SPSão Simão
4%
20.645GOSão Simão
4%
7.021MGSão Tomás de Aquino
4%
3.299RSSão Valentim
4%
52.625PBSapé
4%
11.434BASebastião Laranjeiras
4%
17.386BASerra Dourada
4%
35.907PESertânia
4%
21.774RJSilva Jardim
4%
30.374SCSombrio
4%
15.623RJSumidouro
4%
16.496SPTabatinga
4%
65.844AMTabatinga
4%
25.967SPTanabi
4%
34.309RJTanguá
4%
14.726PBTavares
4%
5.481RSTavares
4%
78.974PRTelêmaco Borba
4%
53.022PETimbaúba
4%
2.414RNTimbaúba dos Batistas
4%
33.287RNTouros
4%
23.906RSTrês Passos
4%
56.746MGTrês Pontas
4%
12.899SCTurvo
4%
13.215PRTurvo
4%
21.013PRUbiratã
4%
25.277ESVenda Nova do Imigrante
4%
7.257PRVerê
4%
26.037MTVila Rica
4%
5.919PRAdrianópolis
3%
19.635PEAfrânio
3%
1.850GOÁgua Limpa
3%
37.214SPAgudos
3%
9.371PRAgudos do Sul
3%
7.055TOAlmas
3%
41.896MGAlmenara
3%
16.184SPAltinópolis
3%
2.741PRAlto Paraíso
3%
5.227SPÁlvaro de Carvalho
3%
6.111GOAmericano do Brasil
3%
5.969SPAmérico de Campos
3%
19.152PRAmpére
3%
4.995SPAnalândia
3%
20.031PRAndirá
3%
14.595BAAndorinha
3%
1.149GOAnhanguera
3%
6.724SPAnhembi
3%
19.291BAAntas
3%
11.759RJAperibé
3%
22.364SPAraçariguama
3%
3.100MTAraguaiana
3%
9.273MGAraújos
3%
40.092MGArcos
3%
20.805RSArroio do Meio
3%
10.065RSArroio do Sal
3%
9.875GOAruanã
3%
2.240SCArvoredo
3%
23.417CEAssaré
3%
15.189SPAuriflama
3%
17.502SPBady Bassitt
3%
30.998ESBaixo Guandu
3%
23.147SCBalneário Piçarras
3%
23.829MGBambuí
3%
124.680PABarcarena
3%
3.998RNBarcelona
3%
35.264SPBariri
3%
10.275PRBarracão
3%
5.275RSBarracão
3%
4.215RSBarra do Quaraí
3%
29.168SCBarra Velha
3%
32.812SPBarrinha
3%
53.573CEBeberibe
3%
14.494MGBicas
3%
5.366PBBoa Ventura
3%
6.387PRBoa Ventura de São Roque
3%
12.329SPBocaina
3%
4.500PIBocaina
3%
5.090MGBocaina de Minas
3%
3.474SCBocaina do Sul
3%
9.966SCBom Retiro
3%
12.328RSBom Retiro do Sul
3%
41.161AMBorba
3%
8.329PIBrasileira
3%
12.404ESBrejetuba
3%
24.939SPBrodowski
3%
49.707SPCabreúva
3%
16.009GOCaçu
3%
28.739PECaetés
3%
4.743RSCaiçara
3%
7.201PBCaiçara
3%
11.053PECalçado
3%
2.733RSCamargo
3%
19.745MGCampina Verde
3%
5.138SPCanas
3%
3.950PICanavieira
3%
31.280SPCândido Mota
3%
56.045RSCanguçu
3%
54.401SCCanoinhas
3%
21.187PICanto do Buriti
3%
5.438MGCaparaó
3%
15.234MGCapitão Enéas
3%
11.733ACCapixaba
3%
10.916PICaracol
3%
6.116MSCaracol
3%
25.501MGCarandaí
3%
8.180RNCarnaúba dos Dantas
3%
9.081ALCarneiros
3%
4.478MGCarvalhos
3%
2.257MGCasa Grande
3%
14.341PECasinhas
3%
21.006SPCastilho
3%
10.189PRCatanduvas
3%
10.861SCCatanduvas
3%
42.892PECatende
3%
9.709GOCavalcante
3%
17.266BACentral
3%
7.032MGCentral de Minas
3%
8.673MACentral do Maranhão
3%
48.949SPCerquilho
3%
17.779PRCerro Azul
3%
3.154MGChácara
3%
17.190SPCharqueada
3%
16.254RSCidreira
3%
7.551MGClaro dos Poções
3%
12.149MTCláudia
3%
31.063ESConceição da Barra
3%
3.954MGConceição da Barra de Minas
3%
17.842MGConceição do Mato Dentro
3%
17.896SPConchas
3%
9.159MGCoqueiral
3%
23.731MGCorinto
3%
6.058SPCoroados
3%
26.644PICorrente
3%
4.410MGCouto de Magalhães de Minas
3%
35.292SPCravinhos
3%
12.798MGCristais
3%
8.631SPCristais Paulista
3%
4.954PICurrais
3%
4.740RSDavid Canabarro
3%
5.924MSDouradina
3%
8.747PRDouradina
3%
4.064SCDoutor Pedrinho
3%
11.492RJDuas Barras
3%
22.923ESEcoporanga
3%
68.875PEEscada
3%
32.374ROEspigão D'Oeste
3%
5.646PRFernandes Pinheiro
3%
3.431MGFernandes Tourinho
3%
12.123PEFerreiros
3%
9.820MGFerros
3%
5.617BAFirmino Alves
3%
7.461MGFlorestal
3%
36.443SCFraiburgo
3%
18.103MGFronteira
3%
4.581MGFronteira dos Vales
3%
6.548SPGália
3%
2.873SCGalvão
3%
31.052PEGameleira
3%
3.818GOGameleira de Goiás
3%
23.078SCGaropaba
3%
7.648MTGaúcha do Norte
3%
4.463BAGavião
3%
4.789SPGavião Peixoto
3%
20.722BAGovernador Mangabeira
3%
54.748CEGranja
3%
10.499PIGuadalupe
3%
16.678AMGuajará
3%
46.174ROGuajará-Mirim
3%
34.319MGGuanhães
3%
58.833PBGuarabira
3%
25.923TOGuaraí
3%
5.211PRHonório Serpa
3%
54.558PRIbiporã
3%
12.479ESIbiraçu
3%
60.033SPIbitinga
3%
14.184SCIlhota
3%
23.247PEInajá
3%
3.109PRInajá
3%
69.425SCIndaial
3%
4.548PEIngazeira
3%
15.308PIInhuma
3%
37.133SPIperó
3%
30.854PEIpubi
3%
7.241RSIraí
3%
6.987MGIraí de Minas
3%
48.296AMIranduba
3%
41.928SEItabaianinha
3%
30.584BAItabela
3%
14.066ESItaguaçu
3%
15.207RJItalva
3%
64.486BAItamaraju
3%
23.234RJItaocara
3%
76.147BAItapetinga
3%
15.149SPItaporanga
3%
24.692PBItaporanga
3%
34.356SEItaporanga d'Ajuda
3%
23.187MSIvinhema
3%
34.682CEJaguaribe
3%
44.380SPJardinópolis
3%
1.570SCJardinópolis
3%
30.044SPJarinu
3%
5.211MGJequitibá
3%
8.412PRJesuítas
3%
19.816CEJijoca de Jericoacoara
3%
13.220SPJoanópolis
3%
16.668ESJoão Neiva
3%
47.452MGJoão Pinheiro
3%
26.946MGJuatuba
3%
14.836PEJupi
3%
31.444SPJuquitiba
3%
23.331MSLadário
3%
52.165MGLagoa da Prata
3%
19.923MGLajinha
3%
3.229MGLeandro Ferreira
3%
9.661MGLontra
3%
5.790SPLuiziânia
3%
5.759PBMalta
3%
27.644MGMantena
3%
47.083MSMaracaju
3%
9.163ALMaravilha
3%
25.762SCMaravilha
3%
35.496PRMarialva
3%
17.943PRMatelândia
3%
47.962CEMauriti
3%
5.490SPMendonça
3%
4.919MGMoeda
3%
7.517MGMoema
3%
10.564PIMonsenhor Gil
3%
49.418BAMonte Santo
3%
21.524MGMonte Santo de Minas
3%
2.279TOMonte Santo do Tocantins
3%
61.890CEMorada Nova
3%
9.062BAMucugê
3%
26.776BAMundo Novo
3%
18.366MSMundo Novo
3%
4.887GOMundo Novo
3%
7.422BAMuniz Ferreira
3%
11.695RSNonoai
3%
2.210GONova Aurora
3%
10.472PRNova Aurora
3%
13.213PRNova Londrina
3%
3.264GONova Roma
3%
3.689RSNova Roma do Sul
3%
32.328CENova Russas
3%
14.549SCNova Trento
3%
9.178MTNovo Mundo
3%
25.762PANovo Progresso
3%
52.137PAÓbidos
3%
6.515SPOriente
3%
22.912SCOrleans
3%
23.884PEOrobó
3%
69.459PEOuricuri
3%
12.957SPPalestina
3%
5.011ALPalestina
3%
3.464GOPalestina de Goiás
3%
7.589PAPalestina do Pará
3%
13.172PRPalmital
3%
22.221SPPalmital
3%
31.846PRPalotina
3%
2.615GOPanamá
3%
23.184ESPancas
3%
15.674MGPapagaios
3%
18.222SPParaibuna
3%
42.148MSParanaíba
3%
46.687SPPederneiras
3%
39.229MAPedreiras
3%
26.184ESPedro Canário
3%
6.810MGPeriquito
3%
4.252MGPescador
3%
12.981PAPiçarra
3%
12.746PRPiên
3%
35.048BAPilão Arcado
3%
17.049SPPindorama
3%
4.447TOPindorama do Tocantins
3%
6.409MGPiracema
3%
29.806SPPiraju
3%
34.691MGPiumhi
3%
11.302PEPoção
3%
17.873MAPoção de Pedras
3%
32.843MTPoconé
3%
27.091PEPombos
3%
4.682SCPonte Alta
3%
8.039TOPonte Alta do Tocantins
3%
12.336CEPoranga
3%
18.847RJPorciúncula
3%
53.010TOPorto Nacional
3%
35.398SCPorto União
3%
36.900GOPosse
3%
16.555MGPoté
3%
4.093SPPracinha
3%
3.002MGPresidente Kubitschek
3%
19.573MGPresidente Olegário
3%
18.918MAPresidente Sarney
3%
23.559PRQuatro Barras
3%
43.967PBQueimadas
3%
25.439BAQueimadas
3%
9.887SCQuilombo
3%
3.796RSQuinze de Novembro
3%
41.008BARemanso
3%
16.444SPRibeirão Branco
3%
10.668PRRibeirão Claro
3%
10.312MGRio Acima
3%
42.302SCRio Negrinho
3%
16.643SPRosana
3%
10.919PESalgadinho
3%
3.885PBSalgadinho
3%
3.324PRSanta Amélia
3%
14.003MGSanta Juliana
3%
12.224ESSanta Leopoldina
3%
10.404RJSanta Maria Madalena
3%
11.724PRSanta Mariana
3%
43.260MGSanta Rita do Sapucaí
3%
42.894RSSanto Antônio da Patrulha
3%
13.885RSSanto Augusto
3%
14.257RSSanto Cristo
3%
2.838SCSão Bonifácio
3%
6.527MGSão Francisco de Paula
3%
21.710RSSão Francisco de Paula
3%
23.766MGSão José da Lapa
3%
27.568RSSão José do Norte
3%
40.954SPSão Manuel
3%
10.282RNSão Miguel do Gostoso
3%
23.621RSSão Sepé
3%
32.752MGSarzedo
3%
9.745SCSaudades
3%
7.812MGSenador Firmino
3%
25.496CESenador Pompeu
3%
1.962RSSério
3%
3.263SCSerra Alta
3%
13.699PBSerra Branca
3%
8.544GOSerranópolis
3%
4.781MGSerranópolis de Minas
3%
4.495PRSerranópolis do Iguaçu
3%
1.963MGSerranos
3%
16.369PRSertanópolis
3%
9.171AMSilves
3%
21.016PRSiqueira Campos
3%
45.865PESirinhaém
3%
7.783PBSobrado
3%
6.007PESolidão
3%
25.374PASoure
3%
17.300RSTapes
3%
5.539PRTapira
3%
4.773MGTapira
3%
58.859CETauá
3%
7.425BATeodoro Sampaio
3%
13.033BATerra Nova
3%
10.096PETerra Nova
3%
9.667MTTerra Nova do Norte
3%
17.481PRTerra Roxa
3%
9.370SPTerra Roxa
3%
6.480MGTiros
3%
52.191SETobias Barreto
3%
45.219PEToritama
3%
10.626RJTrajano de Moraes
3%
28.220RSTrês Coroas
3%
113.659PATucuruí
3%
28.473BAValente
3%
9.208ESVila Pavão
3%
14.080ESVila Valério
3%
6.838PRVitorino
3%
31.523MAVitorino Freire
3%
14.725PEXexéu
3%
7.457PRAbatiá
2%
11.136RNAcari
2%
4.901RSAceguá
2%
9.470MGAçucena
2%
3.562SPAdolfo
2%
39.218PAAfuá
2%
24.885PEAgrestina
2%
25.721MTÁgua Boa
2%
13.735MGÁgua Boa
2%
7.145SCÁgua Doce
2%
12.571MAÁgua Doce do Maranhão
2%
11.019ESÁgua Doce do Norte
2%
36.771PEÁgua Preta
2%
43.443PEÁguas Belas
2%
8.180SPÁguas da Prata
2%
6.075SPÁguas de Santa Bárbara
2%
9.642ESÁguia Branca
2%
5.640PBAguiar
2%
6.003MGAiuruoca
2%
22.470BAAlcobaça
2%
26.532MAAldeias Altas
2%
14.466MGAlterosa
2%
22.972PEAltinho
2%
22.056PRAltônia
2%
21.428ROAlto Paraíso
2%
7.624GOAlto Paraíso de Goiás
2%
14.770PRAlto Paraná
2%
3.907MGAlvarenga
2%
15.203MGAlvinópolis
2%
22.829PEAmaraji
2%
7.409RSAmetista do Sul
2%
13.614AMAnamã
2%
10.780MSAngélica
2%
4.801SCAngelina
2%
11.445MGAntônio Carlos
2%
1.598MGAntônio Prado de Minas
2%
7.567ESApiacá
2%
35.845RNApodi
2%
21.973AMApuí
2%
12.177BAAraças
2%
54.379BAAraci
2%
36.708MGAraçuaí
2%
12.149MSAral Moreira
2%
3.581RSArambaré
2%
38.129SCAraquari
2%
20.312PBAraruna
2%
13.970PRAraruna
2%
1.791SPArco-Íris
2%
18.542SEAreia Branca
2%
27.774RNAreia Branca
2%
9.668SPAriranha
2%
2.108PRAriranha do Ivaí
2%
19.153PBAroeiras
2%
2.551PIAroeiras do Itaim
2%
10.567TOArraias
2%
14.151RSArroio dos Ratos
2%
18.293RSArroio Grande
2%
10.424RSArvorezinha
2%
26.111PRAstorga
2%
11.936ESAtilio Vivacqua
2%
16.388PAAveiro
2%
12.760SCBalneário Rincão
2%
32.485MGBarão de Cocais
2%
13.491RSBarra do Ribeiro
2%
62.528MABarreirinhas
2%
23.024MSBataguassu
2%
35.750CEBaturité
2%
17.211BABelo Campo
2%
26.700MGBelo Oriente
2%
7.715MGBelo Vale
2%
11.932MGBerilo
2%
12.719PEBetânia
2%
6.205PIBetânia do Piauí
2%
8.034SPBilac
2%
32.598SPBiritiba-Mirim
2%
12.633BABoa Nova
2%
38.146PEBodocó
2%
7.875MSBodoquena
2%
11.730SPBofete
2%
48.554PEBom Conselho
2%
14.055RSBom Princípio
2%
5.630PIBom Princípio do Piauí
2%
4.823SPBoracéia
2%
5.263PBBorborema
2%
16.046SPBorborema
2%
14.459MGBrazópolis
2%
8.993PEBrejão
2%
12.699RNBrejinho
2%
7.487PEBrejinho
2%
5.497TOBrejinho de Nazaré
2%
58.378PEBuíque
2%
24.841MGBuritis
2%
39.654ROBuritis
2%
20.941RSButiá
2%
5.611PBCabaceiras
2%
18.807BACabaceiras do Paraguaçu
2%
14.075MGCabo Verde
2%
12.561RSCacequi
2%
50.975BACaetité
2%
28.549SPCajati
2%
26.167SPCajuru
2%
5.750PECalumbi
2%
13.711MSCamapuã
2%
29.551MGCambuí
2%
12.814MGCambuquira
2%
16.665MGCampanha
2%
29.318PRCampo Magro
2%
36.244SCCampos Novos
2%
4.965SPCampos Novos Paulista
2%
8.258BACandeal
2%
31.365RSCandelária
2%
9.584RSCandiota
2%
25.354RSCapão do Leão
2%
37.784MGCapelinha
2%
30.662BACapim Grosso
2%
22.848SCCapinzal
2%
10.934MACapinzal do Norte
2%
21.926RRCaracaraí
2%
23.415PRCarambeí
2%
12.823RJCardoso Moreira
2%
26.965CECaririaçu
2%
19.551PECarnaíba
2%
30.380SPCasa Branca
2%
26.264BACastro Alves
2%
5.376MGCatas Altas
2%
2.891RSCentenário
2%
2.905TOCentenário
2%
10.827PRCentenário do Sul
2%
13.458MACentro do Guilherme
2%
16.323ROCerejeiras
2%
22.191GOCeres
2%
14.133RSCerro Largo
2%
18.148SPCesário Lange
2%
21.698PEChã Grande
2%
5.704MGChalé
2%
79.675MAChapadinha
2%
40.789RSCharqueadas
2%
12.418SPChavantes
2%
71.376GOCidade Ocidental
2%
18.777BACocos
2%
10.693ALCoité do Nóia
2%
20.763MTComodoro
2%
12.723ESConceição do Castelo
2%
28.050SPConchal
2%
6.654PBCondado
2%
26.421PECondado
2%
8.614BACordeiros
2%
27.974MGCoromandel
2%
18.207PECorrentes
2%
32.137BACorrentina
2%
12.578PECortês
2%
13.448RSCrissiumal
2%
5.971MGCristália
2%
16.949GOCrixás
2%
1.722TOCrixás do Tocantins
2%
15.417MGCruzília
2%
34.700BACuraçá
2%
44.786RNCurrais Novos
2%
34.448PACurralinho
2%
37.111PECustódia
2%
7.114MGDelfinópolis
2%
52.016ALDelmiro Gouveia
2%
10.533MGDelta
2%
33.718SPDescalvado
2%
8.250SCDescanso
2%
8.297PBDesterro
2%
22.139TODianópolis
2%
11.146SPDivinolândia
2%
7.571MGDivinolândia de Minas
2%
5.237MGDom Silvério
2%
13.483MGDores do Indaiá
2%
18.908PEDormentes
2%
5.580PRDoutor Ulysses
2%
9.868SPDumont
2%
17.006BAEncruzilhada
2%
25.877RSEncruzilhada do Sul
2%
14.002RJEngenheiro Paulo de Frontin
2%
18.411ACEpitaciolândia
2%
6.045RNEquador
2%
24.951MGEspera Feliz
2%
5.958RSEstação
2%
11.354MGEstiva
2%
2.766SPEstrela do Norte
2%
7.978MGEstrela do Sul
2%
53.618CEEusébio
2%
19.450CEFarias Brito
2%
3.089PRFarol
2%
17.251PRFaxinal
2%
10.667SCFaxinal dos Guedes
2%
6.677RSFaxinal do Soturno
2%
4.762PRFênix
2%
12.790ALFlexeiras
2%
4.929PRFloraí
2%
6.664RSFormigueiro
2%
24.218CEForquilha
2%
15.552MAFortuna
2%
2.947MGFortuna de Minas
2%
18.145SCGaruva
2%
8.098RSGlorinha
2%
44.289GOGoianira
2%
28.884PRGoioerê
2%
6.158MGGonzaga
2%
11.825MGGouveia
2%
12.709ESGovernador Lindenberg
2%
11.501SCGravatal
2%
10.090SCGuaraciaba
2%
10.324MGGuaraciaba
2%
40.642CEGuaraciaba do Norte
2%
7.636PRGuaraqueçaba
2%
40.105SPGuariba
2%
13.031BAHeliópolis
2%
19.978CEHidrolândia
2%
21.706GOHidrolândia
2%
19.197PEIati
2%
31.364PRIbaiti
2%
26.082ESIbatiba
2%
2.989MGIbituruna
2%
26.927BAIbotirama
2%
30.432SPIgarapava
2%
16.078MSIguatemi
2%
11.819PBImaculada
2%
6.167RSIndependência
2%
26.178CEIndependência
2%
52.866GOInhumas
2%
12.463CEIpaumirim
2%
29.689AMIpixuna
2%
64.053PAIpixuna do Pará
2%
29.034BAIrará
2%
13.377ESIrupi
2%
8.549PIIsaías Coelho
2%
64.489BAItaberaba
2%
16.056BAItaeté
2%
11.176PRItaipulândia
2%
7.851AMItamarati
2%
4.355MGItamarati de Minas
2%
15.579MGItamonte
2%
15.331MGItanhandu
2%
16.872SCItapiranga
2%
9.148AMItapiranga
2%
26.651PEItapissuma
2%
10.555ESItarana
2%
20.382BAItororó
2%
39.263MGIturama
2%
31.984PRIvaiporã
2%
24.293RSIvoti
2%
3.936SCJaborá
2%
20.143MGJaboticatubas
2%
27.776MTJaciara
2%
34.857PRJaguariaíva
2%
6.602SPJambeiro
2%
10.181RNJanuário Cicco
2%
8.361ALJaparatinga
2%
5.055RNJapi
2%
2.755AMJapurá
2%
9.425PRJapurá
2%
11.656PEJaqueira
2%
51.775ROJaru
2%
12.588PRJataizinho
2%
14.796PEJatobá
2%
10.153MAJatobá
2%
4.865PIJatobá do Piauí
2%
8.560RSJóia
2%
34.974MTJuara
2%
7.936PBJuarez Távora
2%
11.424PEJucati
2%
7.150PBJunco do Seridó
2%
24.727ALJunqueiro
2%
14.712AMJuruá
2%
4.100PRKaloré
2%
46.069AMLábrea
2%
3.724BALafaiete Coutinho
2%
13.009MGLagoa Dourada
2%
18.052MGLagoa Formosa
2%
10.947ESLaranja da Terra
2%
23.086PRLoanda
2%
7.262PRLuiziana
2%
80.792RNMacaíba
2%
3.698SPMacedônia
2%
5.445RSMachadinho
2%
39.991ROMachadinho D'Oeste
2%
44.882PBMamanguape
2%
21.434PEManari
2%
18.977ACMâncio Lima
2%
22.707MGManhumirim
2%
55.751AMManicoré
2%
15.350ESMantenópolis
2%
6.714RSMaquiné
2%
18.224AMMaraã
2%
44.677BAMaragogipe
2%
7.792MAMarajá do Sena
2%
5.677PRMaria Helena
2%
131.521PAMarituba
2%
13.918PBMassaranduba
2%
16.916SCMassaranduba
2%
3.802MGMedeiros
2%
22.688BAMedeiros Neto
2%
1.908SPMesópolis
2%
17.856ALMessias
2%
4.601RNMessias Targino
2%
22.226SPMiguelópolis
2%
13.155CEMilhã
2%
19.779SPMiracatu
2%
15.014MGMiraí
2%
10.702PRMissal
2%
43.797CEMombaça
2%
9.866SCMonte Carlo
2%
8.275SCMonte Castelo
2%
4.166SPMonte Castelo
2%
8.863MGMorada Nova de Minas
2%
13.622SPMorungaba
2%
4.954RSMuçum
2%
10.823CEMulungu
2%
9.902PBMulungu
2%
10.889BAMulungu do Morro
2%
17.465ESMuniz Freire
2%
15.449ESMuqui
2%
26.769MGNepomuceno
2%
13.930MSNioaque
2%
3.625RSNova Alvorada
2%
21.882MSNova Alvorada do Sul
2%
16.462BANova Canaã
2%
12.787MTNova Canaã do Norte
2%
1.881SPNova Canaã Paulista
2%
17.578MGNova Era
2%
21.615RSNova Hartz
2%
15.545MGNova Ponte
2%
4.374PINova Santa Rita
2%
29.300RSNova Santa Rita
2%
8.219PRNova Santa Rosa
2%
43.376BANova Viçosa
2%
2.913GONovo Brasil
2%
5.299MGNovorizonte
2%
2.496SPÓleo
2%
11.624ALOlivença
2%
73.096PAOriximiná
2%
22.141PROrtigueira
2%
14.428SEPacatuba
2%
83.432CEPacatuba
2%
4.486MGPaineiras
2%
1.529MGPaiva
2%
16.169SCPalmitos
2%
26.474PEPanelas
2%
15.777SPPanorama
2%
3.945PIPaquetá
2%
5.237RNParazinho
2%
6.074ROParecis
2%
58.272RSParobé
2%
3.089RNPassagem
2%
2.419PBPassagem
2%
19.019MAPassagem Franca
2%
4.313PIPassagem Franca do Piauí
2%
7.366SPPaulicéia
2%
17.541MGPeçanha
2%
43.258CEPedra Branca
2%
3.801PBPedra Branca
2%
16.502APPedra Branca do Amapari
2%
11.195MGPedralva
2%
9.077CEPenaforte
2%
21.390MGPerdões
2%
25.669SPPereira Barreto
2%
17.827ALPiaçabuçu
2%
16.075PBPiancó
2%
5.742RSPicada Café
2%
3.003RSPinto Bandeira
2%
18.425PIPio IX
2%
21.485MAPio XII
2%
16.959CEPiquet Carneiro
2%
27.303SPPiracaia
2%
9.280SEPirambu
2%
13.636SPPiratininga
2%
3.854SCPiratuba
2%
16.791MGPoço Fundo
2%
6.059SPPoloni
2%
22.014SPPompéia
2%
31.812MGPompéu
2%
45.394GOPorangatu
2%
14.996CEPorteiras
2%
37.906MGPorteirinha
2%
18.504ACPorto Acre
2%
27.165ALPorto Calvo
2%
21.971APPorto Grande
2%
17.131MSPorto Murtinho
2%
10.246RSPorto Xavier
2%
9.031MGPrados
2%
3.603MGPratinha
2%
2.901RSPresidente Lucena
2%
2.287SCPresidente Nereu
2%
11.123PRPrimeiro de Maio
2%
29.626SEPropriá
2%
3.804SPQuadra
2%
4.015PRQuatro Pontes
2%
34.103PRQuedas do Iguaçu
2%
17.479MTQuerência
2%
12.206PRQuerência do Norte
2%
4.573PRQuinta do Sol
2%
19.049PRQuitandinha
2%
1.956PBQuixaba
2%
6.813PEQuixaba
2%
16.354MGRaposos
2%
14.899PRRebouças
2%
6.802PRRenascença
2%
26.715PRReserva
2%
2.732MTReserva do Cabaçal
2%
7.593SPRestinga
2%
8.136MGRiachinho
2%
4.645TORiachinho
2%
24.615MSRibas do Rio Pardo
2%
3.629SPRifaina
2%
3.203PRRio Bom
2%
6.205SCRio das Antas
2%
23.535PERio Formoso
2%
5.832MGRio Manso
2%
12.313MGRio Paranaíba
2%
17.910MGRio Pomba
2%
24.176PBRio Tinto
2%
4.653RSRiozinho
2%
11.393RSRoca Sales
2%
11.551SCRodeio
2%
3.533MGRomaria
2%
10.601RSRonda Alta
2%
5.590SPSabino
2%
2.609RSSagrada Família
2%
40.675PASalinópolis
2%
15.843PESaloá
2%
3.781SCSaltinho
2%
8.286SPSaltinho
2%
26.462PESanharó
2%
14.788SPSanta Branca
2%
47.673SPSanta Cruz do Rio Pardo
2%
26.898SPSanta Gertrudes
2%
16.208MGSanta Margarida
2%
2.562RSSanta Margarida do Sul
2%
17.700CESantana do Cariri
2%
45.993PRSanto Antônio da Platina
2%
23.310SPSanto Antônio de Posse
2%
28.243MGSanto Antônio do Monte
2%
6.811SPSanto Antônio do Pinhal
2%
6.961ALSão Brás
2%
3.738MGSão Brás do Suaçuí
2%
33.742BASão Desidério
2%
18.335RSSão Francisco de Assis
2%
5.755PISão Francisco de Assis do Piauí
2%
37.424SCSão João Batista
2%
20.665MASão João Batista
2%
7.453MGSão João Batista do Glória
2%
26.361MGSão João Nepomuceno
2%
21.298PESão José da Coroa Grande
2%
33.951PESão José do Egito
2%
6.736PRSapopema
2%
2.005MGSenador Cortes
2%
6.086RNSenador Elói de Souza
2%
23.024ACSenador Guiomard
2%
40.684BASento Sé
2%
19.165PESerrita
2%
57.665MSSidrolândia
2%
2.989GOSítio d'Abadia
2%
30.070ESSooretama
2%
65.089PESurubim
2%
12.874PETacaimbó
2%
18.395SCTaió
2%
23.207SPTambaú
2%
16.205PRTapejara
2%
24.111RSTapejara
2%
2.811SPTaquaral
2%
3.529GOTaquaral de Goiás
2%
15.000SPTarumã
2%
11.661MGTeixeiras
2%
17.094PRTerra Boa
2%
11.204RSTerra de Areia
2%
33.232RSTeutônia
2%
75.946CETianguá
2%
20.522PRTibagi
2%
4.106RNTibau
2%
14.180RNTibau do Sul
2%
55.918CETrairi
2%
19.275SCTrês Barras
2%
12.040PRTrês Barras do Paraná
2%
7.840SCTreze Tílias
2%
6.894SPTuiuti
2%
4.569RSTunas
2%
8.769PRTunas do Paraná
2%
1.472RSTupanci do Sul
2%
23.948RSTupanciretã
2%
8.202PETuparetama
2%
1.727SPTurmalina
2%
19.964MGTurmalina
2%
12.533MGUbaí
2%
34.792CEUbajara
2%
4.780SPUbirajara
2%
9.907PBUmbuzeiro
2%
11.314PRUraí
2%
21.268SCUrussanga
2%
13.326SPValentim Gentil
2%
21.402ESVargem Alta
2%
11.892PRVentania
2%
18.482PEVenturosa
2%
9.534PEVerdejante
2%
7.618PEVertente do Lério
2%
32.643PEVicência
2%
16.128MTVila Bela da Santíssima Trindade
2%
4.358RSVila Maria
2%
13.752MGVirgem da Lapa
2%
8.674MGVirgínia
2%
61.403PAViseu
2%
3.014RSWestfália
2%
5.679PRXambrê
2%
3.933SCXavantina
2%
44.751PAXinguara
2%
3.363SCZortéa
2%
11.737CEAbaiara
1%
8.739BAAbaíra
1%
20.086BAAbaré
1%
2.563SCAbdon Batista
1%
17.904SCAbelardo Luz
1%
13.454MGAbre Campo
1%
2.579TOAbreulândia
1%
3.994MGAcaiaca
1%
14.929CEAcarape
1%
62.641CEAcaraú
1%
7.084PIAcauã
1%
54.270CEAcopiara
1%
5.399MTAcorizal
1%
22.366GOAcreúna
1%
10.864SCAgrolândia
1%
5.448SCAgronômica
1%
1.999MGÁgua Comprida
1%
16.970BAÁgua Fria
1%
5.735GOÁgua Fria de Goiás
1%
4.486MGAguanil
1%
3.252RNÁgua Nova
1%
19.207MGÁguas Formosas
1%
2.366SCÁguas Frias
1%
6.469SCÁguas Mornas
1%
13.539MGÁguas Vermelhas
1%
7.024RSAjuricaba
1%
28.496PBAlagoa Grande
1%
6.025SPAlambari
1%
3.007MGAlbertina
1%
5.343MSAlcinópolis
1%
56.789PAAlenquer
1%
13.577RNAlexandria
1%
27.653GOAlexânia
1%
2.567PBAlgodão de Jandaíra
1%
19.588PBAlhandra
1%
19.853MGAlpinópolis
1%
4.160SPAltair
1%
19.044MTAlto Araguaia
1%
5.847MGAlto Caparaó
1%
3.028RSAlto Feliz
1%
12.030MTAlto Garças
1%
6.414GOAlto Horizonte
1%
8.317MGAlto Jequitibá
1%
11.356MTAlto Paraguai
1%
9.836PRAlto Piquiri
1%
7.836ESAlto Rio Novo
1%
17.146CEAlto Santo
1%
10.847MTAlto Taquari
1%
16.041AMAlvarães
1%
3.679SPÁlvares Florence
1%
24.915SPÁlvares Machado
1%
3.222SPAlvinlândia
1%
12.796RRAmajari
1%
39.396MSAmambai
1%
6.257PRAmaporã
1%
3.812GOAmaralina
1%
37.241BAAmargosa
1%
11.536AMAmaturá
1%
25.102BAAmélia Rodrigues
1%
40.504SPAmérico Brasiliense
1%
43.452CEAmontada
1%
22.005BAAnagé
1%
2.801PRAnahy
1%
27.890PAAnapu
1%
25.135MSAnastácio
1%
9.035MSAnaurilândia
1%
12.224MGAndrelândia
1%
25.228SPAngatuba
1%
11.150PEAngelim
1%
3.433TOAngico
1%
11.714RNAngicos
1%
2.928PRÂngulo
1%
4.115SPAnhumas
1%
21.850GOAnicuns
1%
3.232SCAnitápolis
1%
21.010AMAnori
1%
9.318MGAntônio Dias
1%
10.133MTApiacás
1%
24.374SPApiaí
1%
10.743SCApiúna
1%
17.731BAAporá
1%
4.198GOAporé
1%
4.267SCArabutã
1%
16.987PBAraçagi
1%
2.347MGAraçaí
1%
20.118GOAragarças
1%
10.308GOAragoiânia
1%
5.758TOAragominas
1%
8.517TOAraguaçu
1%
935MTAraguainha
1%
5.729TOAraguanã
1%
15.426MAAraguanã
1%
35.761TOAraguatins
1%
32.701MAArame
1%
2.469SPArapeí
1%
6.869MGAraporã
1%
28.115PRArapoti
1%
16.822MTAraputanga
1%
5.698RSAraricá
1%
6.235RSAratiba
1%
11.847CEAratuba
1%
10.056SEArauá
1%
10.772MGArceburgo
1%
15.070MGAreado
1%
8.560SPArealva
1%
11.129SPAreiópolis
1%
2.612GOArenópolis
1%
14.306RNArês
1%
17.875MGArinos
1%
22.354MTAripuanã
1%
8.674SCArmazém
1%
2.937RSArroio do Padre
1%
13.373RSArroio do Tigre
1%
7.934SCAscurra
1%
1.822SPAspásia
1%
3.210SCAtalanta
1%
3.554RSÁurea
1%
39.565AMAutazes
1%
13.649SPAvanhandava
1%
12.130MAAxixá
1%
9.756TOAxixá do Tocantins
1%
19.148MGBaependi
1%
30.673PABagre
1%
6.288CEBaixio
1%
7.826MGBaldim
1%
5.138GOBaliza
1%
9.068SPBálsamo
1%
12.941PRBalsa Nova
1%
6.623RSBarão de Cotegipe
1%
15.932ALBarra de Santo Antônio
1%
8.322ALBarra de São Miguel
1%
6.036PBBarra de São Miguel
1%
34.966MTBarra do Bugres
1%
7.659SPBarra do Turvo
1%
7.032PIBarro Duro
1%
5.591BABarro Preto
1%
11.199RSBarros Cassal
1%
26.857PIBatalha
1%
18.232ALBatalha
1%
3.511PRBela Vista da Caroba
1%
15.397PRBela Vista do Paraíso
1%
20.729PEBelém do São Francisco
1%
17.732PABelterra
1%
11.652SCBenedito Novo
1%
62.737PABenevides
1%
3.501PBBernardino Batista
1%
11.148SPBernardino de Campos
1%
19.679AMBeruri
1%
2.515MGBiquinhas
1%
16.389PRBituruna
1%
6.712RSBoa Vista do Buricá
1%
2.470RSBoa Vista do Cadeado
1%
2.603RSBoa Vista do Incra
1%
9.706GOBonfinópolis
1%
5.493MGBonfinópolis de Minas
1%
17.804PBBoqueirão
1%
6.407PIBoqueirão do Piauí
1%
19.412MGBorda da Mata
1%
2.653SPBorebi
1%
6.592PRBorrazópolis
1%
6.279RSBossoroca
1%
14.971MGBotelhos
1%
5.246SCBotuverá
1%
33.450SCBraço do Norte
1%
3.743SCBraço do Trombudo
1%
5.427PRBraganey
1%
10.494ALBranquinha
1%
15.086PABrasil Novo
1%
5.686SPBraúna
1%
4.801MGBraúnas
1%
11.001MGBueno Brandão
1%
10.365MGBuenópolis
1%
3.982MGBugre
1%
10.266ACBujari
1%
17.144SPBuritama
1%
72.358MABuriticupu
1%
4.481SPBuritizal
1%
28.056MGBuritizeiro
1%
13.081AMCaapiranga
1%
21.828PBCaaporã
1%
30.174MSCaarapó
1%
7.993GOCabeceiras
1%
10.586PICabeceiras do Piauí
1%
5.312ROCabixi
1%
6.230ROCacaulândia
1%
7.173PBCacimbas
1%
18.985SPCaconde
1%
23.170BACaculé
1%
11.624MGCaetanópolis
1%
5.496MGCaiana
1%
18.913GOCaiapônia
1%
6.148SCCaibi
1%
18.176BACairu
1%
5.874SPCaiuá
1%
3.987MGCajuri
1%
11.117APCalçoene
1%
3.346SCCalmon
1%
31.988BACamacan
1%
35.316BACamamu
1%
3.721MGCampanário
1%
3.817MGCampo Azul
1%
3.833PRCampo Bonito
1%
8.526SCCampo Erê
1%
8.151MGCampo Florido
1%
71.206BACampo Formoso
1%
46.833PICampo Maior
1%
11.217RNCampo Redondo
1%
15.461MGCampos Altos
1%
19.887GOCampos Belos
1%
28.774MGCampos Gerais
1%
2.141GOCampos Verdes
1%
8.551PECamutanga
1%
4.743MTCanabrava do Norte
1%
17.722ALCanapi
1%
9.711BACanápolis
1%
12.150MGCanápolis
1%
26.176BACanarana
1%
21.579MTCanarana
1%
5.603MGCana Verde
1%
31.099BACanavieiras
1%
6.198RSCândido Godói
1%
15.979PRCandói
1%
12.240SCCanelinha
1%
24.804PECanhotinho
1%
5.216SPCanitar
1%
9.754MGCapim Branco
1%
16.173MGCapinópolis
1%
20.048PECapoeiras
1%
8.270RSCaraá
1%
28.294AMCarauari
1%
20.493RNCaraúbas
1%
4.162PBCaraúbas
1%
5.868PICaraúbas do Piauí
1%
37.869AMCareiro
1%
30.225AMCareiro da Várzea
1%
22.547CECaridade
1%
5.067PICaridade do Piauí
1%
18.699CECariús
1%
14.320PRCarlópolis
1%
11.476MGCarmo da Mata
1%
22.478MGCarmo do Cajuru
1%
30.329MGCarmo do Paranaíba
1%
21.225MGCarmo do Rio Claro
1%
10.759RNCarnaubais
1%
12.932PECarnaubeira da Penha
1%
10.027MGCarneirinho
1%
10.169RRCaroebe
1%
4.047MGCarrancas
1%
3.075MGCascalho Rico
1%
21.939MSCassilândia
1%
3.435GOCastelândia
1%
30.546PBCatolé do Rocha
1%
8.774RSCatuípe
1%
9.237SPCedral
1%
10.675MACedral
1%
2.728SCCelso Ramos
1%
10.350MGCentralina
1%
6.091RSCerrito
1%
4.691RSCerro Branco
1%
11.179RNCerro Corá
1%
2.311RSCerro Grande
1%
3.124SCCerro Negro
1%
13.518PEChã de Alegria
1%
13.680MGChapada Gaúcha
1%
3.279RSCharrua
1%
3.756RSChiapetta
1%
19.254PRChopinzinho
1%
13.521CEChoró
1%
20.264CEChorozinho
1%
11.182ROChupinguaia
1%
5.441RSChuvisca
1%
16.559PRClevelândia
1%
5.700MTCocalinho
1%
20.240GOCocalzinho de Goiás
1%
28.637AMCodajás
1%
12.085PAColares
1%
33.438MTColíder
1%
8.205TOColméia
1%
38.582MTColniza
1%
4.852TOCombinado
1%
27.893MGConceição das Alagoas
1%
47.864PAConceição do Araguaia
1%
6.753RSCondor
1%
30.933MTConfresa
1%
11.950MGCongonhal
1%
1.783MGConsolação
1%
9.911RSConstantina
1%
18.584PRContenda
1%
17.071PRCorbélia
1%
4.453SCCordilheira Alta
1%
8.890MGCordisburgo
1%
15.445PBCoremas
1%
5.947MSCorguinho
1%
2.519RSCoronel Barros
1%
7.325RSCoronel Bicaco
1%
9.222MGCoronel Murta
1%
20.734PRCoronel Vivida
1%
9.723GOCorumbaíba
1%
4.055SPCorumbataí
1%
3.219PRCorumbataí do Sul
1%
7.391ROCorumbiara
1%
15.909SCCorupá
1%
7.307SPCosmorama
1%
13.782BACotegipe
1%
1.921PBCoxixola
1%
2.966GOCristianópolis
1%
18.063CECroatá
1%
2.073SPCruzália
1%
18.708PRCruz Machado
1%
2.950PRCruzmaltina
1%
20.338PBCuité
1%
6.353PBCuité de Mamanguape
1%
25.215ROCujubim
1%
2.854GOCumari
1%
10.906PECumaru
1%
13.473PACumaru do Norte
1%
11.086SCCunha Porã
1%
24.107PECupira
1%
15.101PRCuriúva
1%
5.983APCutias
1%
8.025MGDelfim Moreira
1%
9.462MTDenise
1%
12.924MSDeodápolis
1%
2.805RSDerrubadas
1%
5.013MGDescoberto
1%
2.427RSDezesseis de Novembro
1%
5.087PRDiamante do Norte
1%
3.439PRDiamante do Sul
1%
22.041MTDiamantino
1%
3.014RSDilermando de Aguiar
1%
3.802MGDiogo de Vasconcelos
1%
1.793SPDirce Reis
1%
6.786MGDivisa Alegre
1%
8.929SPDobrada
1%
27.315SPDois Córregos
1%
3.400RSDois Lajeados
1%
11.075ALDois Riachos
1%
2.115SPDolcinópolis
1%
8.178MTDom Aquino
1%
59.719PADom Eliseu
1%
3.041RSDona Francisca
1%
5.169MGDores de Guanhães
1%
1.908MGDouradoquara
1%
7.076RNDoutor Severiano
1%
12.445SPDuartina
1%
11.349MADuque Bacelar
1%
6.102SPEchaporã
1%
35.273AMEirunepé
1%
17.772SPElias Fausto
1%
3.651SPElisiário
1%
28.076MGElói Mendes
1%
3.522PBEmas
1%
2.452SPEmbaúba
1%
5.961PREnéas Marques
1%
1.034RSEngenho Velho
1%
8.475RSEntre-Ijuís
1%
20.033AMEnvira
1%
2.991RSErebango
1%
2.063SCErmo
1%
3.168RSErnestina
1%
4.859RSErval Grande
1%
18.895MGErvália
1%
6.912RSErval Seco
1%
4.412SCErval Velho
1%
1.698PREsperança Nova
1%
10.996TOEsperantina
1%
39.737PIEsperantina
1%
31.617MGEspinosa
1%
44.330SPEspírito Santo do Pinhal
1%
37.237BAEsplanada
1%
15.588RSEspumoso
1%
11.304SPEstiva Gerbi
1%
2.343MGEstrela Dalva
1%
8.419SPEstrela d'Oeste
1%
3.655RSEstrela Velha
1%
2.396RSEugênio de Castro
1%
3.913MGEwbank da Câmara
1%
28.583RNExtremoz
1%
2.731RSFagundes Varela
1%
6.627GOFaina
1%
2.377MGFama
1%
5.637GOFazenda Nova
1%
4.533RSFazenda Vilanova
1%
5.584SEFeira Nova
1%
22.131PEFeira Nova
1%
8.504MAFeira Nova do Maranhão
1%
15.336MGFelixlândia
1%
4.754ALFeliz Deserto
1%
11.006MGFervedouro
1%
3.051MSFigueirão
1%
5.263TOFigueirópolis
1%
3.494MTFigueirópolis D'Oeste
1%
16.377BAFiladélfia
1%
8.856TOFiladélfia
1%
1.464SPFlora Rica
1%
2.917SPFloreal
1%
10.548PRFlorestópolis
1%
2.412RSForquetinha
1%
26.793SCForquilhinha
1%
16.480CEFortim
1%
4.650PRFoz do Jordão
1%
6.046PRFrancisco Alves
1%
26.277MGFrancisco Sá
1%
2.023SCFrei Rogério
1%
11.625PIFronteiras
1%
4.349MGFunilândia
1%
6.817MGGaliléia
1%
2.786RNGalinhos
1%
4.808SPGastão Vidigal
1%
5.534RSGaurama
1%
13.710PRGeneral Carneiro
1%
1.634RSGentil
1%
11.409SPGetulina
1%
16.004RSGiruá
1%
4.815SPGlicério
1%
2.946PRGodoy Moreira
1%
11.231GOGoianápolis
1%
5.123TOGoianorte
1%
13.019TOGoiatins
1%
7.111PRGoioxim
1%
16.828MAGovernador Eugênio Barros
1%
7.486PEGranito
1%
4.844CEGranjeiro
1%
6.569SCGrão Pará
1%
10.383RNGrossos
1%
1.503RSGuabiju
1%
12.168SPGuaiçara
1%
6.581PRGuairaçá
1%
14.245MGGuapé
1%
21.454SPGuapiaçu
1%
3.802PRGuapirama
1%
2.243PRGuaporema
1%
5.193CEGuaramiranga
1%
19.021MGGuaranésia
1%
12.472PRGuaraniaçu
1%
6.664SPGuarantã
1%
35.816MTGuarantã do Norte
1%
20.843BAGuaratinga
1%
6.580MGGuarda-Mor
1%
4.704SCGuatambú
1%
7.078MGGuidoval
1%
8.039MGGuimarânia
1%
14.129PBGurinhém
1%
5.267SPGuzolândia
1%
4.866RSHarmonia
1%
6.558MGHeliodora
1%
9.526SPHerculândia
1%
3.018RSHerveiras
1%
6.776RSHulha Negra
1%
28.717MAHumberto de Campos
1%
11.710SPIacanga
1%
9.240SPIaras
1%
35.104SPIbaté
1%
6.352PRIbema
1%
5.021MGIbertioga
1%
8.395MGIbiaí
1%
1.957SCIbiam
1%
9.224BAIbiassucê
1%
16.198BAIbicuí
1%
29.235PEIbimirim
1%
7.262RSIbiraiaras
1%
7.762PEIbirajuba
1%
20.350RSIbirubá
1%
19.934CEIcapuí
1%
24.674SPIgaraçu do Tietê
1%
9.534SPIgaratá
1%
24.499ALIgreja Nova
1%
4.404PRIguaraçu
1%
7.947MGIguatama
1%
4.078RSIlópolis
1%
10.135SCImaruí
1%
13.111PRImbaú
1%
32.564PRImbituva
1%
3.120RSImigrante
1%
15.611GOIndiara
1%
18.385ALInhapi
1%
24.140MGInhapim
1%
6.271MGInhaúma
1%
2.945SCIomerê
1%
14.971SPIpaussu
1%
7.546SPIpeúna
1%
45.873BAIpiaú
1%
4.218SPIporanga
1%
16.409SPIpuã
1%
2.241RNIpueira
1%
38.166CEIpueiras
1%
2.015TOIpueiras
1%
24.235SPIracemápolis
1%
3.976SCIraceminha
1%
10.419SCIrani
1%
10.169PRIretama
1%
42.900GOItaberaí
1%
4.918PEItacuruba
1%
12.351BAItagi
1%
4.466PRItaguajé
1%
26.349PEItaíba
1%
21.669SCItaiópolis
1%
12.760MGItaipé
1%
37.980CEItaitinga
1%
34.735MGItamarandiba
1%
6.737MTItanhangá
1%
19.405BAItanhém
1%
21.062MGItaobim
1%
22.981GOItapaci
1%
52.675CEItapajé
1%
68.203MAItapecuru Mirim
1%
11.964PRItapejara d'Oeste
1%
28.634PRItaperuçu
1%
13.616PEItapetim
1%
13.992SPItapuí
1%
4.906SPItapura
1%
8.319BAItaquara
1%
16.955PEItaquitinga
1%
41.826CEItarema
1%
17.436SPItariri
1%
20.697SPItatinga
1%
10.962PBItatuba
1%
3.802MTItaúba
1%
5.419MGItaverava
1%
14.990MGItinga
1%
26.000MAItinga do Maranhão
1%
18.157SPItirapina
1%
7.841SPItobi
1%
28.602BAItuberá
1%
53.269PAItupiranga
1%
25.086SCItuporanga
1%
3.788MGItutinga
1%
10.994BAIuiú
1%
6.929SPJaborandi
1%
8.385BAJaborandi
1%
9.133RNJaçanã
1%
8.239PAJacareacanga
1%
17.866SPJacupiranga
1%
13.620PRJaguapitã
1%
11.401CEJaguaribara
1%
33.705CEJaguaruana
1%
20.024SCJaguaruna
1%
38.909MGJaíba
1%
8.409MTJangada
1%
5.245PRJaniópolis
1%
4.994PRJapira
1%
9.110MSJaporã
1%
7.187MSJaraguari
1%
11.328PRJardim Alegre
1%
1.331PRJardim Olinda
1%
17.150PEJataúba
1%
8.793MTJauru
1%
4.912MGJeceaba
1%
7.692MGJenipapo de Minas
1%
16.515MAJenipapo dos Vieiras
1%
11.580ALJequiá da Praia
1%
40.463BAJeremoabo
1%
12.192ESJerônimo Monteiro
1%
4.573MGJoanésia
1%
33.822PEJoão Alfredo
1%
4.523SPJoão Ramalho
1%
3.432MAJunco do Maranhão
1%
20.679SPJunqueirópolis
1%
2.101SCJupiá
1%
18.812SPJuquiá
1%
4.331MGJuramento
1%
7.340PRJuranda
1%
10.563MGJuruaia
1%
15.865MTJuruena
1%
57.943PAJuruti
1%
11.221MTJuscimeira
1%
14.317AMJutaí
1%
6.712MSJuti
1%
2.246SCLacerdópolis
1%
7.613MGLagamar
1%
13.357TOLagoa da Confusão
1%
18.071PELagoa do Carro
1%
16.290PELagoa dos Gatos
1%
4.102MGLagoa dos Patos
1%
15.614RNLagoa Nova
1%
6.452RSLagoão
1%
27.503PBLagoa Seca
1%
1.427SCLajeado Grande
1%
3.955BALajedão
1%
3.783BALajedinho
1%
27.223BALapão
1%
6.970SCLaurentino
1%
15.244SCLauro Muller
1%
11.980SPLavínia
1%
7.260SPLavrinhas
1%
3.954PRLeópolis
1%
3.310PRLidianópolis
1%
4.676PRLindoeste
1%
12.130SCLontras
1%
21.747SPLucélia
1%
13.080PBLucena
1%
2.394SPLucianópolis
1%
12.859SCLuiz Alves
1%
4.794PRLunardelli
1%
4.920PRLupionópolis
1%
2.649SPLutécia
1%
5.685SCLuzerna
1%
25.486PILuzilândia
1%
4.587RSMaçambará
1%
25.376PEMacaparana
1%
17.163SPMacatuba
1%
8.120SPMacaubal
1%
49.826BAMacaúbas
1%
16.088PEMachados
1%
3.119SPMagda
1%
13.630PRMallet
1%
13.132PRMamborê
1%
2.981RSMampituba
1%
32.105AMManaquiri
1%
22.819PRMandaguaçu
1%
34.400PRMandaguari
1%
26.869PRMandirituba
1%
2.571PRManfrinópolis
1%
16.714PRMangueirinha
1%
7.299RSManoel Viana
1%
14.002SPMaracaí
1%
7.293SCMaracajá
1%
20.834BAMaracás
1%
11.345PEMaraial
1%
8.347RNMarcelino Vieira
1%
8.492PIMarcolândia
1%
18.867ACMarechal Thaumaturgo
1%
3.885RSMariana Pimentel
1%
5.175TOMarianópolis do Tocantins
1%
4.084SPMariápolis
1%
10.345PRMariluz
1%
5.603PRMaripá
1%
14.367PRMarmeleiro
1%
4.405PRMarquinho
1%
26.461SPMartinópolis
1%
3.514ALMar Vermelho
1%
13.822BAMascote
1%
38.737CEMassapê
1%
6.441PIMassapê do Piauí
1%
25.216ALMata Grande
1%
8.586MGMata Verde
1%
14.468MGMatias Barbosa
1%
23.370MAMatinha
1%
18.908MGMatipó
1%
33.782MAMatões
1%
4.515RSMato Leitão
1%
3.272PRMato Rico
1%
2.520SCMatos Costa
1%
12.459MGMato Verde
1%
24.642ALMatriz de Camaragibe
1%
3.749MGMatutina
1%
12.371RNMaxaranguape
1%
21.632APMazagão
1%
31.597PAMedicilândia
1%
7.015SCMeleiro
1%
27.654PAMelgaço
1%
10.739MGMercês
1%
3.836SPMeridiano
1%
15.057CEMeruoca
1%
29.070GOMinaçu
1%
31.484MGMinas Novas
1%
3.894MGMinduri
1%
9.660ROMinistro Andreazza
1%
10.754MGMiradouro
1%
3.086SPMira Estrela
1%
15.390PEMirandiba
1%
4.871SPMirassolândia
1%
2.309SCMirim Doce
1%
82.094PAMoju
1%
2.259SPMonções
1%
11.742SCMondaí
1%
25.087SPMonte Aprazível
1%
8.249MGMontezuma
1%
11.270PEMoreilândia
1%
12.121PRMoreira Sales
1%
32.968SPMorro Agudo
1%
2.248GOMorro Agudo de Goiás
1%
2.462MGMorro da Garça
1%
2.893SCMorro Grande
1%
6.568RSMorro Redondo
1%
6.407RSMorro Reuter
1%
15.659GOMozarlândia
1%
17.853RRMucajaí
1%
3.162RSMuitos Capões
1%
6.029MGMunhoz
1%
3.984PRMunhoz de Melo
1%
29.399BAMuritiba
1%
22.221BAMutuípe
1%
3.220MGNacip Raydan
1%
3.141SPNantes
1%
6.996MGNaque
1%
4.857SPNarandiba
1%
8.608MGNazareno
1%
9.142GONazário
1%
18.719SENeópolis
1%
29.850GONerópolis
1%
21.173AMNhamundá
1%
11.478SPNhandeara
1%
46.388GONiquelândia
1%
27.602RNNísia Floresta
1%
15.336MTNobres
1%
11.290RRNormandia
1%
36.924SENossa Senhora da Glória
1%
26.629SENossa Senhora das Dores
1%
6.483SENossa Senhora de Lourdes
1%
6.973SPNova Aliança
1%
1.543PRNova Aliança do Ivaí
1%
2.352GONova América
1%
3.445PRNova América da Colina
1%
4.759RSNova Araçá
1%
9.916RSNova Bassano
1%
3.829MTNova Brasilândia
1%
20.474RONova Brasilândia D'Oeste
1%
3.330RSNova Bréscia
1%
2.698RSNova Candelária
1%
5.302PRNova Cantu
1%
1.267SPNova Castilho
1%
37.343RNNova Cruz
1%
5.019SCNova Erechim
1%
8.153PRNova Fátima
1%
7.812BANova Fátima
1%
21.500SPNova Granada
1%
11.554PRNova Laranjeiras
1%
30.583RONova Mamoré
1%
8.641MTNova Maringá
1%
3.600MGNova Módica
1%
20.301MTNova Olímpia
1%
5.806PRNova Olímpia
1%
2.553RSNova Pádua
1%
6.512RSNova Palma
1%
16.723MGNova Resende
1%
4.249PRNova Santa Bárbara
1%
5.649PRNova Tebas
1%
6.970RONova União
1%
5.725MGNova União
1%
21.374MTNova Xavantina
1%
19.454AMNovo Airão
1%
25.644AMNovo Aripuanã
1%
4.196RSNovo Cabrais
1%
31.331MGNovo Cruzeiro
1%
2.844PRNovo Itacolomi
1%
12.690ALNovo Lino
1%
28.607CENovo Oriente
1%
10.755MGNovo Oriente de Minas
1%
75.919PANovo Repartimento
1%
1.719RSNovo Xingu
1%
25.703CEOcara
1%
4.289SPOcauçu
1%
6.096MGOlhos-d'Água
1%
4.381SPOnda Verde
1%
4.655MGOratórios
1%
8.018MGOrizânia
1%
15.615GOOrizona
1%
14.991PEOrocó
1%
2.603SPOscar Bressane
1%
18.744SCOtacílio Costa
1%
32.832PAOurilândia do Norte
1%
3.428PROurizona
1%
17.451BAOurolândia
1%
36.035ROOuro Preto do Oeste
1%
3.039PBOuro Velho
1%
6.667GOOuvidor
1%
14.197SPPacaembu
1%
47.706PAPacajá
1%
20.154MGPadre Paraíso
1%
1.505SCPaial
1%
41.281PRPaiçandu
1%
2.359SCPainel
1%
3.389PIPajeú do Piauí
1%
7.423SCPalma Sola
1%
7.693PEPalmeirina
1%
3.585GOPalminópolis
1%
9.174RSPantano Grande
1%
19.320SCPapanduva
1%
35.076CEParacuru
1%
21.607BAParamirim
1%
11.472PRParanacity
1%
4.078SPParanapuã
1%
11.523PEParanatama
1%
32.000BAParatinga
1%
10.988GOParaúna
1%
6.435SPPardinho
1%
21.477RNParelhas
1%
13.176ALParipueira
1%
19.648SPPariquera-Açu
1%
1.649MGPassabém
1%
5.702RSPassa Sete
1%
8.084MGPassa Tempo
1%
2.039MGPassa-Vinte
1%
28.933PEPassira
1%
19.472MAPastos Bons
1%
5.610PRPato Bragado
1%
14.670SPPatrocínio Paulista
1%
12.755RNPatu
1%
19.426AMPauini
1%
20.523PIPaulistana
1%
4.830MGPaulistas
1%
7.494SCPaulo Lopes
1%
8.487RSPaverama
1%
13.996PRPeabiru
1%
7.097MGPedra Bonita
1%
3.237RNPedra Grande
1%
2.458RNPedra Preta
1%
17.626MTPedra Preta
1%
1.982RSPedras Altas
1%
3.635MGPedrinópolis
1%
7.674MSPedro Gomes
1%
7.730RSPedro Osório
1%
8.077PAPeixe-Boi
1%
4.406MGPequi
1%
11.506MGPerdigão
1%
16.307CEPereiro
1%
2.787SCPeritiba
1%
6.127PRPerobal
1%
10.091SCPescaria Brava
1%
17.123BAPiatã
1%
18.703PBPicuí
1%
6.635PBPilões
1%
3.838RNPilões
1%
12.127PIPimenteiras
1%
2.169ROPimenteiras do Oeste
1%
20.567CEPindoretama
1%
6.326PRPinhalão
1%
4.871RSPinheirinho do Vale
1%
13.657SPPiquete
1%
25.492SPPirajuí
1%
17.626MGPiranga
1%
11.417SPPirangi
1%
8.596MGPiranguinho
1%
27.527SPPirapozinho
1%
3.028TOPiraquê
1%
10.707BAPiripá
1%
27.989MGPitangui
1%
19.065PBPitimbu
1%
12.133MGPlanura
1%
34.775SEPoço Redondo
1%
39.519BAPojuca
1%
17.819GOPontalina
1%
4.628SPPontalinda
1%
3.904RSPontão
1%
1.576MTPonte Branca
1%
4.169SPPopulina
1%
9.925SPPorangaba
1%
12.914PRPorecatu
1%
7.867RNPortalegre
1%
4.848PRPorto Amazonas
1%
7.786ALPorto de Pedras
1%
4.678RSPorto Lucena
1%
2.374RSPorto Mauá
1%
1.360RSPorto Vera Cruz
1%
4.065PRPorto Vitória
1%
11.982ACPorto Walter
1%
11.045CEPotengi
1%
24.643SPPotim
1%
17.361SPPotirendaba
1%
5.940MGPouso Alto
1%
1.639RSPouso Novo
1%
17.453SCPouso Redondo
1%
5.120APPracuúba
1%
21.496SPPradópolis
1%
5.157PRPranchita
1%
5.261SPPratânia
1%
6.244RSProgresso
1%
40.432SPPromissão
1%
1.947RSProtásio Alves
1%
3.919RSPutinga
1%
4.512PRQuarto Centenário
1%
14.109SPQuatá
1%
7.449PRQuatiguá
1%
27.580BAQuijingue
1%
26.037PEQuipapá
1%
21.084CEQuiterianópolis
1%
8.972BAQuixabeira
1%
16.178CEQuixelô
1%
22.149CEQuixeré
1%
9.076SPRafard
1%
4.451PRRamilândia
1%
3.808PRRancho Alegre
1%
2.878SCRancho Queimado
1%
23.762MGRaul Soares
1%
10.517MGRecreio
1%
11.549RSRedentora
1%
20.261SPRegente Feijó
1%
17.397MGResplendor
1%
4.808MGRessaquinha
1%
15.789RSRestinga Sêca
1%
33.436BARiachão do Jacuípe
1%
13.219SPRibeirão Bonito
1%
2.225SPRibeirão dos Índios
1%
7.673SPRibeirão Grande
1%
4.033MGRibeirão Vermelho
1%
2.405MTRibeirãozinho
1%
18.652SERibeirópolis
1%
10.799SPRincão
1%
32.397PRRio Branco do Sul
1%
37.514MSRio Brilhante
1%
13.564MGRio Casca
1%
7.489SCRio do Oeste
1%
11.676SCRio dos Cedros
1%
4.611SCRio Fortuna
1%
12.518SPRiolândia
1%
2.483SCRio Rufino
1%
4.598SCRiqueza
1%
4.604MGRitápolis
1%
4.467RNRodolfo Fernandes
1%
21.349RSRolante
1%
4.786SCRomelândia
1%
9.849PRRoncador
1%
5.130RSRondinha
1%
4.001MTRondolândia
1%
6.847RSRoque Gonzales
1%
3.148SPRubinéia
1%
50.510PARurópolis
1%
30.814BARuy Barbosa
1%
3.600RNRuy Barbosa
1%
6.827PRSabáudia
1%
15.470MGSabinópolis
1%
9.932PESairé
1%
7.642SCSalete
1%
3.580PRSalgado Filho
1%
16.554CESalitre
1%
14.785PRSalto do Lontra
1%
9.331SPSalto Grande
1%
4.718SCSalto Veloso
1%
7.799RSSalvador do Sul
1%
16.270RSSananduva
1%
12.678SCSangão
1%
15.480SPSanta Adélia
1%
14.213BASanta Brígida
1%
27.778BASanta Cruz Cabrália
1%
41.931PESanta Maria da Boa Vista
1%
14.137PESanta Maria do Cambucá
1%
6.331RSSanta Maria do Herval
1%
5.232MGSanta Maria do Salto
1%
8.098RSSantana da Boa Vista
1%
4.821MGSantana do Jacaré
1%
34.663MGSantana do Paraíso
1%
2.142SCSanta Rosa de Lima
1%
1.545SPSanta Salete
1%
23.245SCSanto Amaro da Imperatriz
1%
20.878SPSanto Anastácio
1%
6.929SPSanto Antônio da Alegria
1%
18.525MGSanto Antônio do Amparo
1%
10.878SPSão Bento do Sapucaí
1%
2.336SCSão Bernardino
1%
4.448PISão Braz do Piauí
1%
12.411MGSão Gonçalo do Pará
1%
2.749MGSão João da Mata
1%
6.139PISão João da Serra
1%
6.381SCSão João do Oeste
1%
7.297SCSão João do Sul
1%
2.537RSSão José das Missões
1%
3.654PRSão José das Palmeiras
1%
43.899RNSão José de Mipibu
1%
7.171RJSão José de Ubá
1%
4.147SPSão José do Barreiro
1%
6.933RSSão José do Ouro
1%
2.408RSSão José do Sul
1%
13.410SCSão Ludgero
1%
18.856MASão Luís Gonzaga do Maranhão
1%
21.993GOSão Miguel do Araguaia
1%
7.951ALSão Miguel dos Milagres
1%
2.036GOSão Patrício
1%
3.801RSSão Pedro da Serra
1%
16.198RSSão Pedro do Sul
1%
34.710PISão Raimundo Nonato
1%
6.719MASão Roberto
1%
12.337MGSão Romão
1%
3.082TOSão Salvador do Tocantins
1%
7.089MGSão Thomé das Letras
1%
2.243RSSão Vendelino
1%
25.881MTSapezal
1%
21.365SCSchroeder
1%
44.091BASeabra
1%
10.750RSSeberi
1%
7.421RSSegredo
1%
5.100RSSelbach
1%
2.633MGSem-Peixe
1%
11.141MASenador Alexandre Costa
1%
19.327PRSengés
1%
5.581RSSentinela do Sul
1%
11.856ROSeringueiras
1%
11.582MGSerra do Salitre
1%
7.669MGSerrania
1%
1.650MTSerra Nova Dourada
1%
6.099PBSerraria
1%
5.284PRSertaneja
1%
6.486RSSertão Santana
1%
12.832SPSete Barras
1%
10.791MSSete Quedas
1%
3.657RSSeveriano de Almeida
1%
2.440RNSeveriano Melo
1%
14.007SCSiderópolis
1%
20.695GOSilvânia
1%
6.302SPSilveiras
1%
6.238MGSilvianópolis
1%
2.615MGSimão Pereira
1%
19.633MGSimonésia
1%
10.172RSSinimbu
1%
5.522RNSítio Novo
1%
18.081MASítio Novo
1%
9.029TOSítio Novo do Tocantins
1%
19.274MSSonora
1%
1.966TOSucupira
1%
7.718SPSud Mennucci
1%
2.461SCSul Brasil
1%
2.981PRSulina
1%
16.966PBSumé
1%
4.719RSTabaí
1%
28.534PETabira
1%
12.518BATabocas do Brejo Velho
1%
3.750MGTabuleiro
1%
30.697CETabuleiro do Norte
1%
25.765PETacaratu
1%
11.552MSTacuru
1%
34.132MGTaiobeiras
1%
2.793TOTalismã
1%
14.797PRTamarana
1%
5.120PRTamboara
1%
6.162ALTanque d'Arca
1%
2.765PITanque do Piauí
1%
7.918BATanquinho
1%
10.584RSTapera
1%
15.376PBTaperoá
1%
21.074BATaperoá
1%
1.875MGTapiraí
1%
7.807SPTapiraí
1%
23.218SPTaquarituba
1%
42.567ACTarauacá
1%
17.315APTartarugalzinho
1%
3.227SETelha
1%
10.786RNTenente Ananias
1%
5.952RNTenente Laurentino Cruz
1%
13.485RSTenente Portela
1%
23.148SPTeodoro Sampaio
1%
21.806MSTerenos
1%
8.043GOTerezópolis de Goiás
1%
16.789PRTerra Rica
1%
18.769PATerra Santa
1%
10.444ROTheobroma
1%
1.633SCTigrinhos
1%
5.348SCTimbé do Sul
1%
29.124MATimbiras
1%
3.030RSTio Hugo
1%
13.536SETomar do Geru
1%
7.918PRTomazina
1%
18.755AMTonantins
1%
10.010SPTorrinha
1%
13.769PETracunhaém
1%
27.715ALTraipu
1%
2.336RSTravesseiro
1%
11.053RSTrês Cachoeiras
1%
2.697RSTrês Forquilhas
1%
2.833GOTrês Ranchos
1%
3.929SCTreviso
1%
7.360SCTrombudo Central
1%
39.602PATucumã
1%
5.678RSTucunduva
1%
4.543SCTunápolis
1%
8.566PRTuneiras do Oeste
1%
41.832MATuntum
1%
25.327MGTupaciguara
1%
27.304PETupanatinga
1%
4.855RSTupandi
1%
7.893RSTuparendi
1%
8.124PRTupãssi
1%
2.016SPTuriúba
1%
3.438RSTuruçu
1%
58.860MATutóia
1%
13.540AMUarini
1%
24.240BAUauá
1%
19.056BAUbaitaba
1%
27.035BAUbatã
1%
10.559RRUiramutã
1%
2.854GOUirapuru
1%
7.733CEUmari
1%
10.555RNUmarizal
1%
2.605PRUniflor
1%
2.338RSUnistalda
1%
16.658BAUrandi
1%
9.114SPUrânia
1%
33.122MAUrbano Santos
1%
40.532GOUruaçu
1%
45.476PAUruará
1%
16.256AMUrucará
1%
11.467ROUrupá
1%
13.809SPUrupês
1%
6.825ROVale do Paraíso
1%
5.913RSVale Real
1%
3.497RSVale Verde
1%
3.573SCVargeão
1%
2.153MGVargem Bonita
1%
4.492SCVargem Bonita
1%
42.845SPVargem Grande do Sul
1%
3.827GOVarjão
1%
7.036MGVarjão de Minas
1%
18.420CEVarjota
1%
19.320MGVarzelândia
1%
20.590MGVazante
1%
4.177RNVenha-Ver
1%
6.205BAVereda
1%
3.999MGVeríssimo
1%
20.731PEVertentes
1%
6.102MSVicentina
1%
6.338SCVidal Ramos
1%
3.608MGVieiras
1%
53.686PAVigia
1%
6.171GOVila Boa
1%
3.170RNVila Flor
1%
3.385RSVila Flores
1%
10.510MGVirginópolis
1%
4.023PRVirmond
1%
1.561RSVista Alegre do Prata
1%
3.965SCWitmarsum
1%
11.540TOXambioá
1%
2.240PBZabelê
1%
15.159BAAcajutiba
0%
2.516GOAdelândia
0%
17.040BAAdustina
0%
5.139PIAgricolândia
0%
27.430PAÁgua Azul do Norte
0%
6.733TOAguiarnópolis
0%
4.446BAAiquara
0%
17.399CEAiuaba
0%
20.849PBAlagoa Nova
0%
11.714CEAlcântaras
0%
5.492PBAlcantil
0%
5.464BAAlmadina
0%
34.109PAAlmeirim
0%
4.735RNAlmino Afonso
0%
1.995GOAloândia
0%
7.424MGAlpercata
0%
6.258RSAlpestre
0%
7.586CEAltaneira
0%
31.919MAAlto Alegre do Pindaré
0%
1.937SCAlto Bela Vista
0%
6.822MTAlto Boa Vista
0%
14.304PIAlto Longá
0%
11.190MAAlto Parnaíba
0%
11.000MGAlto Rio Doce
0%
6.962MAAmapá do Maranhão
0%
3.126GOAmorinópolis
0%
17.545ALAnadia
0%
29.277PAAnajás
0%
26.803MAAnajatuba
0%
9.549TOAnanás
0%
15.732MAAnapurus
0%
8.520MGAngelândia
0%
13.977BAAngical
0%
6.788PIAngical do Piauí
0%
11.221BAAnguera
0%
9.880PIAnísio de Abreu
0%
11.683BAAntônio Cardoso
0%
11.798BAAntônio Gonçalves
0%
7.434PRAntônio Olinto
0%
4.196SPAparecida d'Oeste
0%
2.474GOAparecida do Rio Doce
0%
17.239MAApicum-Açu
0%
7.330BAApuarema
0%
14.600CEApuiarés
0%
21.563SEAquidabã
0%
2.063MGAracitaba
0%
7.086TOAraguacema
0%
7.770GOAraguapaz
0%
46.440MAAraioses
0%
11.397BAAramari
0%
5.620SPAramina
0%
6.357SPArandu
0%
2.795MGArantina
0%
6.643TOArapoema
0%
10.935CEArarendá
0%
11.019BAArataca
0%
8.825BAAratuípe
0%
2.128PBAreia de Baraúnas
0%
9.607MTArenápolis
0%
2.727MGArgirita
0%
5.231MGAricanduva
0%
7.840CEArneiroz
0%
5.835PIAroazes
0%
3.550SCArroio Trinta
0%
14.179MGAstolfo Dutra
0%
12.868MGAtaléia
0%
18.412TOAugustinópolis
0%
6.661RSAugusto Pestana
0%
11.531BAAurelino Leal
0%
3.120GOAurilândia
0%
2.417GOAvelinópolis
0%
10.664TOBabaçulândia
0%
17.055MABacabeira
0%
18.582MABacuri
0%
5.644MABacurituba
0%
13.877BABaianópolis
0%
47.446PABaião
0%
20.468BABaixa Grande
0%
11.586PIBaixa Grande do Ribeiro
0%
5.735SPBalbinos
0%
18.197CEBanabuiú
0%
3.286PABannach
0%
13.229BABanzaê
0%
5.397MGBarão de Monte Alto
0%
7.487RSBarão do Triunfo
0%
20.598BABarra da Estiva
0%
8.359PBBarra de Santana
0%
15.384PBBarra de Santa Rosa
0%
5.724SPBarra do Chapéu
0%
31.603BABarra do Choça
0%
3.248RSBarra do Guarita
0%
13.865BABarra do Mendes
0%
1.690RSBarra do Rio Azul
0%
5.714BABarra do Rocha
0%
5.131MGBarra Longa
0%
14.931BABarro Alto
0%
11.167GOBarro Alto
0%
15.978BABarrocas
0%
5.632TOBarrolândia
0%
15.017CEBarroquinha
0%
11.329MSBatayporã
0%
32.591CEBela Cruz
0%
7.469MABelágua
0%
12.073PEBelém de Maria
0%
7.342PBBelém do Brejo do Cruz
0%
3.429MGBelmiro Braga
0%
10.467PIBeneditinos
0%
21.280MABequimão
0%
4.735MGBerizal
0%
4.459TOBernardo Sayão
0%
5.501PIBertolínia
0%
4.604MGBertópolis
0%
3.379MGBias Fortes
0%
15.979BABiritinga
0%
2.503PRBoa Esperança do Iguaçu
0%
6.781PIBoa Hora
0%
7.591PRBoa Vista da Aparecida
0%
2.098RSBoa Vista das Missões
0%
2.783RSBoa Vista do Sul
0%
12.944PRBocaiúva do Sul
0%
4.217MGBom Jesus da Penha
0%
9.880BABom Jesus da Serra
0%
6.083MGBom Jesus do Amparo
0%
14.935MGBom Jesus do Galho
0%
2.142SCBom Jesus do Oeste
0%
16.294MABom Lugar
0%
1.942RSBom Progresso
0%
10.547MGBom Repouso
0%
3.264PRBom Sucesso do Sul
0%
14.368BABoninal
0%
4.405GOBonópolis
0%
7.714RSBoqueirão do Leão
0%
26.816SEBoquim
0%
21.508BABoquira
0%
6.319MGBotumirim
0%
10.211BABotuporã
0%
2.123RSBozano
0%
19.695MTBrasnorte
0%
4.333MGBrás Pires
0%
3.703GOBrazabrantes
0%
2.865SPBrejo Alegre
0%
9.188MABrejo de Areia
0%
14.122PBBrejo do Cruz
0%
6.449PBBrejo dos Santos
0%
14.295BABrejões
0%
8.309SEBrejo Grande
0%
7.380PABrejo Grande do Araguaia
0%
10.557BABrejolândia
0%
66.046PABreu Branco
0%
5.779GOBritânia
0%
5.074RSBrochier
0%
2.420SCBrunópolis
0%
18.349BABuerarema
0%
29.132PABujaru
0%
9.459GOBuriti Alegre
0%
23.884MABuriti Bravo
0%
19.781PIBuriti dos Lopes
0%
8.244PIBuriti dos Montes
0%
3.292GOBuritinópolis
0%
21.174BABuritirama
0%
15.430MABuritirana
0%
6.758BACaatiba
0%
6.949MGCabeceira Grande
0%
12.484GOCachoeira Alta
0%
3.603MGCachoeira da Prata
0%
23.767PACachoeira do Arari
0%
33.900PACachoeira do Piriá
0%
2.692MGCachoeira Dourada
0%
8.067GOCachoeira Dourada
0%
9.431MACachoeira Grande
0%
3.682PBCacimba de Areia
0%
17.187PBCacimba de Dentro
0%
10.858ALCacimbinhas
0%
5.065RSCacique Doble
0%
9.213BACaém
0%
14.542BACaetanos
0%
18.437BACafarnaum
0%
2.934PRCafeara
0%
4.191SPCaiabu
0%
4.846RSCaibaté
0%
6.549RNCaiçara do Norte
0%
3.684RNCaiçara do Rio do Vento
0%
11.177MACajapió
0%
19.379MACajari
0%
3.193PBCajazeirinhas
0%
10.542SPCajobi
0%
3.804GOCaldazinha
0%
13.327BACaldeirão Grande
0%
5.776PICaldeirão Grande do Piauí
0%
2.901MGCamacho
0%
6.013PBCamalaú
0%
7.865PRCambira
0%
3.640GOCampinaçu
0%
14.202PRCampina da Lagoa
0%
3.887PRCampina do Simão
0%
15.980MTCampinápolis
0%
12.626GOCampinorte
0%
3.320RSCampos Borges
0%
10.116TOCampos Lindos
0%
14.319BACandiba
0%
20.178MACândido Mendes
0%
34.276RNCanguaretama
0%
4.008SECanhoba
0%
34.834BACansanção
0%
21.995MACantanhede
0%
15.629AMCanutama
0%
2.525SCCapão Alto
0%
3.651RSCapão do Cipó
0%
4.653MGCapela Nova
0%
6.920MGCapetinga
0%
17.738CECapistrano
0%
4.100PICapitão Gervásio Oliveira
0%
9.298MGCaputira
0%
8.951BACaraíbas
0%
3.183MGCaranaíba
0%
9.405MGCarbonita
0%
9.295BACardeal da Silva
0%
6.757MGCareaçu
0%
29.018BACarinhanha
0%
22.082SECarira
0%
18.448CECariré
0%
10.305MTCarlinda
0%
1.377RSCarlos Gomes
0%
2.632MGCarmésia
0%
12.170MGCarmo da Cachoeira
0%
2.580TOCarmolândia
0%
17.606CECarnaubal
0%
2.659PBCarrapateira
0%
4.095TOCarrasco Bonito
0%
23.807MACarutapera
0%
3.579MGCarvalhópolis
0%
5.369TOCaseara
0%
3.202RSCaseiros
0%
7.468PBCasserengue
0%
3.641MGCatas Altas da Noruega
0%
7.804SPCatiguá
0%
4.932PBCatingueira
0%
3.577BACatolândia
0%
6.311MGCatuji
0%
10.342CECatunda
0%
5.070GOCaturaí
0%
9.329BACaturama
0%
4.852PBCaturité
0%
4.986MGCatuti
0%
5.424PICaxingó
0%
21.622MACentro Novo do Maranhão
0%
12.239RSCerro Grande do Sul
0%
8.606GOCezarina
0%
3.333TOChapada da Natividade
0%
1.406TOChapada de Areia
0%
7.311ALChã Preta
0%
13.069CEChaval
0%
2.687MGChiador
0%
11.177BAChorrochó
0%
14.697MACidelândia
0%
6.787MGCipotânea
0%
4.747RSCiríaco
0%
4.843MGClaraval
0%
8.617SPClementina
0%
16.993BACoaraci
0%
4.891PICocal de Telha
0%
6.153PICocal dos Alves
0%
4.020PICoivaras
0%
6.484PIColônia do Gurguéia
0%
21.698ALColônia Leopoldina
0%
8.873MGColuna
0%
6.929MGComercinho
0%
10.292MGConceição da Aparecida
0%
22.581BAConceição da Feira
0%
2.812MGConceição das Pedras
0%
4.574MGConceição de Ipanema
0%
17.247BAConceição do Almeida
0%
33.153BAConceição do Jacuípe
0%
5.507MGConceição do Pará
0%
13.638MGConceição do Rio Verde
0%
11.638MGConceição dos Ouros
0%
33.318PAConcórdia do Pará
0%
17.247BACondeúba
0%
7.642MGCônego Marinho
0%
5.045MGCongonhas do Norte
0%
8.818PRCongonhinhas
0%
3.860PRConselheiro Mairinck
0%
4.066BAContendas do Sincorá
0%
1.501RSCoqueiro Baixo
0%
5.845ALCoqueiro Seco
0%
3.538MGCordislândia
0%
23.136CECoreaú
0%
14.194BACoribe
0%
9.991MGCoroaci
0%
65.296MACoroatá
0%
5.506RNCoronel Ezequiel
0%
15.895BACoronel João Sá
0%
3.086MGCoronel Pacheco
0%
1.628RSCoronel Pilar
0%
3.215MGCórrego Danta
0%
3.704MGCórrego do Bom Jesus
0%
6.337MGCórrego Fundo
0%
2.771MGCórrego Novo
0%
3.853RSCotiporã
0%
19.750MTCotriguaçu
0%
5.588TOCouto Magalhães
0%
2.756RSCoxilha
0%
24.219ALCraíbas
0%
5.349BACravolândia
0%
6.704MGCrisólita
0%
21.103BACrisópolis
0%
7.289TOCristalândia
0%
8.294PICristalândia do Piauí
0%
17.874SECristinápolis
0%
10.423PICristino Castro
0%
13.910BACristópolis
0%
3.486GOCromínia
0%
5.034MGCrucilândia
0%
1.833RSCruzaltense
0%
4.252PRCruzeiro do Iguaçu
0%
20.932PRCruzeiro do Oeste
0%
7.998RNCruzeta
0%
7.797PBCubati
0%
6.803PBCuitegi
0%
3.987SECumbe
0%
1.962SCCunhataí
0%
4.982MGCuparaque
0%
11.388PICurimatá
0%
17.929PACurionópolis
0%
4.443PICurralinhos
0%
5.343PICurral Novo do Piauí
0%
2.516PBCurral Velho
0%
14.393PACuruá
0%
40.066PACuruçá
0%
32.695MACururupu
0%
5.219MTCurvelândia
0%
3.311GODamianópolis
0%
2.938GODamolândia
0%
6.097TODarcinópolis
0%
10.710BADário Meira
0%
5.410MGDatas
0%
12.908MADavinópolis
0%
2.094GODavinópolis
0%
13.817PIDemerval Lobão
0%
9.625CEDeputado Irapuan Pinheiro
0%
7.243MGDesterro de Entre Rios
0%
2.901MGDesterro do Melo
0%
5.253PRDiamante D'Oeste
0%
2.484GODiorama
0%
5.138SEDivina Pastora
0%
3.417MGDivinésia
0%
4.979MGDivino das Laranjeiras
0%
6.011MGDivisa Nova
0%
11.019MGDivisópolis
0%
2.026RSDois Irmãos das Missões
0%
12.199BADom Basílio
0%
5.072MGDom Cavati
0%
9.556PIDom Inocêncio
0%
3.001MGDom Viçoso
0%
6.572MGDona Euzébia
0%
10.153MGDores de Campos
0%
4.259MGDores do Turvo
0%
1.527MGDoresópolis
0%
7.322GODoverlândia
0%
3.596PBDuas Estradas
0%
4.686TODueré
0%
7.841MGDurandé
0%
3.699GOEdealina
0%
12.372GOEdéia
0%
14.602PIElesbão Veloso
0%
8.122BAElísio Medrado
0%
3.214SPEmilianópolis
0%
5.638RNEncanto
0%
7.242MGEngenheiro Navarro
0%
5.370MGEntre Folhas
0%
7.198CEErerê
0%
10.610BAÉrico Cardoso
0%
17.241MAEsperantinópolis
0%
4.117PREspigão Alto do Iguaçu
0%
4.829SPEspírito Santo do Turvo
0%
3.500MGEstrela do Indaiá
0%
11.275MGEugenópolis
0%
3.241MGFaria Lemos
0%
16.036SPFartura
0%
5.307PIFartura do Piauí
0%
2.315RSFaxinalzinho
0%
5.665BAFeira da Mata
0%
22.166ALFeira Grande
0%
4.753MGFelício dos Santos
0%
7.457MGFelisburgo
0%
10.360MAFernando Falcão
0%
13.292GOFirminópolis
0%
9.116RNFlorânia
0%
10.629BAFloresta Azul
0%
2.676SPFlorínia
0%
5.348PIFrancinópolis
0%
4.348PIFrancisco Ayres
0%
10.332MGFrancisco Badaró
0%
5.215MGFrancisco Dumont
0%
5.391MGFranciscópolis
0%
14.072CEFrecheirinha
0%
5.880MGFrei Gaspar
0%
9.611MGFrei Inocêncio
0%
3.478MGFrei Lagonegro
0%
5.369MGFruta de Leite
0%
4.068RNFrutuoso Gomes
0%
8.316PBGado Bravo
0%
5.109MGGameleiras
0%
32.403BAGandu
0%
11.604SEGararu
0%
26.066PAGarrafão do Norte
0%
2.924RSGarruchos
0%
5.442PIGeminiano
0%
3.346SEGeneral Maynard
0%
11.233BAGentio do Ouro
0%
10.690PIGilbués
0%
40.917ALGirau do Ponciano
0%
3.150MGGlaucilândia
0%
5.600GOGoiandira
0%
7.128BAGongogi
0%
5.898GOGouvelândia
0%
10.840MAGovernador Archer
0%
18.296MAGovernador Edison Lobão
0%
10.180MAGovernador Newton Bello
0%
5.818SEGraccho Cardoso
0%
2.082RSGramado dos Loureiros
0%
5.618PRGrandes Rios
0%
15.836MGGrão Mogol
0%
11.068CEGroaíras
0%
1.388MGGrupiara
0%
23.832SCGuabiruba
0%
5.765SPGuaimbê
0%
26.064CEGuaiúba
0%
6.937BAGuajeru
0%
15.659RNGuamaré
0%
8.739PRGuamiranga
0%
17.157SPGuapiara
0%
8.323SPGuaraçaí
0%
4.972MGGuaraciama
0%
1.996GOGuaraíta
0%
18.520SPGuareí
0%
4.562PIGuaribas
0%
1.794GOGuarinos
0%
7.656SPGuatapará
0%
9.895MSGuia Lopes da Laguna
0%
15.141MTGuiratinga
0%
8.392MGGuiricema
0%
5.639MGGurinhatã
0%
3.428PBGurjão
0%
33.376PAGurupá
0%
3.724GOHeitoraí
0%
3.564GOHidrolina
0%
3.877PIHugo Napoleão
0%
13.947GOIaciara
0%
6.321SPIacri
0%
24.305BAIaçu
0%
11.004MGIapu
0%
4.406RSIbarama
0%
13.353CEIbaretama
0%
15.616ALIbateguara
0%
4.709RSIbiaçá
0%
24.997CEIbiapina
0%
5.929PBIbiara
0%
21.689BAIbicaraí
0%
3.202SCIbicaré
0%
19.571BAIbicoara
0%
12.525CEIbicuitinga
0%
18.211BAIbipeba
0%
14.902BAIbipitanga
0%
4.044BAIbiquera
0%
5.400MGIbiracatu
0%
13.828MGIbiraci
0%
23.375BAIbirapitanga
0%
8.637BAIbirapuã
0%
4.013RSIbirapuitã
0%
7.753SPIbirarema
0%
15.312BAIbirataia
0%
16.339BAIbitiara
0%
8.889ESIbitirama
0%
17.113BAIbititá
0%
3.488MGIbitiúra de Minas
0%
11.990MGIcaraí de Minas
0%
7.904PRIcaraíma
0%
27.113MAIcatu
0%
8.243SPIcém
0%
6.206BAIchu
0%
13.766RNIelmo Marinho
0%
8.159SPIepê
0%
25.631ALIgaci
0%
15.640BAIgaporã
0%
6.117PBIgaracy
0%
14.177MAIgarapé do Meio
0%
11.320MAIgarapé Grande
0%
10.860MGIgaratinga
0%
13.226BAIgrapiúna
0%
26.916BAIguaí
0%
12.228PEIguaracy
0%
6.550MGIjaci
0%
12.375MGIlicínea
0%
6.197SCImbuia
0%
6.194GOInaciolândia
0%
7.328MGInconfidentes
0%
7.351MGIndaiabira
0%
3.897SPIndiaporã
0%
17.957SEIndiaroba
0%
2.752MTIndiavaí
0%
2.767MGIngaí
0%
2.226RSInhacorá
0%
39.926BAInhambupe
0%
11.711PAInhangapi
0%
7.515MGInimutaba
0%
7.610MSInocência
0%
3.991SPInúbia Paulista
0%
18.607MGIpaba
0%
26.985GOIpameri
0%
15.491RNIpanguaçu
0%
11.593CEIpaporanga
0%
14.487BAIpecaetá
0%
4.221MGIpiaçu
0%
5.392SPIpiguá
0%
8.996SCIporã do Oeste
0%
7.514SCIpuaçu
0%
10.079MGIpuiúna
0%
7.593SCIpumirim
0%
9.865BAIpupiara
0%
7.260BAIrajuba
0%
8.537BAIramaia
0%
7.993SPIrapuã
0%
8.294SPIrapuru
0%
25.216BAIraquara
0%
24.156CEIrauçuba
0%
11.222SCIrineópolis
0%
32.550PAIrituia
0%
2.800GOIsraelândia
0%
11.512MGItabirinha
0%
7.433TOItacajá
0%
5.385MGItacambira
0%
18.153MGItacarambi
0%
3.465RSItacurubi
0%
14.579BAItagibá
0%
6.869BAItagimirim
0%
14.429BAItaguaçu da Bahia
0%
13.358MGItaguara
0%
4.676GOItaguari
0%
5.237GOItaguaru
0%
5.864TOItaguatins
0%
7.827CEItaiçaba
0%
11.530PIItainópolis
0%
15.262SPItajobi
0%
6.682BAItaju do Colônia
0%
20.491BAItajuípe
0%
8.035BAItamari
0%
23.211MGItambacuri
0%
6.582PRItambaracá
0%
10.192MGItamogi
0%
6.441BAItanagra
0%
12.228MGItanhomi
0%
15.243MGItapagipe
0%
10.259BAItapebi
0%
35.576BAItapicuru
0%
4.997GOItapirapuã
0%
4.241SPItapirapuã Paulista
0%
3.777TOItapiratins
0%
10.313BAItapitanga
0%
20.382CEItapiúna
0%
18.664PBItapororoca
0%
2.094RSItapuca
0%
25.768GOItapuranga
0%
21.142MSItaquiraí
0%
19.747BAItarantim
0%
7.178GOItarumã
0%
11.146MGItatiaiuçu
0%
14.487BAItatim
0%
21.647CEItatira
0%
5.503APItaubal
0%
8.938GOItauçu
0%
11.019PIItaueira
0%
13.345MTItiquira
0%
6.499SPItirapuã
0%
12.576BAItiruçu
0%
36.089BAItiúba
0%
18.962BAItuaçu
0%
6.051MGItueta
0%
6.023MGItumirim
0%
8.185PRIvaté
0%
3.259PRIvatuba
0%
2.370GOIvolândia
0%
1.910RSIvorá
0%
14.842BAJacaraci
0%
14.431PBJacaraú
0%
2.692RSJacuizinho
0%
54.423BAJaguaquara
0%
3.133MGJaguaraçu
0%
33.570BAJaguarari
0%
18.162CEJaguaretama
0%
18.788BAJaguaripe
0%
19.104PIJaicós
0%
5.404MGJampruca
0%
10.709BAJandaíra
0%
6.878RNJandaíra
0%
5.268RNJanduís
0%
4.350MGJaparaíba
0%
18.743SEJaparatuba
0%
13.434SEJapoatã
0%
7.969MGJaponvar
0%
3.716RSJaquirana
0%
5.770ALJaramataia
0%
2.612RNJardim de Angicos
0%
14.837RNJardim de Piranhas
0%
12.396RNJardim do Seridó
0%
4.027MSJateí
0%
2.879GOJaupaci
0%
12.386MGJequeri
0%
7.531MGJequitaí
0%
3.159SPJeriquara
0%
4.452PIJerumenha
0%
4.787MGJesuânia
0%
2.490GOJesúpolis
0%
14.537BAJiquiriçá
0%
11.166BAJitaúna
0%
15.432MGJoaíma
0%
34.955RNJoão Câmara
0%
3.008PIJoão Costa
0%
2.654RNJoão Dias
0%
25.188BAJoão Dourado
0%
14.354PIJoaquim Pires
0%
5.443PIJoca Marques
0%
4.997SCJosé Boiteux
0%
4.501MGJosé Gonçalves de Minas
0%
16.168MAJoselândia
0%
4.867MGJosenópolis
0%
4.995MGJosé Raydan
0%
7.387GOJoviânia
0%
2.193TOJuarina
0%
18.171PBJuazeirinho
0%
24.833CEJucás
0%
9.126BAJucuruçu
0%
18.295RNJucurutu
0%
5.627PIJúlio Borges
0%
3.367SPJumirim
0%
10.756PBJuripiranga
0%
5.833BAJussari
0%
6.186BAJussiape
0%
5.724MGJuvenília
0%
18.111MGLadainha
0%
8.542PILagoa Alegre
0%
6.769RNLagoa d'Anta
0%
7.719PBLagoa de Dentro
0%
21.429PELagoa de Itaenga
0%
7.544RNLagoa de Pedras
0%
6.758PILagoa de São Francisco
0%
2.732RNLagoa de Velhos
0%
4.655PILagoa do Barro do Piauí
0%
13.145PELagoa do Ouro
0%
4.064PILagoa do Piauí
0%
5.177PILagoa do Sítio
0%
15.665BALagoa Real
0%
8.245RNLagoa Salgada
0%
10.840MALago do Junco
0%
8.873MALago dos Rodrigues
0%
16.257MALago Verde
0%
7.341MSLaguna Carapã
0%
7.550MALajeado Novo
0%
4.759RNLajes Pintadas
0%
8.307BALamarão
0%
3.391MGLamim
0%
5.295PILandri Sales
0%
6.512MGLassance
0%
2.737PBLastro
0%
1.923TOLavandeira
0%
12.107SCLebon Régis
0%
3.041SCLeoberto Leal
0%
5.219RSLiberato Salzano
0%
12.388BALicínio de Almeida
0%
11.893MALima Campos
0%
4.563SCLindóia do Sul
0%
6.054RSLindolfo Collor
0%
1.714RSLinha Nova
0%
3.740TOLizarda
0%
4.332PBLogradouro
0%
12.157MALoreto
0%
2.077MTLuciara
0%
3.996RNLucrécia
0%
14.947SPLuís Antônio
0%
6.266MGLuisburgo
0%
6.951MALuís Domingues
0%
6.699MGLuislândia
0%
5.446MGLuminárias
0%
4.584SPLupércio
0%
3.108TOLuzinópolis
0%
11.348BAMacajuba
0%
6.919SEMacambira
0%
18.755BAMacarani
0%
7.111MGMachacalis
0%
7.824BAMacururé
0%
8.310PIMadeiro
0%
3.161BAMaetinga
0%
10.112BAMaiquinique
0%
2.368GOMairipotaba
0%
3.442SCMajor Gercino
0%
19.804ALMajor Isidoro
0%
4.020RNMajor Sales
0%
18.650MGMalacacheta
0%
16.845BAMalhada
0%
8.393BAMalhada de Pedras
0%
3.682SEMalhada dos Bois
0%
12.618SEMalhador
0%
8.882GOMambaí
0%
6.543MGMamonas
0%
10.955PBManaíra
0%
9.846SPManduri
0%
13.643BAMansidão
0%
21.395MAMaracaçumé
0%
16.265MAMaranhãozinho
0%
28.336PAMarapanim
0%
3.031SPMarapoama
0%
9.503GOMara Rosa
0%
7.976MGMaravilhas
0%
8.558PBMarcação
0%
10.499MTMarcelândia
0%
4.402RSMarcelino Ramos
0%
10.406BAMarcionílio Souza
0%
1.797SCMarema
0%
2.031RSMariano Moro
0%
13.264ALMaribondo
0%
4.115MGMarilac
0%
7.076PRMarilena
0%
2.112SPMarinópolis
0%
15.416MGMário Campos
0%
6.610PRMariópolis
0%
2.973MGMaripá de Minas
0%
6.617PBMarizópolis
0%
4.039MGMarliéria
0%
2.755MGMarmelópolis
0%
13.388MGMartinho Campos
0%
11.233CEMartinópole
0%
8.417MGMartins Soares
0%
17.213SEMaruim
0%
4.679PRMarumbi
0%
2.236GOMarzagão
0%
8.434PBMataraca
0%
16.829MAMata Roma
0%
2.684TOMateiros
0%
4.459MGMaterlândia
0%
3.203MGMathias Lobato
0%
11.157MGMatias Cardoso
0%
12.201BAMatina
0%
4.500PBMatinhas
0%
2.540RSMato Castelhano
0%
16.745MAMatões do Norte
0%
1.648RSMato Queimado
0%
4.351GOMatrinchã
0%
16.566MTMatupá
0%
6.569PBMaturéia
0%
14.080GOMaurilândia
0%
3.426TOMaurilândia do Tocantins
0%
4.377RSMaximiliano de Almeida
0%
20.820MGMedina
0%
6.613PIMilton Brandão
0%
5.329ALMinador do Negrão
0%
13.589MGMirabela
0%
21.015MAMirador
0%
2.213PRMirador
0%
4.925RSMiraguaí
0%
13.818CEMiraíma
0%
18.338BAMirangaba
0%
13.434TOMiranorte
0%
1.806PRMiraselva
0%
4.888MGMiravânia
0%
14.962MAMirinzal
0%
31.136PAMocajuba
0%
4.209SCModelo
0%
13.284PBMogeiro
0%
1.529GOMoiporá
0%
11.335SEMoita Bonita
0%
16.084PAMojuí dos Campos
0%
3.493SPMombuca
0%
33.434MAMonção
0%
2.220MGMonjolos
0%
7.749PIMonsenhor Hipólito
0%
17.234CEMonsenhor Tabosa
0%
5.669PBMontadas
0%
14.877MGMontalvânia
0%
1.453RSMontauri
0%
4.906MGMonte Formoso
0%
7.159ALMonteirópolis
0%
9.160MAMontes Altos
0%
13.396GOMontividiu
0%
4.479GOMontividiu do Norte
0%
8.724CEMoraújo
0%
3.085RSMormaço
0%
8.519BAMorpará
0%
4.532PIMorro Cabeça no Tempo
0%
3.182MGMorro do Pilar
0%
12.042BAMortugaba
0%
4.290GOMossâmedes
0%
4.758SPMotuca
0%
40.349PAMuaná
0%
14.537CEMucambo
0%
5.524ESMucurici
0%
1.893RSMuliterno
0%
11.348BAMuquém de São Francisco
0%
7.625SEMuribeca
0%
3.551TOMuricilândia
0%
4.486SPMurutinga do Sul
0%
3.778GOMutunópolis
0%
3.311MGNatalândia
0%
4.730MGNatércia
0%
10.454PBNatuba
0%
7.301PBNazarezinho
0%
8.570PINazária
0%
1.682RSNicolau Vergueiro
0%
14.454MANina Rodrigues
0%
10.295MGNinheira
0%
5.213SPNipoã
0%
13.130BANordestina
0%
5.989MTNortelândia
0%
4.870PINossa Senhora de Nazaré
0%
8.692PINossa Senhora dos Remédios
0%
15.288MTNova Bandeirantes
0%
3.190MGNova Belém
0%
1.775RSNova Boa Vista
0%
9.755SPNova Campina
0%
5.384MANova Colinas
0%
12.869GONova Crixás
0%
5.046PRNova Esperança do Sudoeste
0%
11.186SPNova Europa
0%
10.638PBNova Floresta
0%
8.164GONova Glória
0%
4.519MTNova Guarita
0%
2.316SPNova Guataporanga
0%
6.591BANova Ibiá
0%
3.969SPNova Independência
0%
16.678PANova Ipixuna
0%
5.830SPNovais
0%
4.331SCNova Itaberaba
0%
8.226BANova Itarana
0%
6.640MTNova Lacerda
0%
4.101SPNova Luzitânia
0%
3.278MTNova Marilândia
0%
9.178MTNova Monte Verde
0%
3.849MTNova Nazaré
0%
4.906PBNova Palmeira
0%
7.500MGNova Porteirinha
0%
2.242RSNova Ramada
0%
9.118BANova Redenção
0%
4.260TONova Rosalândia
0%
3.718MTNova Santa Helena
0%
26.947BANova Soure
0%
15.363PANova Timboteua
0%
11.982MTNova Ubiratã
0%
4.342TONovo Acordo
0%
2.332TONovo Alegre
0%
4.164RSNovo Barreiro
0%
2.722TONovo Jardim
0%
3.323RSNovo Machado
0%
6.565PINovo Oriente do Piauí
0%
4.495GONovo Planalto
0%
2.991PINovo Santo Antônio
0%
2.640MTNovo Santo Antônio
0%
5.074MTNovo São Joaquim
0%
2.211RSNovo Tiradentes
0%
15.440BANovo Triunfo
0%
7.432SPNuporanga
0%
21.688ALOlho d'Água das Flores
0%
9.373ALOlho d'Água do Casado
0%
5.123ALOlho d'Água Grande
0%
2.787MGOlímpio Noronha
0%
14.701MAOlinda Nova do Maranhão
0%
28.229BAOlindina
0%
3.932PBOlivedos
0%
2.133MGOliveira Fortes
0%
3.148MGOnça de Pitangui
0%
7.066SPOrindiúva
0%
17.842PAOurém
0%
8.564BAOuriçangas
0%
10.361SPOuroeste
0%
12.261CEPacoti
0%
6.533CEPacujá
0%
33.835GOPadre Bernardo
0%
6.378MGPadre Carvalho
0%
6.868PIPadre Marcos
0%
4.129PIPaes Landim
0%
3.828RSPaim Filho
0%
8.283MGPains
0%
9.386CEPalhano
0%
13.322CEPalmácia
0%
14.539PIPalmeirais
0%
19.722MAPalmeirândia
0%
6.026TOPalmeirante
0%
7.659TOPalmeirópolis
0%
2.381GOPalmelo
0%
7.057RSPalmitinho
0%
5.507MGPalmópolis
0%
21.386MAParaibano
0%
32.744CEParaipaba
0%
31.521CEParambu
0%
12.226CEParamoti
0%
10.057GOParanaiguara
0%
11.225MTParanaíta
0%
3.203PRParanapoema
0%
22.563MTParanatinga
0%
14.228MSParanhos
0%
10.964SPParapuã
0%
1.771PBParari
0%
3.837RSPareci Novo
0%
10.533ALPariconha
0%
28.989BAParipiranga
0%
2.161SPParisi
0%
10.791PIParnaguá
0%
34.907MAParnarama
0%
4.147SCPassos Maia
0%
5.972MGPatis
0%
5.684MGPatrocínio do Muriaé
0%
9.571MGPaula Cândido
0%
5.873PRPaula Freitas
0%
16.035MAPaulino Neves
0%
1.833SPPaulistânia
0%
7.354PRPaulo Frontin
0%
21.040MAPaulo Ramos
0%
3.677PIPavussu
0%
6.093SPPedra Bela
0%
3.052MGPedra do Anta
0%
3.972MGPedra do Indaiá
0%
2.504MGPedra Dourada
0%
7.843PBPedra Lavrada
0%
3.261SEPedra Mole
0%
2.494SPPedranópolis
0%
7.347BAPedrão
0%
3.976SCPedras Grandes
0%
13.578TOPedro Afonso
0%
6.716RNPedro Avelino
0%
2.536PIPedro Laurentino
0%
14.806RNPedro Velho
0%
3.874RSPejuçara
0%
38.470MAPenalva
0%
15.129RNPendências
0%
37.751CEPentecoste
0%
3.320MGPequeri
0%
5.477TOPequizeiro
0%
23.196MAPeritoró
0%
6.347PRPérola d'Oeste
0%
3.129GOPerolândia
0%
5.980SPPiacatu
0%
8.566MGPiedade de Caratinga
0%
4.140MGPiedade de Ponte Nova
0%
4.497MGPiedade do Rio Grande
0%
4.976PBPilõezinhos
0%
16.260BAPindaí
0%
32.941MAPindaré-Mirim
0%
2.908ALPindoba
0%
20.150BAPindobaçu
0%
4.941MGPingo-d'Água
0%
1.941RSPinhal da Serra
0%
4.350RSPinhal Grande
0%
3.555SCPinheiro Preto
0%
10.437BAPintadas
0%
3.692SPPiquerobi
0%
28.791PIPiracuruca
0%
6.199MGPirajuba
0%
5.472MGPiranguçu
0%
18.625MAPirapemas
0%
10.752MGPirapetinga
0%
10.787MGPiraúba
0%
24.755BAPiritiba
0%
10.579PBPirpirituba
0%
30.982PAPlacas
0%
9.322BAPlanaltino
0%
2.870SCPlanalto Alegre
0%
18.564PBPocinhos
0%
15.413RNPoço Branco
0%
3.888PBPoço Dantas
0%
14.386ALPoço das Trincheiras
0%
23.728SEPoço Verde
0%
8.432MGPocrane
0%
3.416SPPongaí
0%
4.596TOPonte Alta do Bom Jesus
0%
3.414SCPonte Alta do Norte
0%
11.593SCPonte Serrada
0%
2.577SPPontes Gestal
0%
7.863ESPonto Belo
0%
4.261MGPonto Chique
0%
14.914BAPonto Novo
0%
3.881GOPorteirão
0%
4.011GOPortelândia
0%
3.237PRPorto Barreiro
0%
12.017MTPorto Esperidião
0%
2.963MTPorto Estrela
0%
11.279MGPorto Firme
0%
23.885MAPorto Franco
0%
20.066ALPorto Real do Colégio
0%
7.224BAPotiraguá
0%
6.419CEPotiretama
0%
16.219MTPoxoréu
0%
3.753PRPrado Ferreira
0%
8.603MGPratápolis
0%
15.315MAPrimeira Cruz
0%
3.223GOProfessor Jamil
0%
2.688TOPugmil
0%
9.621RNPureza
0%
13.680PBPuxinanã
0%
3.563MGQuartel Geral
0%
13.608PAQuatipuru
0%
1.849RSQuatro Irmãos
0%
11.294ALQuebrangulo
0%
8.992PIQueimada Nova
0%
1.939MGQueluzito
0%
2.788RSQuevedos
0%
6.638SPQuintana
0%
22.621BARafael Jambeiro
0%
2.655PRRancho Alegre D'Oeste
0%
4.293TORecursolândia
0%
7.154MGReduto
0%
17.978PIRegeneração
0%
9.621SPReginópolis
0%
2.090RSRelvado
0%
19.621PBRemígio
0%
18.491CEReriutaba
0%
11.500MGResende Costa
0%
8.010PRReserva do Iguaçu
0%
14.396BARetirolândia
0%
22.339BARiachão das Neves
0%
4.521PBRiachão do Bacamarte
0%
4.509PBRiachão do Poço
0%
3.579RNRiacho da Cruz
0%
4.204RNRiacho de Santana
0%
1.948PBRiacho de Santo Antônio
0%
8.526PBRiacho dos Cavalos
0%
10.918GORialma
0%
4.801GORianápolis
0%
14.592BARibeira do Amparo
0%
10.206MTRibeirão Cascalheira
0%
4.718SPRibeirão Corrente
0%
4.541SPRibeirão do Sul
0%
7.341PIRibeiro Gonçalves
0%
9.981SPRinópolis
0%
4.096PRRio Branco do Ivaí
0%
3.764RORio Crespo
0%
2.130TORio da Conceição
0%
12.989BARio de Contas
0%
15.371BARio do Antônio
0%
5.940SCRio do Campo
0%
10.848RNRio do Fogo
0%
11.655BARio do Pires
0%
2.834TORio dos Bois
0%
5.474MGRio Espera
0%
6.432PIRio Grande do Piauí
0%
18.193PARio Maria
0%
14.339MGRio Piracicaba
0%
40.732BARio Real
0%
6.478TORio Sono
0%
5.524SPRiversul
0%
5.867RSRodeio Bonito
0%
8.109MGRodeiro
0%
9.331BARodelas
0%
2.323RSRolador
0%
17.151MTRosário Oeste
0%
6.664ALRoteiro
0%
5.995MGRubelita
0%
3.128SPRubiácea
0%
19.882GORubiataba
0%
10.241MGRubim
0%
15.819CESaboeiro
0%
2.432SPSagres
0%
2.650RSSaldanha Marinho
0%
11.890SPSales Oliveira
0%
5.300SPSalmourão
0%
4.935PRSalto do Itararé
0%
2.733RSSalvador das Missões
0%
23.752PASalvaterra
0%
5.671MASambaíba
0%
7.637GOSanclerlândia
0%
3.375TOSandolândia
0%
4.302SPSandovalina
0%
6.008SPSanta Albertina
0%
8.147MGSanta Bárbara do Leste
0%
3.150MGSanta Bárbara do Monte Verde
0%
4.430MGSanta Bárbara do Tugúrio
0%
4.525MTSanta Carmem
0%
12.592PESanta Cruz da Baixa Verde
0%
4.503SPSanta Cruz da Conceição
0%
2.139SPSanta Cruz da Esperança
0%
34.361SPSanta Cruz das Palmeiras
0%
6.315BASanta Cruz da Vitória
0%
4.142MGSanta Cruz de Salinas
0%
4.758MGSanta Cruz do Escalvado
0%
6.240PISanta Cruz do Piauí
0%
4.019PISanta Cruz dos Milagres
0%
4.409MGSanta Efigênia de Minas
0%
5.599SPSanta Ernestina
0%
8.562PRSanta Isabel do Ivaí
0%
14.659PRSanta Izabel do Oeste
0%
25.254MASanta Luzia do Paruá
0%
21.449PASanta Maria das Barreiras
0%
10.847MGSanta Maria de Itabira
0%
14.615MGSanta Maria do Suaçuí
0%
2.939SPSanta Mercedes
0%
1.487SPSantana da Ponte Pensa
0%
7.100MGSantana da Vargem
0%
3.872MGSantana de Cataguases
0%
5.162PBSantana de Mangueira
0%
7.642MGSantana de Pirapama
0%
32.452CESantana do Acaraú
0%
3.976MGSantana do Deserto
0%
2.458MGSantana do Garambéu
0%
47.654ALSantana do Ipanema
0%
8.674MGSantana do Manhuaçu
0%
12.791RNSantana do Matos
0%
10.740ALSantana do Mundaú
0%
4.295MGSantana do Riacho
0%
2.680RNSantana do Seridó
0%
7.031PBSantana dos Garrotes
0%
3.777MGSantana dos Montes
0%
8.943BASantanópolis
0%
6.709PASantarém Novo
0%
8.949MGSanta Rita de Caldas
0%
3.425MGSanta Rita de Ibitipoca
0%
4.884MGSanta Rita de Jacutinga
0%
8.756GOSanta Rita do Araguaia
0%
2.498SPSanta Rita d'Oeste
0%
5.489MGSanta Rita do Itueto
0%
3.343GOSanta Rita do Novo Destino
0%
7.851MSSanta Rita do Pardo
0%
8.358SCSanta Rosa do Sul
0%
2.428SCSanta Terezinha do Progresso
0%
3.146MTSanto Afonso
0%
4.821GOSanto Antônio da Barra
0%
10.175RSSanto Antônio das Missões
0%
6.415PISanto Antônio de Lisboa
0%
8.420SPSanto Antônio do Aracanguá
0%
3.602MGSanto Antônio do Aventureiro
0%
2.641PRSanto Antônio do Caiuá
0%
3.911MGSanto Antônio do Grama
0%
3.838MGSanto Antônio do Itambé
0%
11.640MGSanto Antônio do Jacinto
0%
5.954SPSanto Antônio do Jardim
0%
5.174MTSanto Antônio do Leste
0%
16.628MTSanto Antônio do Leverger
0%
2.128RSSanto Antônio do Palma
0%
2.106PRSanto Antônio do Paraíso
0%
2.019RSSanto Antônio do Planalto
0%
7.277MGSanto Antônio do Retiro
0%
1.765MGSanto Antônio do Rio Abaixo
0%
2.161PISanto Antônio dos Milagres
0%
20.166PRSanto Antônio do Sudoeste
0%
3.087MGSanto Hipólito
0%
4.777SPSantópolis do Aguapeí
0%
4.529PBSão Bentinho
0%
5.286MGSão Bento Abade
0%
2.747RNSão Bento do Norte
0%
4.449RNSão Bento do Trairí
0%
5.644MGSão Domingos das Dores
0%
25.557PASão Domingos do Araguaia
0%
7.392MASão Domingos do Azeitão
0%
31.989PASão Domingos do Capim
0%
2.615PBSão Domingos do Cariri
0%
17.359MGSão Domingos do Prata
0%
15.391BASão Félix do Coribe
0%
6.238MGSão Francisco de Sales
0%
11.798MASão Francisco do Brejão
0%
4.844MGSão Francisco do Glória
0%
4.228RNSão Francisco do Oeste
0%
3.962MGSão Geraldo da Piedade
0%
4.012MGSão Geraldo do Baixio
0%
8.389MGSão Gonçalo do Abaeté
0%
3.041PISão Gonçalo do Gurguéia
0%
10.920MGSão Gonçalo do Rio Abaixo
0%
3.167MGSão Gonçalo do Rio Preto
0%
25.449MGSão Gonçalo do Sapucaí
0%
4.608PISão João da Canabrava
0%
6.042PISão João da Fronteira
0%
4.915MGSão João da Lagoa
0%
13.740GOSão João d'Aliança
0%
1.381GOSão João da Paraúna
0%
6.139PASão João da Ponta
0%
25.165MGSão João da Ponte
0%
2.568SPSão João das Duas Pontes
0%
13.014MGSão João das Missões
0%
4.657RSSão João da Urtiga
0%
4.840PISão João da Varjota
0%
1.922SPSão João de Iracema
0%
23.045PASão João de Pirabas
0%
13.996PASão João do Araguaia
0%
7.989PISão João do Arraial
0%
5.855PRSão João do Caiuá
0%
4.199PBSão João do Cariri
0%
15.808MASão João do Carú
0%
3.733SCSão João do Itaperiú
0%
10.219PRSão João do Ivaí
0%
11.559MGSão João do Manhuaçu
0%
5.859MGSão João do Manteninha
0%
7.498MGSão João do Oriente
0%
4.419MGSão João do Pacuí
0%
11.177MASão João do Paraíso
0%
23.618MGSão João do Paraíso
0%
2.105SPSão João do Pau d'Alho
0%
2.552RSSão João do Polêsine
0%
18.034PBSão João do Rio do Peixe
0%
18.543MASão João do Soter
0%
25.929MASão João dos Patos
0%
4.422PBSão João do Tigre
0%
15.120PRSão João do Triunfo
0%
15.774MGSão João Evangelista
0%
9.050PRSão Jorge d'Oeste
0%
5.551PRSão Jorge do Ivaí
0%
5.641PRSão Jorge do Patrocínio
0%
7.426MGSão José da Barra
0%
8.928SPSão José da Bela Vista
0%
6.206PRSão José da Boa Vista
0%
7.630PBSão José da Lagoa Tapada
0%
23.927ALSão José da Laje
0%
4.268MGSão José da Safira
0%
32.260ALSão José da Tapera
0%
5.004MGSão José da Varginha
0%
5.657BASão José da Vitória
0%
6.359PBSão José de Caiana
0%
4.682PBSão José de Espinharas
0%
20.251PBSão José de Piranhas
0%
4.003PBSão José de Princesa
0%
4.196MGSão José do Alegre
0%
33.959PESão José do Belmonte
0%
3.557PBSão José do Bonfim
0%
1.801PBSão José do Brejo do Cruz
0%
12.856RNSão José do Campestre
0%
13.829SCSão José do Cedro
0%
8.295SCSão José do Cerrito
0%
5.346PISão José do Divino
0%
3.860MGSão José do Divino
0%
5.420MGSão José do Goiabal
0%
1.971RSSão José do Herval
0%
4.804RSSão José do Hortêncio
0%
2.073RSSão José do Inhacorá
0%
10.462BASão José do Jacuípe
0%
6.453MGSão José do Jacuri
0%
2.791MGSão José do Mantimento
0%
3.745PISão José do Peixe
0%
4.063MTSão José do Povo
0%
20.664MTSão José do Rio Claro
0%
4.141PBSão José do Sabugi
0%
7.641MASão José dos Basílios
0%
3.628PBSão José dos Cordeiros
0%
4.634RNSão José do Seridó
0%
18.906MTSão José dos Quatro Marcos
0%
5.957PBSão José dos Ramos
0%
5.595MTSão José do Xingu
0%
6.363PISão Julião
0%
7.724PBSão Mamede
0%
3.234RSSão Martinho da Serra
0%
2.452PISão Miguel da Baixa Grande
0%
1.820SCSão Miguel da Boa Vista
0%
3.039PISão Miguel do Fidalgo
0%
4.057GOSão Miguel do Passa Quatro
0%
17.662PISão Miguel do Tapuio
0%
12.690MASão Pedro da Água Branca
0%
2.009RSSão Pedro das Missões
0%
4.659MGSão Pedro da União
0%
5.823SCSão Pedro de Alcântara
0%
2.947RSSão Pedro do Butiá
0%
5.897PRSão Pedro do Iguaçu
0%
10.981PRSão Pedro do Ivaí
0%
4.668MASão Pedro dos Crentes
0%
7.781MGSão Pedro dos Ferros
0%
5.246MGSão Pedro do Suaçuí
0%
7.666SPSão Pedro do Turvo
0%
18.868MASão Raimundo das Mangabeiras
0%
5.237MASão Raimundo do Doca Bezerra
0%
5.504MGSão Sebastião da Bela Vista
0%
12.182SPSão Sebastião da Grama
0%
3.007MGSão Sebastião da Vargem Alegre
0%
11.661PBSão Sebastião de Lagoa de Roça
0%
6.555MGSão Sebastião do Anta
0%
10.044MGSão Sebastião do Maranhão
0%
6.775MGSão Sebastião do Oeste
0%
1.506MGSão Sebastião do Rio Preto
0%
2.241MGSão Sebastião do Rio Verde
0%
3.489PBSão Sebastião do Umbuzeiro
0%
2.242RSSão Valentim do Sul
0%
3.960TOSão Valério
0%
2.727RSSão Valério do Sul
0%
17.398BASapeaçu
0%
6.930MGSapucaí-Mirim
0%
10.285SPSarapuí
0%
6.300MGSardoá
0%
3.638SPSarutaiá
0%
17.273BASátiro Dias
0%
13.828ALSatuba
0%
13.914MASatubinha
0%
12.043BASaubara
0%
3.513SPSebastianópolis do Sul
0%
3.469PISebastião Barros
0%
4.294PISebastião Leal
0%
2.907RSSede Nova
0%
6.529MSSelvíria
0%
4.440RNSenador Georgino Avelino
0%
1.502MGSenador José Bento
0%
14.293MASenador La Rocque
0%
4.156MGSenador Modestino Gonçalves
0%
5.786MGSenhora de Oliveira
0%
3.523MGSenhora do Porto
0%
10.459MGSenhora dos Remédios
0%
7.326MGSericita
0%
1.851MGSeritinga
0%
5.762RNSerra de São Bento
0%
11.938RNSerra do Mel
0%
8.699MGSerra dos Aimorés
0%
10.253MASerrano do Maranhão
0%
14.878BASerra Preta
0%
7.041PBSerra Redonda
0%
4.800RNSerrinha dos Pintos
0%
13.397BASerrolândia
0%
12.258MGSetubinha
0%
17.496SPSeverínia
0%
10.041PISigefredo Pacheco
0%
5.403TOSilvanópolis
0%
2.261MGSilveirânia
0%
6.856GOSimolândia
0%
12.711PISimplício Mendes
0%
8.893SESiriri
0%
13.012BASítio do Mato
0%
9.986BASítio do Quinto
0%
5.553MGSobrália
0%
26.407PBSolânea
0%
18.324CESolonópole
0%
3.555PBSossêgo
0%
16.979BASouto Soares
0%
10.636MASucupira do Norte
0%
5.660MASucupira do Riachão
0%
6.730PISussuapara
0%
3.963SPSuzanápolis
0%
9.489MTTabaporã
0%
12.407SPTabapuã
0%
2.589TOTabocão
0%
2.566RNTaboleiro Grande
0%
6.285SPTaciba
0%
13.859SPTaguaí
0%
6.295SPTaiaçu
0%
2.148TOTaipas do Tocantins
0%
12.279RNTaipu
0%
5.566SPTaiúva
0%
26.251CETamboril
0%
2.919PITamboril do Piauí
0%
20.403BATanhaçu
0%
17.366BATanque Novo
0%
3.110MGTaparuba
0%
17.156AMTapauá
0%
17.010BATapiramutá
0%
12.960SPTapiratiba
0%
13.705MTTapurah
0%
4.077MGTaquaraçu de Minas
0%
19.980ALTaquarana
0%
5.852SPTaquarivaí
0%
3.072RSTaquaruçu do Sul
0%
3.588MSTaquarussu
0%
7.468SPTarabai
0%
8.592CETarrafas
0%
14.326MGTarumirim
0%
8.521MATasso Fragoso
0%
4.308ROTeixeirópolis
0%
19.187CETejuçuoca
0%
4.532SPTejupá
0%
3.058PBTenório
0%
22.518BATeofilândia
0%
14.943BATeolândia
0%
44.169ALTeotônio Vilela
0%
11.720PATerra Alta
0%
3.805MTTesouro
0%
7.877SCTimbó Grande
0%
2.658SPTimburi
0%
7.545TOTocantínia
0%
4.101MGTocos do Moji
0%
3.609MTTorixoréu
0%
2.806RSToropi
0%
1.724SPTrabiju
0%
30.959PATracuateua
0%
18.989PATrairão
0%
16.394BATremedal
0%
2.668RSTrês Arroios
0%
5.807SPTrês Fronteiras
0%
4.271RSTrês Palmeiras
0%
21.998MATrizidela do Vale
0%
3.500GOTrombas
0%
5.840MATufilândia
0%
6.732MGTumiritinga
0%
1.891TOTupirama
0%
2.671TOTupiratins
0%
35.604MATuriaçu
0%
25.619MATurilândia
0%
16.271CETururu
0%
4.598GOTurvânia
0%
5.281GOTurvelândia
0%
5.040MGTurvolândia
0%
19.895BAUbaíra
0%
12.471MGUbaporanga
0%
6.309SPUbarana
0%
2.015RSUbiretama
0%
10.110SPUchoa
0%
13.887BAUibaí
0%
15.242PBUiraúna
0%
59.210PAUlianópolis
0%
25.294SEUmbaúba
0%
19.222BAUmburanas
0%
2.611MGUmburatiba
0%
19.825CEUmirim
0%
14.659RNUpanema
0%
13.843GOUruana
0%
3.264MGUruana de Minas
0%
21.850CEUruburetama
0%
10.358MGUrucânia
0%
20.519BAUruçuca
0%
21.558PIUruçuí
0%
16.865MGUrucuia
0%
23.065AMUrucurituba
0%
13.840CEUruoca
0%
3.072GOUrutaí
0%
19.178BAUtinga
0%
3.127MTVale de São Domingos
0%
11.204ROVale do Anari
0%
2.113RSVanini
0%
6.480MGVargem Alegre
0%
4.947PIVárzea Branca
0%
14.104BAVárzea da Roça
0%
9.170BAVárzea do Poço
0%
12.697BAVárzea Nova
0%
8.838BAVarzedo
0%
9.355MGVerdelândia
0%
5.720MGVeredinha
0%
4.839MGVermelho Novo
0%
4.756RSViadutos
0%
13.863GOVianópolis
0%
8.743GOVicentinópolis
0%
5.348PBVieirópolis
0%
2.091RSVila Lângaro
0%
5.821GOVila Propício
0%
18.898SPViradouro
0%
5.380MGVirgolândia
0%
2.851RSVista Gaúcha
0%
3.798PBVista Serrana
0%
5.252MGVolta Grande
0%
9.345BAWagner
0%
11.683TOWanderlândia
0%
12.238BAWanderley
0%

Distribuição das Pontuações

Percentil de Números Respondidos

Porcentagem de Pessoas com Cada Pontuação

Sua Pontuação Histórica

Você não jogou esse quiz